{"text_format":"1","workbook":"xlsx","n_sheets":6,"sheets":["Master","Spyder","Marmot","CWG","Reebok","Puma"],"not_rendered":{"charts":0,"images":0,"macros":1,"external_links":0,"defined_names":0,"comments":0,"pivot_tables":0},"unopened":[],"bounds":{"document_bytes":16777216,"sheet_cells":100000,"rows_first":2000,"rows_last":500,"rows_between":2000,"halvings":0,"cell_chars":16384,"cell_head_chars":4096},"cells_cut":0,"cells_raw":0,"read":"whole","date_system":"1900"}

{"sheet":"Master","index":0,"n_rows":546,"n_cols":13,"rows_kept":546,"cut":false,"hidden":true,"merged":[]}
["UPC","PART #","Brand","Item","Category","Color","Size","Gender","MSRP","Wholesale Cost","ITEM QUANTITY","Sale Price","Ext Sale"]
[731990210918,"SPFFM23S-001","Spyder","Spyder Big Girl's Clara Short Puffer Jacket Black / S","Jackets","Black","S","Girl's",129,64.5,228,19.505882352941175,4447.3411764705879]
[731990211236,"SPFFM23S-001","Spyder","Spyder Big Girl's Clara Short Puffer Jacket Black / M","Jackets","Black","M","Girl's",129,64.5,456,19.505882352941175,8894.6823529411758]
[731990211243,"SPFFM23S-001","Spyder","Spyder Big Girl's Clara Short Puffer Jacket Black / L","Jackets","Black","L","Girl's",129,64.5,449,19.505882352941175,8758.1411764705881]
[731990212738,"SPFFM23S-001","Spyder","Spyder Big Girl's Clara Short Puffer Jacket Black / XL","Jackets","Black","XL","Girl's",129,64.5,174,19.505882352941175,3394.0235294117642]
[196601113338,"SPFFM32F-001","Spyder","Spyder Boy's Circuit Puffer Jacket Black / S","Jackets","Black","S","Boy's",149,74.5,243,22,5346]
[196601113321,"SPFFM32F-001","Spyder","Spyder Boy's Circuit Puffer Jacket Black / M","Jackets","Black","M","Boy's",149,74.5,355,22,7810]
[196601113314,"SPFFM32F-001","Spyder","Spyder Boy's Circuit Puffer Jacket Black / L","Jackets","Black","L","Boy's",149,74.5,571,22,12562]
[196601113345,"SPFFM32F-001","Spyder","Spyder Boy's Circuit Puffer Jacket Black / XL","Jackets","Black","XL","Boy's",149,74.5,243,22,5346]
[196601113413,"SPFFM32F-408","Spyder","Spyder Boy's Circuit Puffer Jacket Old Glory / S","Jackets","Old Glory","S","Boy's",149,74.5,232,22,5104]
[196601113406,"SPFFM32F-408","Spyder","Spyder Boy's Circuit Puffer Jacket Old Glory / M","Jackets","Old Glory","M","Boy's",149,74.5,575,22,12650]
[196601113390,"SPFFM32F-408","Spyder","Spyder Boy's Circuit Puffer Jacket Old Glory / L","Jackets","Old Glory","L","Boy's",149,74.5,627,22,13794]
[196601113420,"SPFFM32F-408","Spyder","Spyder Boy's Circuit Puffer Jacket Old Glory / XL","Jackets","Old Glory","XL","Boy's",149,74.5,327,22,7194]
[196601113451,"SPFFM32F-601","Spyder","Spyder Boy's Circuit Puffer Jacket Red / S","Jackets","Red","S","Boy's",149,74.5,228,22,5016]
[196601113444,"SPFFM32F-601","Spyder","Spyder Boy's Circuit Puffer Jacket Red / M","Jackets","Red","M","Boy's",149,74.5,642,22,14124]
[196601113437,"SPFFM32F-601","Spyder","Spyder Boy's Circuit Puffer Jacket Red / L","Jackets","Red","L","Boy's",149,74.5,664,22,14608]
[196601113468,"SPFFM32F-601","Spyder","Spyder Boy's Circuit Puffer Jacket Red / XL","Jackets","Red","XL","Boy's",149,74.5,348,22,7656]
[196601112218,"SPFFM28F-001","Spyder","Spyder Boy's Puffer Jacket Black / S","Jackets","Black","S","Boy's",149,74.5,237,23,5451]
[196601112201,"SPFFM28F-001","Spyder","Spyder Boy's Puffer Jacket Black / M","Jackets","Black","M","Boy's",149,74.5,488,23,11224]
[196601112096,"SPFFM28F-001","Spyder","Spyder Boy's Puffer Jacket Black / L","Jackets","Black","L","Boy's",149,74.5,528,23,12144]
[196601112225,"SPFFM28F-001","Spyder","Spyder Boy's Puffer Jacket Black / XL","Jackets","Black","XL","Boy's",149,74.5,112,23,2576]
[196601112638,"SPFFM28F-402","Spyder","Spyder Boy's Puffer Jacket Frontier / S","Jackets","Frontier","S","Boy's",149,74.5,244,23,5612]
[196601112621,"SPFFM28F-402","Spyder","Spyder Boy's Puffer Jacket Frontier / M","Jackets","Frontier","M","Boy's",149,74.5,576,23,13248]
[196601112614,"SPFFM28F-402","Spyder","Spyder Boy's Puffer Jacket Frontier / L","Jackets","Frontier","L","Boy's",149,74.5,565,23,12995]
[196601112645,"SPFFM28F-402","Spyder","Spyder Boy's Puffer Jacket Frontier / XL","Jackets","Frontier","XL","Boy's",149,74.5,232,23,5336]
[196601112515,"SPFFM28F-096","Spyder","Spyder Boy's Puffer Jacket Multi / S","Jackets","Multi","S","Boy's",149,74.5,146,23,3358]
[196601112508,"SPFFM28F-096","Spyder","Spyder Boy's Puffer Jacket Multi / M","Jackets","Multi","M","Boy's",149,74.5,525,23,12075]
[196601112393,"SPFFM28F-096","Spyder","Spyder Boy's Puffer Jacket Multi / L","Jackets","Multi","L","Boy's",149,74.5,559,23,12857]
[196601112522,"SPFFM28F-096","Spyder","Spyder Boy's Puffer Jacket Multi / XL","Jackets","Multi","XL","Boy's",149,74.5,258,23,5934]
[196601112713,"SPFFM28F-601","Spyder","Spyder Boy's Puffer Jacket Red / S","Jackets","Red","S","Boy's",149,74.5,237,23,5451]
[196601112706,"SPFFM28F-601","Spyder","Spyder Boy's Puffer Jacket Red / M","Jackets","Red","M","Boy's",149,74.5,527,23,12121]
[196601112690,"SPFFM28F-601","Spyder","Spyder Boy's Puffer Jacket Red / L","Jackets","Red","L","Boy's",149,74.5,569,23,13087]
[196601112720,"SPFFM28F-601","Spyder","Spyder Boy's Puffer Jacket Red / XL","Jackets","Red","XL","Boy's",149,74.5,272,23,6256]
[195958964310,"SPFFM25S-311","Spyder","Spyder Girl's Boundless Long Puffer Coat Aqua Sea / L (12/14)","Jackets","Aqua Sea","L (12/14)","Girl's",149,74.5,233,22.494117647058825,5241.1294117647067]
[195958964327,"SPFFM25S-311","Spyder","Spyder Girl's Boundless Long Puffer Coat Aqua Sea / M (8/10)","Jackets","Aqua Sea","M (8/10)","Girl's",149,74.5,180,22.494117647058825,4048.9411764705887]
[195958964334,"SPFFM25S-311","Spyder","Spyder Girl's Boundless Long Puffer Coat Aqua Sea / S (7)","Jackets","Aqua Sea","S (7)","Girl's",149,74.5,104,22.494117647058825,2339.3882352941177]
[195958964341,"SPFFM25S-311","Spyder","Spyder Girl's Boundless Long Puffer Coat Aqua Sea / XL (16)","Jackets","Aqua Sea","XL (16)","Girl's",149,74.5,112,22.494117647058825,2519.3411764705884]
[195958964495,"SPFFM25S-001","Spyder","Spyder Girl's Boundless Long Puffer Coat Black / L (12/14)","Jackets","Black","L (12/14)","Girl's",149,74.5,587,22.494117647058825,13204.047058823531]
[195958964501,"SPFFM25S-001","Spyder","Spyder Girl's Boundless Long Puffer Coat Black / M (8/10)","Jackets","Black","M (8/10)","Girl's",149,74.5,633,22.494117647058825,14238.776470588236]
[195958964518,"SPFFM25S-001","Spyder","Spyder Girl's Boundless Long Puffer Coat Black / S (7)","Jackets","Black","S (7)","Girl's",149,74.5,364,22.494117647058825,8187.8588235294128]
[195958964525,"SPFFM25S-001","Spyder","Spyder Girl's Boundless Long Puffer Coat Black / XL (16)","Jackets","Black","XL (16)","Girl's",149,74.5,245,22.494117647058825,5511.0588235294126]
[195958964532,"SPFFM25S-670","Spyder","Spyder Girl's Boundless Long Puffer Coat Hot Pink / L (12/14)","Jackets","Hot Pink","L (12/14)","Girl's",149,74.5,270,22.494117647058825,6073.4117647058829]
[195958964549,"SPFFM25S-670","Spyder","Spyder Girl's Boundless Long Puffer Coat Hot Pink / M (8/10)","Jackets","Hot Pink","M (8/10)","Girl's",149,null,232,22.494117647058825,5218.6352941176474]
[195958964556,"SPFFM25S-670","Spyder","Spyder Girl's Boundless Long Puffer Coat Hot Pink / S (7)","Jackets","Hot Pink","S (7)","Girl's",149,74.5,48,22.494117647058825,1079.7176470588236]
[195958964563,"SPFFM25S-670","Spyder","Spyder Girl's Boundless Long Puffer Coat Hot Pink / XL (16)","Jackets","Hot Pink","XL (16)","Girl's",149,74.5,234,22.494117647058825,5263.623529411765]
[195958964570,"SPFFM25S-680","Spyder","Spyder Girl's Boundless Long Puffer Coat Misty Rose / L (12/14)","Jackets","Misty Rose","L (12/14)","Girl's",149,74.5,526,22.494117647058825,11831.905882352941]
[195958964587,"SPFFM25S-680","Spyder","Spyder Girl's Boundless Long Puffer Coat Misty Rose / M (8/10)","Jackets","Misty Rose","M (8/10)","Girl's",149,74.5,730,22.494117647058825,16420.705882352944]
[195958964594,"SPFFM25S-680","Spyder","Spyder Girl's Boundless Long Puffer Coat Misty Rose / S (7)","Jackets","Misty Rose","S (7)","Girl's",149,74.5,307,22.494117647058825,6905.6941176470591]
[195958964600,"SPFFM25S-680","Spyder","Spyder Girl's Boundless Long Puffer Coat Misty Rose / XL (16)","Jackets","Misty Rose","XL (16)","Girl's",149,74.5,312,22.494117647058825,7018.1647058823537]
[731990210192,1299048,"Spyder","Spyder Men's 1/4 Zip Outbound Sweater Jacket Grey/Black / S","Jackets","Grey/Black","S","Men's",129,64.5,1,17.423529411764708,17.423529411764708]
[731990210215,1299048,"Spyder","Spyder Men's 1/4 Zip Outbound Sweater Jacket Grey/Black / L","Jackets","Grey/Black","L","Men's",129,64.5,19,17.423529411764708,331.04705882352943]
[731990210222,1299048,"Spyder","Spyder Men's 1/4 Zip Outbound Sweater Jacket Grey/Black / XL","Jackets","Grey/Black","XL","Men's",129,64.5,97,17.423529411764708,1690.0823529411766]
[731990210239,1299048,"Spyder","Spyder Men's 1/4 Zip Outbound Sweater Jacket Grey/Black / 2XL","Jackets","Grey/Black","2XL","Men's",129,64.5,1,17.423529411764708,17.423529411764708]
[196601111990,"SPFFM143-001","Spyder","Spyder Men's Curcuit Block Puffer Jacket Black / S","Jackets","Black","S","Men's",199,99.5,49,29.117647058823529,1426.7647058823529]
[196601111983,"SPFFM143-001","Spyder","Spyder Men's Curcuit Block Puffer Jacket Black / M","Jackets","Black","M","Men's",199,99.5,138,29.117647058823529,4018.2352941176468]
[196601111976,"SPFFM143-001","Spyder","Spyder Men's Curcuit Block Puffer Jacket Black / L","Jackets","Black","L","Men's",199,99.5,103,29.117647058823529,2999.1176470588234]
[196601112102,"SPFFM143-001","Spyder","Spyder Men's Curcuit Block Puffer Jacket Black / XL","Jackets","Black","XL","Men's",199,99.5,12,29.117647058823529,349.41176470588232]
[196601112133,"SPFFM143-069","Spyder","Spyder Men's Circuit Block Puffer Jacket Polar / S","Jackets","Polar","S","Men's",199,99.5,76,29.117647058823529,2212.9411764705883]
[196601112126,"SPFFM143-069","Spyder","Spyder Men's Circuit Block Puffer Jacket Polar / M","Jackets","Polar","M","Men's",199,99.5,146,29.117647058823529,4251.1764705882351]
[196601112119,"SPFFM143-069","Spyder","Spyder Men's Circuit Block Puffer Jacket Polar / L","Jackets","Polar","L","Men's",199,99.5,125,29.117647058823529,3639.705882352941]
[196601112140,"SPFFM143-069","Spyder","Spyder Men's Circuit Block Puffer Jacket Polar / XL","Jackets","Polar","XL","Men's",199,99.5,59,29.117647058823529,1717.9411764705883]
[196601112416,"SPFFM143-601","Spyder","Spyder Men's Circuit Block Puffer Jacket Red / S","Jackets","Red","S","Men's",199,99.5,41,29.117647058823529,1193.8235294117646]
[196601112409,"SPFFM143-601","Spyder","Spyder Men's Circuit Block Puffer Jacket Red / M","Jackets","Red","M","Men's",199,99.5,81,29.117647058823529,2358.5294117647059]
[196601112195,"SPFFM143-601","Spyder","Spyder Men's Circuit Block Puffer Jacket Red / L","Jackets","Red","L","Men's",199,99.5,82,29.117647058823529,2387.6470588235293]
[196601112423,"SPFFM143-601","Spyder","Spyder Men's Circuit Block Puffer Jacket Red / XL","Jackets","Red","XL","Men's",199,99.5,39,29.117647058823529,1135.5882352941176]
[196601084782,"SPFFD043-065","Spyder","Spyder Men's Constant Full Zip Jacket Charcoal Heather / S","Jackets","Charcoal Heather","S","Men's",129,64.5,222,19.411764705882355,4309.4117647058829]
[196601084775,"SPFFD043-065","Spyder","Spyder Men's Constant Full Zip Jacket Charcoal Heather / M","Jackets","Charcoal Heather","M","Men's",129,64.5,342,23.211764705882356,7938.4235294117652]
[196601084768,"SPFFD043-065","Spyder","Spyder Men's Constant Full Zip Jacket Charcoal Heather / L","Jackets","Charcoal Heather","L","Men's",129,64.5,246,23.211764705882356,5710.0941176470596]
[196601084799,"SPFFD043-065","Spyder","Spyder Men's Constant Full Zip Jacket Charcoal Heather / XL","Jackets","Charcoal Heather","XL","Men's",129,64.5,19,23.211764705882356,441.02352941176474]
[196601084867,"SPFFD043-069","Spyder","Spyder Men's Constant Full Zip Jacket Polar / S","Jackets","Polar","S","Men's",129,64.5,168,23.211764705882356,3899.5764705882357]
[196601084850,"SPFFD043-069","Spyder","Spyder Men's Constant Full Zip Jacket Polar / M","Jackets","Polar","M","Men's",129,64.5,263,23.211764705882356,6104.69411764706]
[196601084843,"SPFFD043-069","Spyder","Spyder Men's Constant Full Zip Jacket Polar / L","Jackets","Polar","L","Men's",129,64.5,135,23.211764705882356,3133.588235294118]
[196601084874,"SPFFD043-069","Spyder","Spyder Men's Constant Full Zip Jacket Polar / XL","Jackets","Polar","XL","Men's",129,64.5,8,23.211764705882356,185.69411764705885]
[196601083341,"SPFFD133-275","Spyder","Spyder Men's Expo Full Zip Oatmeal Heather / S","Jackets","Oatmeal Heather","S","Men's",149,74.5,408,22.847058823529416,9321.6000000000022]
[196601083334,"SPFFD133-275","Spyder","Spyder Men's Expo Full Zip Oatmeal Heather / M","Jackets","Oatmeal Heather","M","Men's",149,74.5,719,22.847058823529416,16427.03529411765]
[196601083327,"SPFFD133-275","Spyder","Spyder Men's Expo Full Zip Oatmeal Heather / L","Jackets","Oatmeal Heather","L","Men's",149,74.5,613,22.847058823529416,14005.247058823532]
[196601083358,"SPFFD133-275","Spyder","Spyder Men's Expo Full Zip Oatmeal Heather / XL","Jackets","Oatmeal Heather","XL","Men's",149,74.5,100,22.847058823529416,2284.7058823529414]
[196601083228,"SPFFD023-050","Spyder","Spyder Men's Mendoza Full Zip Jacket Heather Grey / S","Jackets","Heather Grey","S","Men's",99,49.5,204,23.235294117647058,4740]
[196601083211,"SPFFD023-050","Spyder","Spyder Men's Mendoza Full Zip Jacket Heather Grey / M","Jackets","Heather Grey","M","Men's",99,null,372,23.235294117647058,8643.5294117647063]
[196601083204,"SPFFD023-050","Spyder","Spyder Men's Mendoza Full Zip Jacket Heather Grey / L","Jackets","Heather Grey","L","Men's",99,49.5,329,23.235294117647058,7644.411764705882]
[196601083235,"SPFFD023-050","Spyder","Spyder Men's Mendoza Full Zip Jacket Heather Grey / XL","Jackets","Heather Grey","XL","Men's",99,49.5,95,23.235294117647058,2207.3529411764707]
[196601083389,"SPFFD023-275","Spyder","Spyder Men's Mendoza Full Zip Jacket Oatmeal Heather / S","Jackets","Oatmeal Heather","S","Men's",99,49.5,195,23.235294117647058,4530.8823529411766]
[196601083372,"SPFFD023-275","Spyder","Spyder Men's Mendoza Full Zip Jacket Oatmeal Heather / M","Jackets","Oatmeal Heather","M","Men's",99,49.5,448,23.235294117647058,10409.411764705881]
[196601083365,"SPFFD023-275","Spyder","Spyder Men's Mendoza Full Zip Jacket Oatmeal Heather / L","Jackets","Oatmeal Heather","L","Men's",99,49.5,383,23.235294117647058,8899.1176470588234]
[196601083396,"SPFFD023-275","Spyder","Spyder Men's Mendoza Full Zip Jacket Oatmeal Heather / XL","Jackets","Oatmeal Heather","XL","Men's",99,49.5,157,23.235294117647058,3647.9411764705883]
[196601083303,"SPFFD023-069","Spyder","Spyder Men's Mendoza Full Zip Jacket Polar / S","Jackets","Polar","S","Men's",99,49.5,149,22.352941176470591,3330.588235294118]
[196601083297,"SPFFD023-069","Spyder","Spyder Men's Mendoza Full Zip Jacket Polar / M","Jackets","Polar","M","Men's",99,49.5,286,22.352941176470591,6392.9411764705892]
[196601083280,"SPFFD023-069","Spyder","Spyder Men's Mendoza Full Zip Jacket Polar / L","Jackets","Polar","L","Men's",99,49.5,224,22.352941176470591,5007.0588235294126]
[196601083310,"SPFFD023-069","Spyder","Spyder Men's Mendoza Full Zip Jacket Polar / XL","Jackets","Polar","XL","Men's",99,49.5,21,22.352941176470591,469.41176470588238]
[196601111839,"SPFFM133-001","Spyder","Spyder Men's Nexus Puffer Jacket Black / S","Jackets","Black","S","Men's",199,99.5,155,29.705882352941178,4604.4117647058829]
[196601111822,"SPFFM133-001","Spyder","Spyder Men's Nexus Puffer Jacket Black / M","Jackets","Black","M","Men's",199,99.5,304,29.705882352941178,9030.5882352941171]
[196601111815,"SPFFM133-001","Spyder","Spyder Men's Nexus Puffer Jacket Black / L","Jackets","Black","L","Men's",199,99.5,298,29.705882352941178,8852.3529411764703]
[196601111846,"SPFFM133-001","Spyder","Spyder Men's Nexus Puffer Jacket Black / XL","Jackets","Black","XL","Men's",199,99.5,146,29.705882352941178,4337.0588235294117]
[196601111952,"SPFFM133-402","Spyder","Spyder Men's Nexus Puffer Jacket Frontier / S","Jackets","Frontier","S","Men's",199,99.5,100,29.705882352941178,2970.5882352941176]
[196601111945,"SPFFM133-402","Spyder","Spyder Men's Nexus Puffer Jacket Frontier / M","Jackets","Frontier","M","Men's",199,99.5,180,29.705882352941178,5347.0588235294117]
[196601111938,"SPFFM133-402","Spyder","Spyder Men's Nexus Puffer Jacket Frontier / L","Jackets","Frontier","L","Men's",199,99.5,223,29.705882352941178,6624.4117647058829]
[196601111969,"SPFFM133-402","Spyder","Spyder Men's Nexus Puffer Jacket Frontier / XL","Jackets","Frontier","XL","Men's",199,99.5,65,29.705882352941178,1930.8823529411766]
[196601112454,"SPFFM153-001","Spyder","Spyder Men's Print Circuit Block Puffer Jacket Black / S","Jackets","Black","S","Men's",199,99.5,322,29.117647058823529,9375.8823529411766]
[196601112447,"SPFFM153-001","Spyder","Spyder Men's Print Circuit Block Puffer Jacket Black / M","Jackets","Black","M","Men's",199,99.5,611,29.117647058823529,17790.882352941175]
[196601112430,"SPFFM153-001","Spyder","Spyder Men's Print Circuit Block Puffer Jacket Black / L","Jackets","Black","L","Men's",199,99.5,599,29.117647058823529,17441.470588235294]
[196601112461,"SPFFM153-001","Spyder","Spyder Men's Print Circuit Block Puffer Jacket Black / XL","Jackets","Black","XL","Men's",199,99.5,280,29.117647058823529,8152.9411764705883]
[196601085222,"SPFFD053-050","Spyder","Spyder Men's Raider 2.0 Full Zip Jacket Grey Heather Polar / S","Jackets","Grey Heather Polar","S","Men's",129,64.5,470,23.8,11186]
[196601085215,"SPFFD053-050","Spyder","Spyder Men's Raider 2.0 Full Zip Jacket Grey Heather Polar / M","Jackets","Grey Heather Polar","M","Men's",129,64.5,899,23.8,21396.2]
[196601085208,"SPFFD053-050","Spyder","Spyder Men's Raider 2.0 Full Zip Jacket Grey Heather Polar / L","Jackets","Grey Heather Polar","L","Men's",129,64.5,819,23.8,19492.2]
[196601085239,"SPFFD053-050","Spyder","Spyder Men's Raider 2.0 Full Zip Jacket Grey Heather Polar / XL","Jackets","Grey Heather Polar","XL","Men's",129,64.5,335,23.8,7973]
[196601085345,"SPFFD053-429","Spyder","Spyder Men's Raider 2.0 Full Zip Jacket Marlin Frontier / S","Jackets","Marlin Frontier","S","Men's",129,64.5,208,23.8,4950.4000000000005]
[196601085338,"SPFFD053-429","Spyder","Spyder Men's Raider 2.0 Full Zip Jacket Marlin Frontier / M","Jackets","Marlin Frontier","M","Men's",129,64.5,406,23.8,9662.8000000000011]
[196601085321,"SPFFD053-429","Spyder","Spyder Men's Raider 2.0 Full Zip Jacket Marlin Frontier / L","Jackets","Marlin Frontier","L","Men's",129,64.5,353,23.8,8401.4]
[196601085352,"SPFFD053-429","Spyder","Spyder Men's Raider 2.0 Full Zip Jacket Marlin Frontier / XL","Jackets","Marlin Frontier","XL","Men's",129,64.5,101,23.8,2403.8000000000002]
[196601085307,"SPFFD053-314","Spyder","Spyder Men's Raider 2.0 Full Zip Jacket Moss Black / S","Jackets","Moss Black","S","Men's",129,64.5,159,23.8,3784.2000000000003]
[196601085291,"SPFFD053-314","Spyder","Spyder Men's Raider 2.0 Full Zip Jacket Moss Black / M","Jackets","Moss Black","M","Men's",129,64.5,303,23.8,7211.4000000000005]
[196601085284,"SPFFD053-314","Spyder","Spyder Men's Raider 2.0 Full Zip Jacket Moss Black / L","Jackets","Moss Black","L","Men's",129,64.5,267,23.8,6354.6]
[196601085314,"SPFFD053-314","Spyder","Spyder Men's Raider 2.0 Full Zip Jacket Moss Black / XL","Jackets","Moss Black","XL","Men's",129,64.5,86,23.8,2046.8]
[196601085260,"SPFFD053-275","Spyder","Spyder Men's Raider 2.0 Full Zip Jacket Oatmeal Heather Black / S","Jackets","Oatmeal Heather Black","S","Men's",129,64.5,719,23.8,17112.2]
[196601085253,"SPFFD053-275","Spyder","Spyder Men's Raider 2.0 Full Zip Jacket Oatmeal Heather Black / M","Jackets","Oatmeal Heather Black","M","Men's",129,64.5,1403,23.8,33391.4]
[196601085246,"SPFFD053-275","Spyder","Spyder Men's Raider 2.0 Full Zip Jacket Oatmeal Heather Black / L","Jackets","Oatmeal Heather Black","L","Men's",129,64.5,1237,23.8,29440.600000000002]
[196601085277,"SPFFD053-275","Spyder","Spyder Men's Raider 2.0 Full Zip Jacket Oatmeal Heather Black / XL","Jackets","Oatmeal Heather Black","XL","Men's",129,64.5,634,23.8,15089.2]
[196601085383,"SPFFD053-601","Spyder","Spyder Men's Raider 2.0 Full Zip Jacket Red / S","Jackets","Red","S","Men's",129,64.5,315,23.8,7497]
[196601085376,"SPFFD053-601","Spyder","Spyder Men's Raider 2.0 Full Zip Jacket Red / M","Jackets","Red","M","Men's",129,64.5,614,23.8,14613.2]
[196601085369,"SPFFD053-601","Spyder","Spyder Men's Raider 2.0 Full Zip Jacket Red / L","Jackets","Red","L","Men's",129,64.5,599,23.8,14256.2]
[196601085390,"SPFFD053-601","Spyder","Spyder Men's Raider 2.0 Full Zip Jacket Red / XL","Jackets","Red","XL","Men's",129,64.5,265,23.8,6307]
[196601083747,"SPFFD033-001","Spyder","Spyder Men's Raider Full Zip Jacket Black / S","Jackets","Black","S","Men's",129,64.5,138,23.235294117647058,3206.4705882352941]
[196601083730,"SPFFD033-001","Spyder","Spyder Men's Raider Full Zip Jacket Black / M","Jackets","Black","M","Men's",129,64.5,227,23.235294117647058,5274.411764705882]
[196601083723,"SPFFD033-001","Spyder","Spyder Men's Raider Full Zip Jacket Black / L","Jackets","Black","L","Men's",129,64.5,89,23.235294117647058,2067.9411764705883]
[196601083754,"SPFFD033-001","Spyder","Spyder Men's Raider Full Zip Jacket Black / XL","Jackets","Black","XL","Men's",129,64.5,36,23.235294117647058,836.47058823529414]
[196601084546,"SPFFD033-986","Spyder","Spyder Men's Raider Full Zip Jacket Black Multi / S","Jackets","Black Multi","S","Men's",129,64.5,62,23.235294117647058,1440.5882352941176]
[196601084539,"SPFFD033-986","Spyder","Spyder Men's Raider Full Zip Jacket Black Multi / M","Jackets","Black Multi","M","Men's",129,64.5,73,23.235294117647058,1696.1764705882351]
[196601084522,"SPFFD033-986","Spyder","Spyder Men's Raider Full Zip Jacket Black Multi / L","Jackets","Black Multi","L","Men's",129,64.5,33,23.235294117647058,766.76470588235293]
[196601084553,"SPFFD033-986","Spyder","Spyder Men's Raider Full Zip Jacket Black Multi / XL","Jackets","Black Multi","XL","Men's",129,64.5,12,23.235294117647058,278.8235294117647]
[196601083983,"SPFFD033-065","Spyder","Spyder Men's Raider Full Zip Jacket Charcoal Heather / S","Jackets","Charcoal Heather","S","Men's",129,64.5,69,16.435294117647061,1134.0352941176473]
[196601083976,"SPFFD033-065","Spyder","Spyder Men's Raider Full Zip Jacket Charcoal Heather / M","Jackets","Charcoal Heather","M","Men's",129,64.5,110,16.435294117647061,1807.8823529411766]
[196601083969,"SPFFD033-065","Spyder","Spyder Men's Raider Full Zip Jacket Charcoal Heather / L","Jackets","Charcoal Heather","L","Men's",129,64.5,78,16.435294117647061,1281.9529411764706]
[196601083990,"SPFFD033-065","Spyder","Spyder Men's Raider Full Zip Jacket Charcoal Heather / XL","Jackets","Charcoal Heather","XL","Men's",129,64.5,38,16.435294117647061,624.54117647058831]
[196601083860,"SPFFD033-050","Spyder","Spyder Men's Raider Full Zip Jacket Heather Grey / S","Jackets","Heather Grey","S","Men's",129,64.5,210,23.235294117647058,4879.411764705882]
[196601083853,"SPFFD033-050","Spyder","Spyder Men's Raider Full Zip Jacket Heather Grey / M","Jackets","Heather Grey","M","Men's",129,64.5,372,23.235294117647058,8643.5294117647063]
[196601083846,"SPFFD033-050","Spyder","Spyder Men's Raider Full Zip Jacket Heather Grey / L","Jackets","Heather Grey","L","Men's",129,64.5,326,23.235294117647058,7574.7058823529405]
[196601083877,"SPFFD033-050","Spyder","Spyder Men's Raider Full Zip Jacket Heather Grey / XL","Jackets","Heather Grey","XL","Men's",129,64.5,50,23.235294117647058,1161.7647058823529]
[196601083662,"SPFFD153-001","Spyder","Spyder Men's Sherpa Lightweight Jacket Black/Black/Polar / S","Jackets","Black/Black/Polar","S","Men's",169,84.5,195,23.435294117647061,4569.8823529411766]
[196601083655,"SPFFD153-001","Spyder","Spyder Men's Sherpa Lightweight Jacket Black/Black/Polar / M","Jackets","Black/Black/Polar","M","Men's",169,84.5,324,23.435294117647061,7593.0352941176479]
[196601083648,"SPFFD153-001","Spyder","Spyder Men's Sherpa Lightweight Jacket Black/Black/Polar / L","Jackets","Black/Black/Polar","L","Men's",169,84.5,298,23.435294117647061,6983.7176470588238]
[196601083679,"SPFFD153-001","Spyder","Spyder Men's Sherpa Lightweight Jacket Black/Black/Polar / XL","Jackets","Black/Black/Polar","XL","Men's",169,84.5,56,23.435294117647061,1312.3764705882354]
[196601083785,"SPFFD153-265","Spyder","Spyder Men's Sherpa Lightweight Jacket Canvas/Toasted / S","Jackets","Canvas/Toasted","S","Men's",169,84.5,105,23.435294117647061,2460.7058823529414]
[196601083778,"SPFFD153-265","Spyder","Spyder Men's Sherpa Lightweight Jacket Canvas/Toasted / M","Jackets","Canvas/Toasted","M","Men's",169,84.5,205,23.435294117647061,4804.2352941176478]
[196601083761,"SPFFD153-265","Spyder","Spyder Men's Sherpa Lightweight Jacket Canvas/Toasted / L","Jackets","Canvas/Toasted","L","Men's",169,84.5,180,23.435294117647061,4218.3529411764712]
[196601083792,"SPFFD153-265","Spyder","Spyder Men's Sherpa Lightweight Jacket Canvas/Toasted / XL","Jackets","Canvas/Toasted","XL","Men's",169,84.5,45,23.435294117647061,1054.5882352941178]
[196601113055,"SPFFM203-069","Spyder","Spyder Men's Tempo Jacket Polar / S","Jackets","Polar","S","Men's",149,74.5,321,21.505882352941178,6903.3882352941182]
[196601113048,"SPFFM203-069","Spyder","Spyder Men's Tempo Jacket Polar / M","Jackets","Polar","M","Men's",149,74.5,665,21.505882352941178,14301.411764705883]
[196601113031,"SPFFM203-069","Spyder","Spyder Men's Tempo Jacket Polar / L","Jackets","Polar","L","Men's",149,74.5,588,21.505882352941178,12645.458823529412]
[196601113062,"SPFFM203-069","Spyder","Spyder Men's Tempo Jacket Polar / XL","Jackets","Polar","XL","Men's",149,74.5,208,21.505882352941178,4473.2235294117654]
[196601113093,"SPFFM203-601","Spyder","Spyder Men's Tempo Jacket Red / S","Jackets","Red","S","Men's",149,74.5,577,21.505882352941178,12408.89411764706]
[196601113086,"SPFFM203-601","Spyder","Spyder Men's Tempo Jacket Red / M","Jackets","Red","M","Men's",149,74.5,1167,21.505882352941178,25097.364705882355]
[196601113079,"SPFFM203-601","Spyder","Spyder Men's Tempo Jacket Red / L","Jackets","Red","L","Men's",149,74.5,1100,21.505882352941178,23656.470588235297]
[196601113208,"SPFFM203-601","Spyder","Spyder Men's Tempo Jacket Red / XL","Jackets","Red","XL","Men's",149,74.5,506,21.505882352941178,10881.976470588235]
[196601085666,"SPFFB005-001","Spyder","Spyder Women's Bailey Sherpa Jacket Black / S","Jackets","Black","S","Women's",159,79.5,265,18.494117647058825,4900.9411764705883]
[196601085659,"SPFFB005-001","Spyder","Spyder Women's Bailey Sherpa Jacket Black / M","Jackets","Black","M","Women's",159,79.5,565,18.494117647058825,10449.176470588236]
[196601085642,"SPFFB005-001","Spyder","Spyder Women's Bailey Sherpa Jacket Black / L","Jackets","Black","L","Women's",159,79.5,579,18.494117647058825,10708.094117647061]
[196601085673,"SPFFB005-001","Spyder","Spyder Women's Bailey Sherpa Jacket Black / XL","Jackets","Black","XL","Women's",159,79.5,244,18.494117647058825,4512.5647058823533]
[196601085703,"SPFFB005-105","Spyder","Spyder Women's Bailey Sherpa Jacket Moonbeam / S","Jackets","Moonbeam","S","Women's",159,79.5,66,22.058823529411764,1455.8823529411764]
[196601085697,"SPFFB005-105","Spyder","Spyder Women's Bailey Sherpa Jacket Moonbeam / M","Jackets","Moonbeam","M","Women's",159,79.5,132,22.058823529411764,2911.7647058823527]
[196601085680,"SPFFB005-105","Spyder","Spyder Women's Bailey Sherpa Jacket Moonbeam / L","Jackets","Moonbeam","L","Women's",159,79.5,133,22.058823529411764,2933.8235294117649]
[196601085710,"SPFFB005-105","Spyder","Spyder Women's Bailey Sherpa Jacket Moonbeam / XL","Jackets","Moonbeam","XL","Women's",159,79.5,66,22.058823529411764,1455.8823529411764]
[196601086588,"SPFFD015-311","Spyder","Spyder Women's Cara Full Zip Jacket Aqua Sea / S","Jackets","Aqua Sea","S","Women's",129,64.5,128,16.411764705882351,2100.705882352941]
[196601086571,"SPFFD015-311","Spyder","Spyder Women's Cara Full Zip Jacket Aqua Sea / M","Jackets","Aqua Sea","M","Women's",129,64.5,300,16.411764705882351,4923.5294117647054]
[196601086564,"SPFFD015-311","Spyder","Spyder Women's Cara Full Zip Jacket Aqua Sea / L","Jackets","Aqua Sea","L","Women's",129,64.5,286,16.411764705882351,4693.7647058823522]
[196601086595,"SPFFD015-311","Spyder","Spyder Women's Cara Full Zip Jacket Aqua Sea / XL","Jackets","Aqua Sea","XL","Women's",129,64.5,113,16.411764705882351,1854.5294117647056]
[196601086502,"SPFFD015-001","Spyder","Spyder Women's Cara Full Zip Jacket Black / S","Jackets","Black","S","Women's",129,64.5,166,16.411764705882351,2724.3529411764703]
[196601086496,"SPFFD015-001","Spyder","Spyder Women's Cara Full Zip Jacket Black / M","Jackets","Black","M","Women's",129,64.5,373,16.411764705882351,6121.5882352941171]
[196601086489,"SPFFD015-001","Spyder","Spyder Women's Cara Full Zip Jacket Black / L","Jackets","Black","L","Women's",129,64.5,338,16.411764705882351,5547.1764705882351]
[196601086519,"SPFFD015-001","Spyder","Spyder Women's Cara Full Zip Jacket Black / XL","Jackets","Black","XL","Women's",129,64.5,82,16.411764705882351,1345.7647058823529]
[196601086625,"SPFFD015-402","Spyder","Spyder Women's Cara Full Zip Jacket Frontier / S","Jackets","Frontier","S","Women's",129,64.5,306,16.411764705882351,5022]
[196601086618,"SPFFD015-402","Spyder","Spyder Women's Cara Full Zip Jacket Frontier / M","Jackets","Frontier","M","Women's",129,64.5,719,16.411764705882351,11800.058823529411]
[196601086601,"SPFFD015-402","Spyder","Spyder Women's Cara Full Zip Jacket Frontier / L","Jackets","Frontier","L","Women's",129,64.5,676,16.411764705882351,11094.35294117647]
[196601086632,"SPFFD015-402","Spyder","Spyder Women's Cara Full Zip Jacket Frontier / XL","Jackets","Frontier","XL","Women's",129,64.5,276,16.411764705882351,4529.6470588235288]
[196601086540,"SPFFD015-275","Spyder","Spyder Women's Cara Full Zip Jacket Oatmeal Heather / S","Jackets","Oatmeal Heather","S","Women's",129,64.5,189,16.411764705882351,3101.8235294117644]
[196601086533,"SPFFD015-275","Spyder","Spyder Women's Cara Full Zip Jacket Oatmeal Heather / M","Jackets","Oatmeal Heather","M","Women's",129,64.5,428,16.411764705882351,7024.2352941176468]
[196601086526,"SPFFD015-275","Spyder","Spyder Women's Cara Full Zip Jacket Oatmeal Heather / L","Jackets","Oatmeal Heather","L","Women's",129,64.5,455,16.411764705882351,7467.3529411764703]
[196601086557,"SPFFD015-275","Spyder","Spyder Women's Cara Full Zip Jacket Oatmeal Heather / XL","Jackets","Oatmeal Heather","XL","Women's",129,64.5,206,16.411764705882351,3380.8235294117644]
[196601110351,"SPFFM025-030","Spyder","Spyder Women's Clara Short Puffer Jacket Mineral / S","Jackets","Mineral","S","Women's",199,99.5,158,29.317647058823532,4632.1882352941184]
[196601110344,"SPFFM025-030","Spyder","Spyder Women's Clara Short Puffer Jacket Mineral / M","Jackets","Mineral","M","Women's",199,99.5,474,29.317647058823532,13896.564705882354]
[196601110337,"SPFFM025-030","Spyder","Spyder Women's Clara Short Puffer Jacket Mineral / L","Jackets","Mineral","L","Women's",199,99.5,350,29.317647058823532,10261.176470588236]
[196601110368,"SPFFM025-030","Spyder","Spyder Women's Clara Short Puffer Jacket Mineral / XL","Jackets","Mineral","XL","Women's",199,99.5,7,29.317647058823532,205.22352941176473]
[196601110511,"SPFFM025-680","Spyder","Spyder Women's Clara Short Puffer Jacket Misty Rose / S","Jackets","Misty Rose","S","Women's",199,99.5,238,29.317647058823532,6977.6]
[196601110504,"SPFFM025-680","Spyder","Spyder Women's Clara Short Puffer Jacket Misty Rose / M","Jackets","Misty Rose","M","Women's",199,99.5,595,29.317647058823532,17444]
[196601110498,"SPFFM025-680","Spyder","Spyder Women's Clara Short Puffer Jacket Misty Rose / L","Jackets","Misty Rose","L","Women's",199,null,651,29.317647058823532,19085.78823529412]
[196601110528,"SPFFM025-680","Spyder","Spyder Women's Clara Short Puffer Jacket Misty Rose / XL","Jackets","Misty Rose","XL","Women's",199,99.5,242,29.317647058823532,7094.8705882352951]
[196601110757,"SPFFM055-001","Spyder","Spyder Women's Explorer Parka Black / S","Jackets","Black","S","Women's",199,99.5,96,37.388235294117649,3589.2705882352943]
[196601110740,"SPFFM055-001","Spyder","Spyder Women's Explorer Parka Black / M","Jackets","Black","M","Women's",199,99.5,192,37.388235294117649,7178.5411764705887]
[196601110733,"SPFFM055-001","Spyder","Spyder Women's Explorer Parka Black / L","Jackets","Black","L","Women's",199,99.5,180,37.388235294117649,6729.8823529411766]
[196601110764,"SPFFM055-001","Spyder","Spyder Women's Explorer Parka Black / XL","Jackets","Black","XL","Women's",199,99.5,89,37.388235294117649,3327.552941176471]
[196601110153,"SPFFM005-001","Spyder","Spyder Women's Full Zip Hooded Hybrid Jacket Black / S","Jackets","Black","S","Women's",179,89.5,19,20.494117647058825,389.38823529411769]
[196601110146,"SPFFM005-001","Spyder","Spyder Women's Full Zip Hooded Hybrid Jacket Black / M","Jackets","Black","M","Women's",179,89.5,40,20.494117647058825,819.76470588235304]
[196601110139,"SPFFM005-001","Spyder","Spyder Women's Full Zip Hooded Hybrid Jacket Black / L","Jackets","Black","L","Women's",179,89.5,41,20.494117647058825,840.25882352941187]
[196601110160,"SPFFM005-001","Spyder","Spyder Women's Full Zip Hooded Hybrid Jacket Black / XL","Jackets","Black","XL","Women's",179,89.5,18,20.494117647058825,368.89411764705886]
[196601086229,"SPFFD005-001","Spyder","Spyder Women's Full Zip Jacket Black / S","Jackets","Black","S","Women's",129,64.5,52,17,884]
[196601086212,"SPFFD005-001","Spyder","Spyder Women's Full Zip Jacket Black / M","Jackets","Black","M","Women's",129,64.5,104,17,1768]
[196601086205,"SPFFD005-001","Spyder","Spyder Women's Full Zip Jacket Black / L","Jackets","Black","L","Women's",129,64.5,109,17,1853]
[196601086236,"SPFFD005-001","Spyder","Spyder Women's Full Zip Jacket Black / XL","Jackets","Black","XL","Women's",129,64.5,63,17,1071]
[196601086304,"SPFFD005-050","Spyder","Spyder Women's Full Zip Jacket Heather Grey / S","Jackets","Heather Grey","S","Women's",129,64.5,27,17,459]
[196601086298,"SPFFD005-050","Spyder","Spyder Women's Full Zip Jacket Heather Grey / M","Jackets","Heather Grey","M","Women's",129,64.5,57,17,969]
[196601086281,"SPFFD005-050","Spyder","Spyder Women's Full Zip Jacket Heather Grey / L","Jackets","Heather Grey","L","Women's",129,64.5,50,17,850]
[196601086311,"SPFFD005-050","Spyder","Spyder Women's Full Zip Jacket Heather Grey / XL","Jackets","Heather Grey","XL","Women's",129,64.5,26,17,442]
[196601085901,"SPFFB045-050","Spyder","Spyder Women's Hayer Full Zip Hoodie Heather Grey / S","Jackets","Heather Grey","S","Women's",99,49.5,121,17.329411764705885,2096.8588235294119]
[196601085895,"SPFFB045-050","Spyder","Spyder Women's Hayer Full Zip Hoodie Heather Grey / M","Jackets","Heather Grey","M","Women's",99,49.5,297,17.329411764705885,5146.8352941176481]
[196601085888,"SPFFB045-050","Spyder","Spyder Women's Hayer Full Zip Hoodie Heather Grey / L","Jackets","Heather Grey","L","Women's",99,49.5,304,17.329411764705885,5268.141176470589]
[196601085918,"SPFFB045-050","Spyder","Spyder Women's Hayer Full Zip Hoodie Heather Grey / XL","Jackets","Heather Grey","XL","Women's",99,49.5,80,17.329411764705885,1386.3529411764707]
[196601085949,"SPFFB045-100","Spyder","Spyder Women's Hayer Full Zip Hoodie White / S","Jackets","White","S","Women's",99,49.5,11,17.329411764705885,190.62352941176474]
[196601085932,"SPFFB045-100","Spyder","Spyder Women's Hayer Full Zip Hoodie White / M","Jackets","White","M","Women's",99,49.5,350,17.329411764705885,6065.2941176470595]
[196601085925,"SPFFB045-100","Spyder","Spyder Women's Hayer Full Zip Hoodie White / L","Jackets","White","L","Women's",99,49.5,388,17.329411764705885,6723.8117647058834]
[196601085956,"SPFFB045-100","Spyder","Spyder Women's Hayer Full Zip Hoodie White / XL","Jackets","White","XL","Women's",99,49.5,163,17.329411764705885,2824.6941176470591]
[196601110474,"SPFFM015-030","Spyder","Spyder Women's Nova Full Zip Hybrid Jacket Mineral / S","Jackets","Mineral","S","Women's",90,45,100,23.823529411764707,2382.3529411764707]
[196601110467,"SPFFM015-030","Spyder","Spyder Women's Nova Full Zip Hybrid Jacket Mineral / M","Jackets","Mineral","M","Women's",90,45,200,23.823529411764707,4764.7058823529414]
[196601110450,"SPFFM015-030","Spyder","Spyder Women's Nova Full Zip Hybrid Jacket Mineral / L","Jackets","Mineral","L","Women's",90,45,200,23.823529411764707,4764.7058823529414]
[196601110481,"SPFFM015-030","Spyder","Spyder Women's Nova Full Zip Hybrid Jacket Mineral / XL","Jackets","Mineral","XL","Women's",90,45,100,23.823529411764707,2382.3529411764707]
[196601110559,"SPFFM015-680","Spyder","Spyder Women's Nova Full Zip Hybrid Jacket Misty Rose / S","Jackets","Misty Rose","S","Women's",90,45,80,23.823529411764707,1905.8823529411766]
[196601110542,"SPFFM015-680","Spyder","Spyder Women's Nova Full Zip Hybrid Jacket Misty Rose / M","Jackets","Misty Rose","M","Women's",90,45,136,23.823529411764707,3240]
[196601110535,"SPFFM015-680","Spyder","Spyder Women's Nova Full Zip Hybrid Jacket Misty Rose / L","Jackets","Misty Rose","L","Women's",90,45,123,23.823529411764707,2930.294117647059]
[196601110566,"SPFFM015-680","Spyder","Spyder Women's Nova Full Zip Hybrid Jacket Misty Rose / XL","Jackets","Misty Rose","XL","Women's",90,45,68,23.823529411764707,1620]
[196601086663,"SPFFD165-001","Spyder","Spyder Women's Stella Jacket Black / S","Jackets","Black","S","Women's",169,84.5,210,23.435294117647061,4921.4117647058829]
[196601086656,"SPFFD165-001","Spyder","Spyder Women's Stella Jacket Black / M","Jackets","Black","M","Women's",169,84.5,441,23.435294117647061,10334.964705882354]
[196601086649,"SPFFD165-001","Spyder","Spyder Women's Stella Jacket Black / L","Jackets","Black","L","Women's",169,84.5,417,23.435294117647061,9772.5176470588249]
[196601086670,"SPFFD165-001","Spyder","Spyder Women's Stella Jacket Black / XL","Jackets","Black","XL","Women's",169,84.5,175,23.435294117647061,4101.176470588236]
[196601086700,"SPFFD165-065","Spyder","Spyder Women's Stella Jacket Charcoal Heather / S","Jackets","Charcoal Heather","S","Women's",169,84.5,215,23.435294117647061,5038.588235294118]
[196601086694,"SPFFD165-065","Spyder","Spyder Women's Stella Jacket Charcoal Heather / M","Jackets","Charcoal Heather","M","Women's",169,84.5,379,23.435294117647061,8881.9764705882353]
[196601086687,"SPFFD165-065","Spyder","Spyder Women's Stella Jacket Charcoal Heather / L","Jackets","Charcoal Heather","L","Women's",169,84.5,440,23.435294117647061,10311.529411764706]
[196601086717,"SPFFD165-065","Spyder","Spyder Women's Stella Jacket Charcoal Heather / XL","Jackets","Charcoal Heather","XL","Women's",169,84.5,190,23.435294117647061,4452.7058823529414]
[196601110870,"SPFFM075-001","Spyder","Spyder Women's Super Puff Jacket Black / S","Jackets","Black","S","Women's",199,99.5,33,26.376470588235296,870.42352941176478]
[196601110863,"SPFFM075-001","Spyder","Spyder Women's Super Puff Jacket Black / M","Jackets","Black","M","Women's",199,99.5,88,26.376470588235296,2321.1294117647062]
[196601110856,"SPFFM075-001","Spyder","Spyder Women's Super Puff Jacket Black / L","Jackets","Black","L","Women's",199,99.5,96,26.376470588235296,2532.1411764705886]
[196601110887,"SPFFM075-001","Spyder","Spyder Women's Super Puff Jacket Black / XL","Jackets","Black","XL","Women's",199,99.5,18,26.376470588235296,474.77647058823533]
[196601110917,"SPFFM075-105","Spyder","Spyder Women's Super Puff Jacket Moonbeam / S","Jackets","Moonbeam","S","Women's",199,99.5,18,26.376470588235296,474.77647058823533]
[196601110900,"SPFFM075-105","Spyder","Spyder Women's Super Puff Jacket Moonbeam / M","Jackets","Moonbeam","M","Women's",199,99.5,64,26.376470588235296,1688.094117647059]
[196601110894,"SPFFM075-105","Spyder","Spyder Women's Super Puff Jacket Moonbeam / L","Jackets","Moonbeam","L","Women's",199,99.5,82,26.376470588235296,2162.8705882352942]
[196601110924,"SPFFM075-105","Spyder","Spyder Women's Super Puff Jacket Moonbeam / XL","Jackets","Moonbeam","XL","Women's",199,99.5,30,26.376470588235296,791.2941176470589]
[196601110955,"SPFFM075-665","Spyder","Spyder Women's Super Puff Jacket Rose Wine / S","Jackets","Rose Wine","S","Women's",199,99.5,121,26.376470588235296,3191.552941176471]
[196601110948,"SPFFM075-665","Spyder","Spyder Women's Super Puff Jacket Rose Wine / M","Jackets","Rose Wine","M","Women's",199,null,262,26.376470588235296,6910.6352941176474]
[196601110931,"SPFFM075-665","Spyder","Spyder Women's Super Puff Jacket Rose Wine / L","Jackets","Rose Wine","L","Women's",199,99.5,273,26.376470588235296,7200.7764705882355]
[196601110962,"SPFFM075-665","Spyder","Spyder Women's Super Puff Jacket Rose Wine / XL","Jackets","Rose Wine","XL","Women's",199,99.5,118,26.376470588235296,3112.4235294117648]
[192636200456,205402,"Spyder","Spyder Women's Syrround Down Jacket Black / XS","Jackets","Black","XS","Women's",249,124.5,60,62.964705882352945,3777.8823529411766]
[192636200463,205402,"Spyder","Spyder Women's Syrround Down Jacket Black / S","Jackets","Black","S","Women's",249,124.5,168,62.964705882352945,10578.070588235294]
[192636200470,205402,"Spyder","Spyder Women's Syrround Down Jacket Black / M","Jackets","Black","M","Women's",249,124.5,120,62.964705882352945,7555.7647058823532]
[192636200470,205402,"Spyder","Spyder Women's Syrround Down Jacket Black / M","Jackets","Black","M","Women's",249,124.5,120,62.964705882352945,7555.7647058823532]
[192636200609,205402,"Spyder","Spyder Women's Syrround Down Jacket Blue Ice / XS","Jackets","Blue Ice","XS","Women's",249,124.5,19,62.964705882352945,1196.329411764706]
[192636200616,205402,"Spyder","Spyder Women's Syrround Down Jacket Blue Ice / S","Jackets","Blue Ice","S","Women's",249,124.5,55,62.964705882352945,3463.0588235294122]
[192636200623,205402,"Spyder","Spyder Women's Syrround Down Jacket Blue Ice / M","Jackets","Blue Ice","M","Women's",249,124.5,47,62.964705882352945,2959.3411764705884]
[192636200630,205402,"Spyder","Spyder Women's Syrround Down Jacket Blue Ice / L","Jackets","Blue Ice","L","Women's",249,124.5,5,62.964705882352945,314.82352941176475]
[196601085789,"SPFFB035-035","Spyder","Spyder Women's Velour Jacket Dark Cloud / S","Jackets","Dark Cloud","S","Women's",149,74.5,45,16.270588235294117,732.17647058823525]
[196601085772,"SPFFB035-035","Spyder","Spyder Women's Velour Jacket Dark Cloud / M","Jackets","Dark Cloud","M","Women's",149,74.5,95,16.270588235294117,1545.705882352941]
[196601085765,"SPFFB035-035","Spyder","Spyder Women's Velour Jacket Dark Cloud / L","Jackets","Dark Cloud","L","Women's",149,74.5,96,16.270588235294117,1561.9764705882353]
[196601085796,"SPFFB035-035","Spyder","Spyder Women's Velour Jacket Dark Cloud / XL","Jackets","Dark Cloud","XL","Women's",149,74.5,45,16.270588235294117,732.17647058823525]
[196601085826,"SPFFB035-105","Spyder","Spyder Women's Velour Jacket Moonbeam / S","Jackets","Moonbeam","S","Women's",149,74.5,47,16.270588235294117,764.71764705882345]
[196601085819,"SPFFB035-105","Spyder","Spyder Women's Velour Jacket Moonbeam / M","Jackets","Moonbeam","M","Women's",149,74.5,97,16.270588235294117,1578.2470588235294]
[196601085802,"SPFFB035-105","Spyder","Spyder Women's Velour Jacket Moonbeam / L","Jackets","Moonbeam","L","Women's",149,74.5,94,16.270588235294117,1529.4352941176469]
[196601085833,"SPFFB035-105","Spyder","Spyder Women's Velour Jacket Moonbeam / XL","Jackets","Moonbeam","XL","Women's",149,74.5,48,16.270588235294117,780.98823529411766]
[889169585692,41520,"Marmot","Marmot Men's Eco PreCip Anorak Arctic Navy/NORI / S","Jackets","Arctic Navy/NORI","S","Men's",90,45,72,19.352941176470587,1393.4117647058822]
[889169585708,41520,"Marmot","Marmot Men's Eco PreCip Anorak Arctic Navy/NORI / M","Jackets","Arctic Navy/NORI","M","Men's",90,45,6,19.352941176470587,116.11764705882352]
[889169585715,41520,"Marmot","Marmot Men's Eco PreCip Anorak Arctic Navy/NORI / L","Jackets","Arctic Navy/NORI","L","Men's",90,45,7,19.352941176470587,135.47058823529412]
[889169585722,41520,"Marmot","Marmot Men's Eco PreCip Anorak Arctic Navy/NORI / XL","Jackets","Arctic Navy/NORI","XL","Men's",90,45,12,19.352941176470587,232.23529411764704]
[889169585739,41520,"Marmot","Marmot Men's Eco PreCip Anorak Arctic Navy/NORI / 2XL","Jackets","Arctic Navy/NORI","2XL","Men's",90,45,42,19.352941176470587,812.82352941176464]
[889169585746,41520,"Marmot","Marmot Men's Eco PreCip Anorak Royal Night/Sleet / S","Jackets","Royal Night/Sleet","S","Men's",90,45,59,19.352941176470587,1141.8235294117646]
[889169585753,41520,"Marmot","Marmot Men's Eco PreCip Anorak Royal Night/Sleet / M","Jackets","Royal Night/Sleet","M","Men's",90,45,35,19.352941176470587,677.35294117647049]
[889169585760,41520,"Marmot","Marmot Men's Eco PreCip Anorak Royal Night/Sleet / L","Jackets","Royal Night/Sleet","L","Men's",90,45,62,19.352941176470587,1199.8823529411764]
[889169585777,41520,"Marmot","Marmot Men's Eco PreCip Anorak Royal Night/Sleet / XL","Jackets","Royal Night/Sleet","XL","Men's",90,45,11,19.352941176470587,212.88235294117646]
[889169585784,41520,"Marmot","Marmot Men's Eco PreCip Anorak Royal Night/Sleet / 2XL","Jackets","Royal Night/Sleet","2XL","Men's",90,45,28,19.352941176470587,541.88235294117646]
[785562160149,98160,"Marmot","Marmot Men's Gravity Jacket Black / S","Jackets","Black","S","Men's",150,75,13,32.117647058823529,417.52941176470586]
[785562160156,98160,"Marmot","Marmot Men's Gravity Jacket Black / M","Jackets","Black","M","Men's",150,75,8,32.117647058823529,256.94117647058823]
[785562160163,98160,"Marmot","Marmot Men's Gravity Jacket Black / L","Jackets","Black","L","Men's",150,75,56,32.117647058823529,1798.5882352941176]
[785562160170,98160,"Marmot","Marmot Men's Gravity Jacket Black / XL","Jackets","Black","XL","Men's",150,75,82,32.117647058823529,2633.6470588235293]
[785562160187,98160,"Marmot","Marmot Men's Gravity Jacket Black / 2XL","Jackets","Black","2XL","Men's",150,75,2,32.117647058823529,64.235294117647058]
[195115089948,98160,"Marmot","Marmot Men's Gravity Jacket Cinder / XL","Jackets","Cinder","XL","Men's",150,75,48,32.117647058823529,1541.6470588235293]
[785562223219,98160,"Marmot","Marmot Men's Gravity Jacket Cinder/Dark Gran / S","Jackets","Cinder/Dark Gran","S","Men's",150,75,6,32.117647058823529,192.70588235294116]
[785562223226,98160,"Marmot","Marmot Men's Gravity Jacket Cinder/Dark Gran / M","Jackets","Cinder/Dark Gran","M","Men's",150,75,3,32.117647058823529,96.35294117647058]
[785562223233,98160,"Marmot","Marmot Men's Gravity Jacket Cinder/Dark Gran / L","Jackets","Cinder/Dark Gran","L","Men's",150,75,1,32.117647058823529,32.117647058823529]
[785562508583,80840,"Marmot","Marmot Men's Stretch Fleece Jacket Black / S","Jackets","Black","S","Men's",100,50,1,19.364705882352943,19.364705882352943]
[785562508606,80840,"Marmot","Marmot Men's Stretch Fleece Jacket Black / L","Jackets","Black","L","Men's",100,50,158,19.364705882352943,3059.623529411765]
[785562508613,80840,"Marmot","Marmot Men's Stretch Fleece Jacket Black / XL","Jackets","Black","XL","Men's",100,50,95,19.364705882352943,1839.6470588235297]
[785562508620,80840,"Marmot","Marmot Men's Stretch Fleece Jacket Black / 2XL","Jackets","Black","2XL","Men's",100,50,22,19.364705882352943,426.02352941176474]
[785562508736,80840,"Marmot","Marmot Men's Stretch Fleece Jacket Team Red / S","Jackets","Team Red","S","Men's",100,50,3,19.364705882352943,58.09411764705883]
[785562508750,80840,"Marmot","Marmot Men's Stretch Fleece Jacket Team Red / L","Jackets","Team Red","L","Men's",100,50,102,19.364705882352943,1975.2000000000003]
[785562508767,80840,"Marmot","Marmot Men's Stretch Fleece Jacket Team Red / XL","Jackets","Team Red","XL","Men's",100,50,44,19.364705882352943,852.04705882352948]
[785562508774,80840,"Marmot","Marmot Men's Stretch Fleece Jacket Team Red / 2XL","Jackets","Team Red","2XL","Men's",100,50,42,19.364705882352943,813.31764705882358]
[785562413405,77970,"Marmot","Marmot Women's Calen Jacket Ceylon Blue / XS","Jackets","Ceylon Blue","XS","Women's",210,105,10,32.117647058823529,321.1764705882353]
[785562413412,77970,"Marmot","Marmot Women's Calen Jacket Ceylon Blue / S","Jackets","Ceylon Blue","S","Women's",210,105,142,32.117647058823529,4560.7058823529414]
[785562413429,77970,"Marmot","Marmot Women's Calen Jacket Ceylon Blue / M","Jackets","Ceylon Blue","M","Women's",210,105,185,32.117647058823529,5941.7647058823532]
[785562413443,77970,"Marmot","Marmot Women's Calen Jacket Ceylon Blue / XL","Jackets","Ceylon Blue","XL","Women's",210,105,9,32.117647058823529,289.05882352941177]
[785562632738,77970,"Marmot","Marmot Women's Calen Jacket White / S","Jackets","White","S","Women's",210,105,138,32.117647058823529,4432.2352941176468]
[785562632745,77970,"Marmot","Marmot Women's Calen Jacket White / M","Jackets","White","M","Women's",210,105,195,32.117647058823529,6262.9411764705883]
[785562632752,77970,"Marmot","Marmot Women's Calen Jacket White / L","Jackets","White","L","Women's",210,105,96,32.117647058823529,3083.2941176470586]
[785562632769,77970,"Marmot","Marmot Women's Calen Jacket White / XL","Jackets","White","XL","Women's",210,105,83,32.117647058823529,2665.7647058823527]
[889169545948,85000,"Marmot","Marmot Women's Gravity Jacket Arctic Navy / XS","Jackets","Arctic Navy","XS","Women's",150,75,25,30.505882352941178,762.64705882352951]
[889169545955,85000,"Marmot","Marmot Women's Gravity Jacket Arctic Navy / S","Jackets","Arctic Navy","S","Women's",150,75,63,30.505882352941178,1921.8705882352942]
[889169545962,85000,"Marmot","Marmot Women's Gravity Jacket Arctic Navy / M","Jackets","Arctic Navy","M","Women's",150,75,63,30.505882352941178,1921.8705882352942]
[889169545979,85000,"Marmot","Marmot Women's Gravity Jacket Arctic Navy / L","Jackets","Arctic Navy","L","Women's",150,75,32,30.505882352941178,976.1882352941177]
[785562095694,85000,"Marmot","Marmot Women's Gravity Jacket Black / XS","Jackets","Black","XS","Women's",150,75,134,30.505882352941178,4087.7882352941178]
[785562095700,85000,"Marmot","Marmot Women's Gravity Jacket Black / S","Jackets","Black","S","Women's",150,75,214,30.505882352941178,6528.2588235294124]
[785562095717,85000,"Marmot","Marmot Women's Gravity Jacket Black / M","Jackets","Black","M","Women's",150,75,361,30.505882352941178,11012.623529411765]
[785562095724,85000,"Marmot","Marmot Women's Gravity Jacket Black / L","Jackets","Black","L","Women's",150,75,44,30.505882352941178,1342.2588235294118]
[195115090005,85000,"Marmot","Marmot Women's Gravity Jacket Cinder / XS","Jackets","Cinder","XS","Women's",150,75,46,30.505882352941178,1403.2705882352941]
[195115089986,85000,"Marmot","Marmot Women's Gravity Jacket Cinder / S","Jackets","Cinder","S","Women's",150,75,134,30.505882352941178,4087.7882352941178]
[195115089979,85000,"Marmot","Marmot Women's Gravity Jacket Cinder / M","Jackets","Cinder","M","Women's",150,75,184,30.505882352941178,5613.0823529411764]
[195115089962,85000,"Marmot","Marmot Women's Gravity Jacket Cinder / L","Jackets","Cinder","L","Women's",150,75,131,30.505882352941178,3996.2705882352943]
[195115089993,85000,"Marmot","Marmot Women's Gravity Jacket Cinder / XL","Jackets","Cinder","XL","Women's",150,75,34,30.505882352941178,1037.2]
[785562522633,85000,"Marmot","Marmot Women's Gravity Jacket Dark Atomic / XS","Jackets","Dark Atomic","XS","Women's",150,75,17,30.505882352941178,518.6]
[785562522640,85000,"Marmot","Marmot Women's Gravity Jacket Dark Atomic / S","Jackets","Dark Atomic","S","Women's",150,75,70,30.505882352941178,2135.4117647058824]
[785562522657,85000,"Marmot","Marmot Women's Gravity Jacket Dark Atomic / M","Jackets","Dark Atomic","M","Women's",150,75,47,30.505882352941178,1433.7764705882353]
[785562522664,85000,"Marmot","Marmot Women's Gravity Jacket Dark Atomic / L","Jackets","Dark Atomic","L","Women's",150,75,11,30.505882352941178,335.56470588235294]
[889169297441,null,"Marmot","Marmot Women's Meghan 1/2 Zip Jacket Cinder / XS","Jackets","Cinder","XS","Women's",64,32,9,12.270588235294118,110.43529411764706]
[889169297427,null,"Marmot","Marmot Women's Meghan 1/2 Zip Jacket Cinder / S","Jackets","Cinder","S","Women's",64,32,1,12.270588235294118,12.270588235294118]
[889169297410,null,"Marmot","Marmot Women's Meghan 1/2 Zip Jacket Cinder / M","Jackets","Cinder","M","Women's",64,32,9,12.270588235294118,110.43529411764706]
[889169297403,null,"Marmot","Marmot Women's Meghan 1/2 Zip Jacket Cinder / L","Jackets","Cinder","L","Women's",64,32,274,12.270588235294118,3362.1411764705886]
[785562504530,98300,"Marmot","Marmot Women's Tempo Jacket Atomic Blue / XS","Jackets","Atomic Blue","XS","Women's",149,74.5,73,21.411764705882351,1563.0588235294117]
[785562504547,98300,"Marmot","Marmot Women's Tempo Jacket Atomic Blue / S","Jackets","Atomic Blue","S","Women's",149,74.5,121,21.411764705882351,2590.8235294117644]
[785562504554,98300,"Marmot","Marmot Women's Tempo Jacket Atomic Blue / M","Jackets","Atomic Blue","M","Women's",149,74.5,184,21.411764705882351,3939.7647058823527]
[785562504561,98300,"Marmot","Marmot Women's Tempo Jacket Atomic Blue / L","Jackets","Atomic Blue","L","Women's",149,74.5,74,21.411764705882351,1584.4705882352939]
[886785677152,"OMCW373PZ","Canada Weather Gear","Canada Weather Gear Men's 4-Pocket Fur Hood Parka Black / M","Jackets","Black","M","Men's",260,130,55,49.458823529411767,2720.2352941176473]
[886785677169,"OMCW373PZ","Canada Weather Gear","Canada Weather Gear Men's 4-Pocket Fur Hood Parka Black / L","Jackets","Black","L","Men's",260,130,141,49.458823529411767,6973.6941176470591]
[886785677176,"OMCW373PZ","Canada Weather Gear","Canada Weather Gear Men's 4-Pocket Fur Hood Parka Black / XL","Jackets","Black","XL","Men's",260,130,110,49.458823529411767,5440.4705882352946]
[886785677183,"OMCW373","Canada Weather Gear","Canada Weather Gear Men's 4-Pocket Fur Hood Parka Black / 2XL","Jackets","Black","2XL","Men's",260,130,46,49.458823529411767,2275.1058823529411]
[886785677190,"OMCW373PZ","Canada Weather Gear","Canada Weather Gear Men's 4-Pocket Fur Hood Parka Charcoal / M","Jackets","Charcoal","M","Men's",260,130,59,49.458823529411767,2918.0705882352941]
[886785677206,"OMCW373PZ","Canada Weather Gear","Canada Weather Gear Men's 4-Pocket Fur Hood Parka Charcoal / L","Jackets","Charcoal","L","Men's",260,130,116,49.458823529411767,5737.2235294117645]
[886785677213,"OMCW373PZ","Canada Weather Gear","Canada Weather Gear Men's 4-Pocket Fur Hood Parka Charcoal / XL","Jackets","Charcoal","XL","Men's",260,130,130,49.458823529411767,6429.6470588235297]
[886785677220,null,"Canada Weather Gear","Canada Weather Gear Men's 4-Pocket Fur Hood Parka Charcoal / 2XL","Jackets","Charcoal","2XL","Men's",260,130,46,49.458823529411767,2275.1058823529411]
[196730018665,"OMCW366PZ","Canada Weather Gear","Canada Weather Gear Men's 4-Pocket Hooded Parka Military / M","Jackets","Military","M","Men's",260,130,24,49.458823529411767,1187.0117647058823]
[196730018672,"OMCW366PZ","Canada Weather Gear","Canada Weather Gear Men's 4-Pocket Hooded Parka Military / L","Jackets","Military","L","Men's",260,130,73,49.458823529411767,3610.4941176470588]
[196730018689,"OMCW366PZ","Canada Weather Gear","Canada Weather Gear Men's 4-Pocket Hooded Parka Military / XL","Jackets","Military","XL","Men's",260,130,71,49.458823529411767,3511.5764705882352]
[196730018696,"OMCW366","Canada Weather Gear","Canada Weather Gear Men's 4-Pocket Hooded Parka Military / 2XL","Jackets","Military","2XL","Men's",260,130,27,49.458823529411767,1335.3882352941177]
[196730018702,"OMCW366PZ","Canada Weather Gear","Canada Weather Gear Men's 4-Pocket Hooded Parka Northern Night / M","Jackets","Northern Night","M","Men's",260,130,45,49.458823529411767,2225.6470588235293]
[196730018719,"OMCW366PZ","Canada Weather Gear","Canada Weather Gear Men's 4-Pocket Hooded Parka Northern Night / L","Jackets","Northern Night","L","Men's",260,130,88,49.458823529411767,4352.3764705882359]
[196730018726,"OMCW366PZ","Canada Weather Gear","Canada Weather Gear Men's 4-Pocket Hooded Parka Northern Night / XL","Jackets","Northern Night","XL","Men's",260,130,84,49.458823529411767,4154.5411764705887]
[196730018733,"OMCW366","Canada Weather Gear","Canada Weather Gear Men's 4-Pocket Hooded Parka Northern Night / 2XL","Jackets","Northern Night","2XL","Men's",260,130,44,49.458823529411767,2176.1882352941179]
[196730018740,"OMCW366PZ","Canada Weather Gear","Canada Weather Gear Men's 4-Pocket Hooded Parka Steel Grey / M","Jackets","Steel Grey","M","Men's",260,130,2,49.458823529411767,98.917647058823533]
[196730018757,"OMCW366PZ","Canada Weather Gear","Canada Weather Gear Men's 4-Pocket Hooded Parka Steel Grey / L","Jackets","Steel Grey","L","Men's",260,130,161,49.458823529411767,7962.8705882352942]
[196730018764,"OMCW366PZ","Canada Weather Gear","Canada Weather Gear Men's 4-Pocket Hooded Parka Steel Grey / XL","Jackets","Steel Grey","XL","Men's",260,130,107,49.458823529411767,5292.0941176470587]
[196730018771,"OMCW366","Canada Weather Gear","Canada Weather Gear Men's 4-Pocket Hooded Parka Steel Grey / 2XL","Jackets","Steel Grey","2XL","Men's",260,130,52,49.458823529411767,2571.8588235294119]
[791390226001,"CWG025Y2436","Canada Weather Gear","Canada Weather Gear Men's Line Shirt Jacket Castlerock / S","Jackets","Castlerock","S","Men's",75,37.5,28,18.129411764705882,507.62352941176471]
[791390226018,"CWG025Y2436","Canada Weather Gear","Canada Weather Gear Men's Line Shirt Jacket Castlerock / M","Jackets","Castlerock","M","Men's",75,37.5,41,18.129411764705882,743.30588235294113]
[791390226025,"CWG025Y2436","Canada Weather Gear","Canada Weather Gear Men's Line Shirt Jacket Castlerock / L","Jackets","Castlerock","L","Men's",75,37.5,109,18.129411764705882,1976.1058823529411]
[791390226032,"CWG025Y2436","Canada Weather Gear","Canada Weather Gear Men's Line Shirt Jacket Castlerock / XL","Jackets","Castlerock","XL","Men's",75,37.5,27,18.129411764705882,489.49411764705883]
[791390226063,"CWG025Y2436","Canada Weather Gear","Canada Weather Gear Men's Line Shirt Jacket Vanilla Ice / S","Jackets","Vanilla Ice","S","Men's",75,37.5,8,18.129411764705882,145.03529411764706]
[791390226070,"CWG025Y2436","Canada Weather Gear","Canada Weather Gear Men's Line Shirt Jacket Vanilla Ice / M","Jackets","Vanilla Ice","M","Men's",75,37.5,12,18.129411764705882,217.5529411764706]
[791390226094,"CWG025Y2436","Canada Weather Gear","Canada Weather Gear Men's Line Shirt Jacket Vanilla Ice / XL","Jackets","Vanilla Ice","XL","Men's",75,37.5,19,18.129411764705882,344.45882352941175]
[791390226100,"CWG025Y2436","Canada Weather Gear","Canada Weather Gear Men's Line Shirt Jacket Vanilla Ice / 2XL","Jackets","Vanilla Ice","2XL","Men's",75,37.5,5,18.129411764705882,90.647058823529406]
[886785698690,"OMCW378PZ","Canada Weather Gear","Canada Weather Gear Men's Mix Media Puffer Black/Black / M","Jackets","Black/Black","M","Men's",210,105,116,36.517647058823528,4236.0470588235294]
[886785698706,"OMCW378PZ","Canada Weather Gear","Canada Weather Gear Men's Mix Media Puffer Black/Black / L","Jackets","Black/Black","L","Men's",210,105,227,36.517647058823528,8289.5058823529416]
[886785698713,"OMCW378PZ","Canada Weather Gear","Canada Weather Gear Men's Mix Media Puffer Black/Black / XL","Jackets","Black/Black","XL","Men's",210,105,233,36.517647058823528,8508.6117647058818]
[886785698720,"OMCW378","Canada Weather Gear","Canada Weather Gear Men's Mix Media Puffer Black/Black / 2XL","Jackets","Black/Black","2XL","Men's",109.99,55,109,0,0]
[886785698737,"OMCW378PZ","Canada Weather Gear","Canada Weather Gear Men's Mix Media Puffer Charcoal/Black / M","Jackets","Charcoal/Black","M","Men's",210,105,63,36.517647058823528,2300.6117647058823]
[886785698744,"OMCW378PZ","Canada Weather Gear","Canada Weather Gear Men's Mix Media Puffer Charcoal/Black / L","Jackets","Charcoal/Black","L","Men's",210,105,142,36.517647058823528,5185.5058823529407]
[886785698751,"OMCW378PZ","Canada Weather Gear","Canada Weather Gear Men's Mix Media Puffer Charcoal/Black / XL","Jackets","Charcoal/Black","XL","Men's",210,105,132,36.517647058823528,4820.3294117647056]
[886785698768,"OMCW378","Canada Weather Gear","Canada Weather Gear Men's Mix Media Puffer Charcoal/Black / 2XL","Jackets","Charcoal/Black","2XL","Men's",210,105,67,36.517647058823528,2446.6823529411763]
[196730008840,"OMCW378PZ","Canada Weather Gear","Canada Weather Gear Men's Mix Media Puffer Inferno Red/Black / M","Jackets","Inferno Red/Black","M","Men's",210,105,45,36.517647058823528,1643.2941176470588]
[196730008857,"OMCW378PZ","Canada Weather Gear","Canada Weather Gear Men's Mix Media Puffer Inferno Red/Black / L","Jackets","Inferno Red/Black","L","Men's",210,105,104,36.517647058823528,3797.8352941176468]
[196730008864,"OMCW378PZ","Canada Weather Gear","Canada Weather Gear Men's Mix Media Puffer Inferno Red/Black / XL","Jackets","Inferno Red/Black","XL","Men's",210,105,116,36.517647058823528,4236.0470588235294]
[196730008871,"OMCW378","Canada Weather Gear","Canada Weather Gear Men's Mix Media Puffer Inferno Red/Black / 2XL","Jackets","Inferno Red/Black","2XL","Men's",109.99,55,46,0,0]
[196730008802,"OMCW378PZ","Canada Weather Gear","Canada Weather Gear Men's Mix Media Puffer Northern Night/Black / M","Jackets","Northern Night/Black","M","Men's",210,105,90,36.517647058823528,3286.5882352941176]
[196730008819,"OMCW378PZ","Canada Weather Gear","Canada Weather Gear Men's Mix Media Puffer Northern Night/Black / L","Jackets","Northern Night/Black","L","Men's",210,105,181,36.517647058823528,6609.6941176470582]
[196730008826,"OMCW378PZ","Canada Weather Gear","Canada Weather Gear Men's Mix Media Puffer Northern Night/Black / XL","Jackets","Northern Night/Black","XL","Men's",210,105,185,36.517647058823528,6755.7647058823522]
[196730008833,"OMCW378","Canada Weather Gear","Canada Weather Gear Men's Mix Media Puffer Northern Night/Black / 2XL","Jackets","Northern Night/Black","2XL","Men's",109.99,55,91,0,0]
[886785674434,"OMCW382PZ","Canada Weather Gear","Canada Weather Gear Men's Reversible Printed Sherpa Black/Black Camo / M","Jackets","Black/Black Camo","M","Men's",260,130,61,44.164705882352941,2694.0470588235294]
[886785674441,"OMCW382PZ","Canada Weather Gear","Canada Weather Gear Men's Reversible Printed Sherpa Black/Black Camo / L","Jackets","Black/Black Camo","L","Men's",260,130,157,44.164705882352941,6933.8588235294119]
[886785674458,"OMCW382PZ","Canada Weather Gear","Canada Weather Gear Men's Reversible Printed Sherpa Black/Black Camo / XL","Jackets","Black/Black Camo","XL","Men's",260,130,160,44.164705882352941,7066.3529411764703]
[886785674465,"OMCW382","Canada Weather Gear","Canada Weather Gear Men's Reversible Printed Sherpa Black/Black Camo / 2XL","Jackets","Black/Black Camo","2XL","Men's",260,130,48,44.164705882352941,2119.9058823529413]
[886785674472,"OMCW382PZ","Canada Weather Gear","Canada Weather Gear Men's Reversible Printed Sherpa Charcoal/Black Camo / M","Jackets","Charcoal/Black Camo","M","Men's",260,130,40,44.164705882352941,1766.5882352941176]
[886785674489,"OMCW382PZ","Canada Weather Gear","Canada Weather Gear Men's Reversible Printed Sherpa Charcoal/Black Camo / L","Jackets","Charcoal/Black Camo","L","Men's",260,130,136,44.164705882352941,6006.4]
[886785674496,"OMCW382PZ","Canada Weather Gear","Canada Weather Gear Men's Reversible Printed Sherpa Charcoal/Black Camo / XL","Jackets","Charcoal/Black Camo","XL","Men's",260,130,112,44.164705882352941,4946.447058823529]
[886785674502,null,"Canada Weather Gear","Canada Weather Gear Men's Reversible Printed Sherpa Charcoal/Black Camo / 2XL","Jackets","Charcoal/Black Camo","2XL","Men's",260,130,46,44.164705882352941,2031.5764705882352]
[791390609712,"CWG879Y754","Canada Weather Gear","Canada Weather Gear Men's Sherpa Lined Full Zip Contrast Hoodie Raven/Sulphur / S","Jackets","Raven/Sulphur","S","Men's",90,45,27,17.399999999999999,469.79999999999995]
[791390609729,"CWG879Y754","Canada Weather Gear","Canada Weather Gear Men's Sherpa Lined Full Zip Contrast Hoodie Raven/Sulphur / M","Jackets","Raven/Sulphur","M","Men's",90,45,63,17.399999999999999,1096.1999999999998]
[791390610473,"CWG879Y754","Canada Weather Gear","Canada Weather Gear Men's Sherpa Lined Full Zip Contrast Hoodie Raven/Sulphur / L","Jackets","Raven/Sulphur","L","Men's",90,45,162,17.399999999999999,2818.7999999999997]
[791390610480,"CWG879Y754","Canada Weather Gear","Canada Weather Gear Men's Sherpa Lined Full Zip Contrast Hoodie Raven/Sulphur / XL","Jackets","Raven/Sulphur","XL","Men's",90,45,102,17.399999999999999,1774.8]
[791390610497,"CWG879Y754","Canada Weather Gear","Canada Weather Gear Men's Sherpa Lined Full Zip Contrast Hoodie Raven/Sulphur / 2XL","Jackets","Raven/Sulphur","2XL","Men's",90,45,15,17.399999999999999,261]
[791390609651,"CWG879Y754","Canada Weather Gear","Canada Weather Gear Men's Sherpa Lined Full Zip Contrast Hoodie Vanilla Ice/Red / S","Jackets","Vanilla Ice/Red","S","Men's",90,45,27,17.399999999999999,469.79999999999995]
[791390609668,"CWG879Y754","Canada Weather Gear","Canada Weather Gear Men's Sherpa Lined Full Zip Contrast Hoodie Vanilla Ice/Red / M","Jackets","Vanilla Ice/Red","M","Men's",90,45,61,17.399999999999999,1061.3999999999999]
[791390609675,"CWG879Y754","Canada Weather Gear","Canada Weather Gear Men's Sherpa Lined Full Zip Contrast Hoodie Vanilla Ice/Red / L","Jackets","Vanilla Ice/Red","L","Men's",90,45,169,17.399999999999999,2940.6]
[791390609682,"CWG879Y754","Canada Weather Gear","Canada Weather Gear Men's Sherpa Lined Full Zip Contrast Hoodie Vanilla Ice/Red / XL","Jackets","Vanilla Ice/Red","XL","Men's",90,45,94,17.399999999999999,1635.6]
[791390609699,"CWG879Y754","Canada Weather Gear","Canada Weather Gear Men's Sherpa Lined Full Zip Contrast Hoodie Vanilla Ice/Red / 2XL","Jackets","Vanilla Ice/Red","2XL","Men's",90,45,26,17.399999999999999,452.4]
[196730000752,"OMCW353PZ","Canada Weather Gear","Canada Weather Gear Men's Tactical Jacket Black / M","Jackets","Black","M","Men's",210,105,3,30.047058823529412,90.141176470588235]
[196730000769,"OMCW353PZ","Canada Weather Gear","Canada Weather Gear Men's Tactical Jacket Black / L","Jackets","Black","L","Men's",210,105,57,30.047058823529412,1712.6823529411765]
[196730000776,"OMCW353PZ","Canada Weather Gear","Canada Weather Gear Men's Tactical Jacket Black / XL","Jackets","Black","XL","Men's",210,105,64,30.047058823529412,1923.0117647058823]
[196730000783,"OMCW353","Canada Weather Gear","Canada Weather Gear Men's Tactical Jacket Black / 2XL","Jackets","Black","2XL","Men's",210,105,12,30.047058823529412,360.56470588235294]
[196730000875,"OMCW353PZ","Canada Weather Gear","Canada Weather Gear Men's Tactical Jacket Shadow / M","Jackets","Shadow","M","Men's",210,105,30,30.047058823529412,901.41176470588232]
[196730000882,"OMCW353PZ","Canada Weather Gear","Canada Weather Gear Men's Tactical Jacket Shadow / L","Jackets","Shadow","L","Men's",210,105,66,30.047058823529412,1983.1058823529411]
[196730000899,"OMCW353PZ","Canada Weather Gear","Canada Weather Gear Men's Tactical Jacket Shadow / XL","Jackets","Shadow","XL","Men's",210,105,76,30.047058823529412,2283.5764705882352]
[196730000905,null,"Canada Weather Gear","Canada Weather Gear Men's Tactical Jacket Shadow / 2XL","Jackets","Shadow","2XL","Men's",210,105,22,30.047058823529412,661.03529411764703]
[196730000837,"OMCW353PZ","Canada Weather Gear","Canada Weather Gear Men's Tactical Jacket Wip Brown / M","Jackets","Wip Brown","M","Men's",210,105,32,30.047058823529412,961.50588235294117]
[196730000844,"OMCW353PZ","Canada Weather Gear","Canada Weather Gear Men's Tactical Jacket Wip Brown / L","Jackets","Wip Brown","L","Men's",210,105,77,30.047058823529412,2313.6235294117646]
[196730000851,"OMCW353PZ","Canada Weather Gear","Canada Weather Gear Men's Tactical Jacket Wip Brown / XL","Jackets","Wip Brown","XL","Men's",210,105,85,30.047058823529412,2554]
[196730000868,null,"Canada Weather Gear","Canada Weather Gear Men's Tactical Jacket Wip Brown / 2XL","Jackets","Wip Brown","2XL","Men's",210,105,41,30.047058823529412,1231.9294117647059]
[791390380321,"CWGL0511Y3389","Canada Weather Gear","Canada Weather Gear Women's 1/4 Zip Aztec Printed Sherpa Black/Burgundy / S","Jackets","Black/Burgundy","S","Women's",65,32.5,72,14.564705882352943,1048.6588235294118]
[791390380338,"CWGL0511Y3389","Canada Weather Gear","Canada Weather Gear Women's 1/4 Zip Aztec Printed Sherpa Black/Burgundy / M","Jackets","Black/Burgundy","M","Women's",65,32.5,210,14.564705882352943,3058.588235294118]
[791390380345,"CWGL0511Y3389","Canada Weather Gear","Canada Weather Gear Women's 1/4 Zip Aztec Printed Sherpa Black/Burgundy / L","Jackets","Black/Burgundy","L","Women's",65,32.5,160,14.564705882352943,2330.3529411764707]
[791390380352,"CWGL0511Y3389","Canada Weather Gear","Canada Weather Gear Women's 1/4 Zip Aztec Printed Sherpa Black/Burgundy / XL","Jackets","Black/Burgundy","XL","Women's",65,32.5,77,14.564705882352943,1121.4823529411765]
[791390379905,"CWGL0511Y3390","Canada Weather Gear","Canada Weather Gear Women's 1/4 Zip Aztec Printed Sherpa White/Black/Grey / S","Jackets","White/Black/Grey","S","Women's",65,32.5,95,14.564705882352943,1383.6470588235295]
[791390380277,"CWGL0511Y3390","Canada Weather Gear","Canada Weather Gear Women's 1/4 Zip Aztec Printed Sherpa White/Black/Grey / M","Jackets","White/Black/Grey","M","Women's",65,32.5,177,14.564705882352943,2577.9529411764711]
[791390380284,"CWGL0511Y3390","Canada Weather Gear","Canada Weather Gear Women's 1/4 Zip Aztec Printed Sherpa White/Black/Grey / L","Jackets","White/Black/Grey","L","Women's",65,32.5,142,14.564705882352943,2068.1882352941179]
[791390380291,"CWGL0511Y3390","Canada Weather Gear","Canada Weather Gear Women's 1/4 Zip Aztec Printed Sherpa White/Black/Grey / XL","Jackets","White/Black/Grey","XL","Women's",65,32.5,92,14.564705882352943,1339.9529411764706]
[791390521403,"CWGL0802Y3391","Canada Weather Gear","Canada Weather Gear Women's Aztec Printed Sherpa Shacket Black/Grey/Mauve / S","Jackets","Black/Grey/Mauve","S","Women's",65,32.5,61,12.011764705882355,732.71764705882367]
[791390521465,"CWGL0802Y3391","Canada Weather Gear","Canada Weather Gear Women's Aztec Printed Sherpa Shacket Black/Grey/Mauve / M","Jackets","Black/Grey/Mauve","M","Women's",65,32.5,140,12.011764705882355,1681.6470588235297]
[791390521472,"CWGL0802Y3391","Canada Weather Gear","Canada Weather Gear Women's Aztec Printed Sherpa Shacket Black/Grey/Mauve / L","Jackets","Black/Grey/Mauve","L","Women's",65,32.5,131,12.011764705882355,1573.5411764705884]
[791390521489,"CWGL0802Y3391","Canada Weather Gear","Canada Weather Gear Women's Aztec Printed Sherpa Shacket Black/Grey/Mauve / XL","Jackets","Black/Grey/Mauve","XL","Women's",65,32.5,4,12.011764705882355,48.047058823529419]
[791390521298,"CWGL0802Y3390","Canada Weather Gear","Canada Weather Gear Women's Aztec Printed Sherpa Shacket White/Black/Grey / S","Jackets","White/Black/Grey","S","Women's",65,32.5,163,12.011764705882355,1957.9176470588238]
[791390521304,"CWGL0802Y3390","Canada Weather Gear","Canada Weather Gear Women's Aztec Printed Sherpa Shacket White/Black/Grey / M","Jackets","White/Black/Grey","M","Women's",65,32.5,302,12.011764705882355,3627.552941176471]
[791390521366,"CWGL0802Y3390","Canada Weather Gear","Canada Weather Gear Women's Aztec Printed Sherpa Shacket White/Black/Grey / L","Jackets","White/Black/Grey","L","Women's",65,32.5,321,12.011764705882355,3855.776470588236]
[791390521373,"CWGL0802Y3390","Canada Weather Gear","Canada Weather Gear Women's Aztec Printed Sherpa Shacket White/Black/Grey / XL","Jackets","White/Black/Grey","XL","Women's",65,32.5,163,12.011764705882355,1957.9176470588238]
[791390380383,"CWGL0512Y3391","Canada Weather Gear","Canada Weather Gear Women's Full Zip Aztec Printed Sherpa Black/Grey/Mauve / S","Jackets","Black/Grey/Mauve","S","Women's",65,32.5,98,14.564705882352943,1427.3411764705884]
[791390380390,"CWGL0512Y3391","Canada Weather Gear","Canada Weather Gear Women's Full Zip Aztec Printed Sherpa Black/Grey/Mauve / M","Jackets","Black/Grey/Mauve","M","Women's",65,32.5,222,14.564705882352943,3233.3647058823531]
[791390380406,"CWGL0512Y3391","Canada Weather Gear","Canada Weather Gear Women's Full Zip Aztec Printed Sherpa Black/Grey/Mauve / L","Jackets","Black/Grey/Mauve","L","Women's",65,32.5,188,14.564705882352943,2738.1647058823532]
[791390380413,"CWGL0512Y3391","Canada Weather Gear","Canada Weather Gear Women's Full Zip Aztec Printed Sherpa Black/Grey/Mauve / XL","Jackets","Black/Grey/Mauve","XL","Women's",65,32.5,64,14.564705882352943,932.14117647058833]
[791390213421,"CWG098Y2409","Canada Weather Gear","Canada Weather Gear Women's Full Zip Printed Sherpa Jacket BL Pink/White B / S","Jackets","BL Pink/White B","S","Women's",65,32.5,91,13.094117647058825,1191.5647058823531]
[791390213438,"CWG098Y2409","Canada Weather Gear","Canada Weather Gear Women's Full Zip Printed Sherpa Jacket BL Pink/White B / M","Jackets","BL Pink/White B","M","Women's",65,32.5,166,13.094117647058825,2173.623529411765]
[791390213445,"CWG098Y2409","Canada Weather Gear","Canada Weather Gear Women's Full Zip Printed Sherpa Jacket BL Pink/White B / L","Jackets","BL Pink/White B","L","Women's",65,32.5,176,13.094117647058825,2304.5647058823533]
[791390213452,"CWG098Y2409","Canada Weather Gear","Canada Weather Gear Women's Full Zip Printed Sherpa Jacket BL Pink/White B / XL","Jackets","BL Pink/White B","XL","Women's",65,32.5,14,13.094117647058825,183.31764705882355]
[791390213308,"CWG098Y2407","Canada Weather Gear","Canada Weather Gear Women's Full Zip Printed Sherpa Jacket Black Grey/Cheetah / S","Jackets","Black Grey/Cheetah","S","Women's",65,32.5,20,13.094117647058825,261.88235294117652]
[791390213315,"CWG098Y2407","Canada Weather Gear","Canada Weather Gear Women's Full Zip Printed Sherpa Jacket Black Grey/Cheetah / M","Jackets","Black Grey/Cheetah","M","Women's",65,32.5,46,13.094117647058825,602.32941176470592]
[791390213322,"CWG098Y2407","Canada Weather Gear","Canada Weather Gear Women's Full Zip Printed Sherpa Jacket Black Grey/Cheetah / L","Jackets","Black Grey/Cheetah","L","Women's",65,32.5,39,13.094117647058825,510.67058823529419]
[791390213339,"CWG098Y2407","Canada Weather Gear","Canada Weather Gear Women's Full Zip Printed Sherpa Jacket Black Grey/Cheetah / XL","Jackets","Black Grey/Cheetah","XL","Women's",65,32.5,15,13.094117647058825,196.41176470588238]
[791390213360,"CWG098Y2408","Canada Weather Gear","Canada Weather Gear Women's Full Zip Printed Sherpa Jacket Black/Grey Charcoal / S","Jackets","Black/Grey Charcoal","S","Women's",65,32.5,62,13.094117647058825,811.83529411764709]
[791390213377,"CWG098Y2408","Canada Weather Gear","Canada Weather Gear Women's Full Zip Printed Sherpa Jacket Black/Grey Charcoal / M","Jackets","Black/Grey Charcoal","M","Women's",65,32.5,126,13.094117647058825,1649.8588235294119]
[791390213384,"CWG098Y2408","Canada Weather Gear","Canada Weather Gear Women's Full Zip Printed Sherpa Jacket Black/Grey Charcoal / L","Jackets","Black/Grey Charcoal","L","Women's",65,32.5,118,13.094117647058825,1545.1058823529413]
[791390213391,"CWG098Y2408","Canada Weather Gear","Canada Weather Gear Women's Full Zip Printed Sherpa Jacket Black/Grey Charcoal / XL","Jackets","Black/Grey Charcoal","XL","Women's",65,32.5,64,13.094117647058825,838.0235294117648]
[791390213483,"CWG098Y2409","Canada Weather Gear","Canada Weather Gear Women's Full Zip Printed Sherpa Jacket Gray/White Buffalo Plaid / S","Jackets","Gray/White Buffalo Plaid","S","Women's",65,32.5,21,13.094117647058825,274.97647058823532]
[791390213490,"CWG098Y2409","Canada Weather Gear","Canada Weather Gear Women's Full Zip Printed Sherpa Jacket Gray/White Buffalo Plaid / M","Jackets","Gray/White Buffalo Plaid","M","Women's",65,32.5,39,13.094117647058825,510.67058823529419]
[791390213506,"CWG098Y2409","Canada Weather Gear","Canada Weather Gear Women's Full Zip Printed Sherpa Jacket Gray/White Buffalo Plaid / L","Jackets","Gray/White Buffalo Plaid","L","Women's",65,32.5,23,13.094117647058825,301.16470588235296]
[791390213513,"CWG098Y2409","Canada Weather Gear","Canada Weather Gear Women's Full Zip Printed Sherpa Jacket Gray/White Buffalo Plaid / XL","Jackets","Gray/White Buffalo Plaid","XL","Women's",65,32.5,11,13.094117647058825,144.03529411764708]
[791390213247,"CWG098Y2406","Canada Weather Gear","Canada Weather Gear Women's Full Zip Printed Sherpa Jacket Rust/White Star / S","Jackets","Rust/White Star","S","Women's",65,32.5,90,13.094117647058825,1178.4705882352941]
[791390213254,"CWG098Y2406","Canada Weather Gear","Canada Weather Gear Women's Full Zip Printed Sherpa Jacket Rust/White Star / M","Jackets","Rust/White Star","M","Women's",65,32.5,225,13.094117647058825,2946.1764705882356]
[791390213261,"CWG098Y2406","Canada Weather Gear","Canada Weather Gear Women's Full Zip Printed Sherpa Jacket Rust/White Star / L","Jackets","Rust/White Star","L","Women's",65,32.5,197,13.094117647058825,2579.5411764705887]
[791390213278,"CWG098Y2406","Canada Weather Gear","Canada Weather Gear Women's Full Zip Printed Sherpa Jacket Rust/White Star / XL","Jackets","Rust/White Star","XL","Women's",65,32.5,52,13.094117647058825,680.89411764705892]
[886785703059,null,"Canada Weather Gear","Canada Weather Gear Women's Long Puffer Black / S","Jackets","Black","S","Women's",255,127.5,10,51.564705882352939,515.64705882352939]
[886785703066,null,"Canada Weather Gear","Canada Weather Gear Women's Long Puffer Black / M","Jackets","Black","M","Women's",255,127.5,11,51.564705882352939,567.21176470588239]
[886785703073,null,"Canada Weather Gear","Canada Weather Gear Women's Long Puffer Black / L","Jackets","Black","L","Women's",255,127.5,17,51.564705882352939,876.59999999999991]
[886785703080,null,"Canada Weather Gear","Canada Weather Gear Women's Long Puffer Black / XL","Jackets","Black","XL","Women's",255,127.5,7,51.564705882352939,360.95294117647057]
[886785703097,"OLCW846PZ","Canada Weather Gear","Canada Weather Gear Women's Long Puffer Cranberry/Natural / S","Jackets","Cranberry/Natural","S","Women's",255,127.5,9,51.564705882352939,464.08235294117645]
[886785703103,"OLCW846PZ","Canada Weather Gear","Canada Weather Gear Women's Long Puffer Cranberry/Natural / M","Jackets","Cranberry/Natural","M","Women's",255,127.5,47,51.564705882352939,2423.5411764705882]
[886785703110,"OLCW846PZ","Canada Weather Gear","Canada Weather Gear Women's Long Puffer Cranberry/Natural / L","Jackets","Cranberry/Natural","L","Women's",255,127.5,42,51.564705882352939,2165.7176470588233]
[886785703127,"OLCW846PZ","Canada Weather Gear","Canada Weather Gear Women's Long Puffer Cranberry/Natural / XL","Jackets","Cranberry/Natural","XL","Women's",255,127.5,20,51.564705882352939,1031.2941176470588]
[886785703134,"OLCW846PZ","Canada Weather Gear","Canada Weather Gear Women's Long Puffer Sand/Natural / S","Jackets","Sand/Natural","S","Women's",255,127.5,21,51.564705882352939,1082.8588235294117]
[886785703141,"OLCW846PZ","Canada Weather Gear","Canada Weather Gear Women's Long Puffer Sand/Natural / M","Jackets","Sand/Natural","M","Women's",255,127.5,45,51.564705882352939,2320.4117647058824]
[886785703158,"OLCW846PZ","Canada Weather Gear","Canada Weather Gear Women's Long Puffer Sand/Natural / L","Jackets","Sand/Natural","L","Women's",255,127.5,42,51.564705882352939,2165.7176470588233]
[886785703165,"OLCW846PZ","Canada Weather Gear","Canada Weather Gear Women's Long Puffer Sand/Natural / XL","Jackets","Sand/Natural","XL","Women's",255,127.5,22,51.564705882352939,1134.4235294117648]
[196730047382,"OLCW824PZ","Canada Weather Gear","Canada Weather Gear Women's Long Puffer with Faux Fur and Sherpa Lined Hood Blackberry/Natural / S","Jackets","Blackberry/Natural","S","Women's",245,122.5,28,50.588235294117645,1416.4705882352941]
[196730047399,"OLCW824PZ","Canada Weather Gear","Canada Weather Gear Women's Long Puffer with Faux Fur and Sherpa Lined Hood Blackberry/Natural / M","Jackets","Blackberry/Natural","M","Women's",245,122.5,53,50.588235294117645,2681.1764705882351]
[196730047405,"OLCW824PZ","Canada Weather Gear","Canada Weather Gear Women's Long Puffer with Faux Fur and Sherpa Lined Hood Blackberry/Natural / L","Jackets","Blackberry/Natural","L","Women's",245,122.5,55,50.588235294117645,2782.3529411764703]
[196730047412,"OLCW824PZ","Canada Weather Gear","Canada Weather Gear Women's Long Puffer with Faux Fur and Sherpa Lined Hood Blackberry/Natural / XL","Jackets","Blackberry/Natural","XL","Women's",245,122.5,13,50.588235294117645,657.64705882352939]
[196730047306,"OLCW824PZ","Canada Weather Gear","Canada Weather Gear Women's Long Puffer with Faux Fur and Sherpa Lined Hood Pink Haze/Natural / S","Jackets","Pink Haze/Natural","S","Women's",245,122.5,28,50.588235294117645,1416.4705882352941]
[196730047313,"OLCW824PZ","Canada Weather Gear","Canada Weather Gear Women's Long Puffer with Faux Fur and Sherpa Lined Hood Pink Haze/Natural / M","Jackets","Pink Haze/Natural","M","Women's",245,122.5,54,50.588235294117645,2731.7647058823527]
[196730047320,"OLCW824PZ","Canada Weather Gear","Canada Weather Gear Women's Long Puffer with Faux Fur and Sherpa Lined Hood Pink Haze/Natural / L","Jackets","Pink Haze/Natural","L","Women's",245,122.5,45,50.588235294117645,2276.4705882352941]
[196730047337,"OLCW824PZ","Canada Weather Gear","Canada Weather Gear Women's Long Puffer with Faux Fur and Sherpa Lined Hood Pink Haze/Natural / XL","Jackets","Pink Haze/Natural","XL","Women's",245,122.5,8,50.588235294117645,404.70588235294116]
[196730047344,"OLCW824PZ","Canada Weather Gear","Canada Weather Gear Women's Long Puffer with Faux Fur and Sherpa Lined Hood Red/Natural / S","Jackets","Red/Natural","S","Women's",245,122.5,28,50.588235294117645,1416.4705882352941]
[196730047351,"OLCW824PZ","Canada Weather Gear","Canada Weather Gear Women's Long Puffer with Faux Fur and Sherpa Lined Hood Red/Natural / M","Jackets","Red/Natural","M","Women's",245,122.5,54,50.588235294117645,2731.7647058823527]
[196730047368,"OLCW824PZ","Canada Weather Gear","Canada Weather Gear Women's Long Puffer with Faux Fur and Sherpa Lined Hood Red/Natural / L","Jackets","Red/Natural","L","Women's",245,122.5,54,50.588235294117645,2731.7647058823527]
[196730047375,"OLCW824PZ","Canada Weather Gear","Canada Weather Gear Women's Long Puffer with Faux Fur and Sherpa Lined Hood Red/Natural / XL","Jackets","Red/Natural","XL","Women's",245,122.5,16,50.588235294117645,809.41176470588232]
[196730047467,"OLCW824PZ","Canada Weather Gear","Canada Weather Gear Women's Long Puffer with Faux Fur and Sherpa Lined Hood White/Natural / S","Jackets","White/Natural","S","Women's",245,122.5,8,50.588235294117645,404.70588235294116]
[196730047474,"OLCW824PZ","Canada Weather Gear","Canada Weather Gear Women's Long Puffer with Faux Fur and Sherpa Lined Hood White/Natural / M","Jackets","White/Natural","M","Women's",245,122.5,38,50.588235294117645,1922.3529411764705]
[196730047481,"OLCW824PZ","Canada Weather Gear","Canada Weather Gear Women's Long Puffer with Faux Fur and Sherpa Lined Hood White/Natural / L","Jackets","White/Natural","L","Women's",245,122.5,42,50.588235294117645,2124.705882352941]
[196730047498,"OLCW824PZ","Canada Weather Gear","Canada Weather Gear Women's Long Puffer with Faux Fur and Sherpa Lined Hood White/Natural / XL","Jackets","White/Natural","XL","Women's",245,122.5,15,50.588235294117645,758.82352941176464]
[886785685614,"OLCW843PZ","Canada Weather Gear","Canada Weather Gear Women's 2 in 1 System Long Puffer Black / S","Jackets","Black","S","Women's",245,122.5,19,51.764705882352942,983.52941176470586]
[886785685621,"OLCW843PZ","Canada Weather Gear","Canada Weather Gear Women's 2 in 1 System Long Puffer Black / M","Jackets","Black","M","Women's",245,122.5,33,51.764705882352942,1708.2352941176471]
[886785685638,"OLCW843PZ","Canada Weather Gear","Canada Weather Gear Women's 2 in 1 System Long Puffer Black / L","Jackets","Black","L","Women's",245,122.5,30,51.764705882352942,1552.9411764705883]
[886785685645,"OLCW843PZ","Canada Weather Gear","Canada Weather Gear Women's 2 in 1 System Long Puffer Black / XL","Jackets","Black","XL","Women's",245,122.5,3,51.764705882352942,155.29411764705884]
[886785685652,"OLCW843PZ","Canada Weather Gear","Canada Weather Gear Women's 2 in 1 System Long Puffer Blackberry Wine / S","Jackets","Blackberry Wine","S","Women's",245,122.5,22,51.764705882352942,1138.8235294117646]
[886785685669,"OLCW843PZ","Canada Weather Gear","Canada Weather Gear Women's 2 in 1 System Long Puffer Blackberry Wine / M","Jackets","Blackberry Wine","M","Women's",245,122.5,42,51.764705882352942,2174.1176470588234]
[886785685676,"OLCW843PZ","Canada Weather Gear","Canada Weather Gear Women's 2 in 1 System Long Puffer Blackberry Wine / L","Jackets","Blackberry Wine","L","Women's",245,122.5,42,51.764705882352942,2174.1176470588234]
[886785685683,"OLCW843PZ","Canada Weather Gear","Canada Weather Gear Women's 2 in 1 System Long Puffer Blackberry Wine / XL","Jackets","Blackberry Wine","XL","Women's",245,122.5,17,51.764705882352942,880]
[196730075866,"OLCW780PZ","Canada Weather Gear","Canada Weather Gear Women's Long Puffer with Faux Fur Trim Hood Dusty Rose / S","Jackets","Dusty Rose","S","Women's",245,122.5,9,49.411764705882355,444.70588235294122]
[196730075873,"OLCW780PZ","Canada Weather Gear","Canada Weather Gear Women's Long Puffer with Faux Fur Trim Hood Dusty Rose / M","Jackets","Dusty Rose","M","Women's",245,122.5,43,49.411764705882355,2124.7058823529414]
[196730075880,"OLCW780PZ","Canada Weather Gear","Canada Weather Gear Women's Long Puffer with Faux Fur Trim Hood Dusty Rose / L","Jackets","Dusty Rose","L","Women's",245,122.5,44,49.411764705882355,2174.1176470588234]
[196730075897,"OLCW780PZ","Canada Weather Gear","Canada Weather Gear Women's Long Puffer with Faux Fur Trim Hood Dusty Rose / XL","Jackets","Dusty Rose","XL","Women's",245,122.5,11,49.411764705882355,543.52941176470586]
[196730075828,"OLCW780PZ","Canada Weather Gear","Canada Weather Gear Women's Long Puffer with Faux Fur Trim Hood Pecan / S","Jackets","Pecan","S","Women's",245,122.5,21,49.411764705882355,1037.6470588235295]
[196730075835,"OLCW780PZ","Canada Weather Gear","Canada Weather Gear Women's Long Puffer with Faux Fur Trim Hood Pecan / M","Jackets","Pecan","M","Women's",245,122.5,41,49.411764705882355,2025.8823529411766]
[196730075842,"OLCW780PZ","Canada Weather Gear","Canada Weather Gear Women's Long Puffer with Faux Fur Trim Hood Pecan / L","Jackets","Pecan","L","Women's",245,122.5,44,49.411764705882355,2174.1176470588234]
[196730075859,"OLCW780PZ","Canada Weather Gear","Canada Weather Gear Women's Long Puffer with Faux Fur Trim Hood Pecan / XL","Jackets","Pecan","XL","Women's",245,122.5,14,49.411764705882355,691.76470588235293]
[196730075781,"OLCW780PZ","Canada Weather Gear","Canada Weather Gear Women's Long Puffer with Faux Fur Trim Hood Teal Ocean / S","Jackets","Teal Ocean","S","Women's",245,122.5,17,49.411764705882355,840]
[196730075798,"OLCW780PZ","Canada Weather Gear","Canada Weather Gear Women's Long Puffer with Faux Fur Trim Hood Teal Ocean / M","Jackets","Teal Ocean","M","Women's",245,122.5,41,49.411764705882355,2025.8823529411766]
[196730075804,"OLCW780PZ","Canada Weather Gear","Canada Weather Gear Women's Long Puffer with Faux Fur Trim Hood Teal Ocean / L","Jackets","Teal Ocean","L","Women's",245,122.5,40,49.411764705882355,1976.4705882352941]
[196730075811,"OLCW780PZ","Canada Weather Gear","Canada Weather Gear Women's Long Puffer with Faux Fur Trim Hood Teal Ocean / XL","Jackets","Teal Ocean","XL","Women's",245,122.5,14,49.411764705882355,691.76470588235293]
[196730083007,"OLCW743PZ","Canada Weather Gear","Canada Weather Gear Women's Parka with Faux Fur Trim Hooded Black / S","Jackets","Black","S","Women's",300,150,12,50.588235294117645,607.05882352941171]
[196730083014,"OLCW743PZ","Canada Weather Gear","Canada Weather Gear Women's Parka with Faux Fur Trim Hooded Black / M","Jackets","Black","M","Women's",300,150,18,50.588235294117645,910.58823529411757]
[196730083021,"OLCW743PZ","Canada Weather Gear","Canada Weather Gear Women's Parka with Faux Fur Trim Hooded Black / L","Jackets","Black","L","Women's",300,150,19,50.588235294117645,961.17647058823525]
[196730083038,"OLCW743PZ","Canada Weather Gear","Canada Weather Gear Women's Parka with Faux Fur Trim Hooded Black / XL","Jackets","Black","XL","Women's",300,150,11,50.588235294117645,556.47058823529414]
[196730083083,"OLCW743PZ","Canada Weather Gear","Canada Weather Gear Women's Parka with Faux Fur Trim Hooded Pink Haze / S","Jackets","Pink Haze","S","Women's",300,150,10,50.588235294117645,505.88235294117646]
[196730083090,"OLCW743PZ","Canada Weather Gear","Canada Weather Gear Women's Parka with Faux Fur Trim Hooded Pink Haze / M","Jackets","Pink Haze","M","Women's",300,150,23,50.588235294117645,1163.5294117647059]
[196730083106,"OLCW743PZ","Canada Weather Gear","Canada Weather Gear Women's Parka with Faux Fur Trim Hooded Pink Haze / L","Jackets","Pink Haze","L","Women's",300,150,23,50.588235294117645,1163.5294117647059]
[196730083113,"OLCW743PZ","Canada Weather Gear","Canada Weather Gear Women's Parka with Faux Fur Trim Hooded Pink Haze / XL","Jackets","Pink Haze","XL","Women's",300,150,11,50.588235294117645,556.47058823529414]
[196730083045,"OLCW743PZ","Canada Weather Gear","Canada Weather Gear Women's Parka with Faux Fur Trim Hooded White / S","Jackets","White","S","Women's",300,150,23,50.588235294117645,1163.5294117647059]
[196730083052,"OLCW743PZ","Canada Weather Gear","Canada Weather Gear Women's Parka with Faux Fur Trim Hooded White / M","Jackets","White","M","Women's",300,150,24,50.588235294117645,1214.1176470588234]
[196730083069,"OLCW743PZ","Canada Weather Gear","Canada Weather Gear Women's Parka with Faux Fur Trim Hooded White / L","Jackets","White","L","Women's",300,150,48,50.588235294117645,2428.2352941176468]
[196730083076,"OLCW743PZ","Canada Weather Gear","Canada Weather Gear Women's Parka with Faux Fur Trim Hooded White / XL","Jackets","White","XL","Women's",300,150,12,50.588235294117645,607.05882352941171]
[196730031374,"OLCW817PZ","Canada Weather Gear","Canada Weather Gear Women's Softshell Anorak with Faux Fur Trim Hood Cranberry/Natural / S","Jackets","Cranberry/Natural","S","Women's",210,105,8,38.82352941176471,310.58823529411768]
[196730031381,"OLCW817PZ","Canada Weather Gear","Canada Weather Gear Women's Softshell Anorak with Faux Fur Trim Hood Cranberry/Natural / M","Jackets","Cranberry/Natural","M","Women's",210,105,21,38.82352941176471,815.2941176470589]
[196730031398,"OLCW817PZ","Canada Weather Gear","Canada Weather Gear Women's Softshell Anorak with Faux Fur Trim Hood Cranberry/Natural / L","Jackets","Cranberry/Natural","L","Women's",210,105,19,38.82352941176471,737.64705882352951]
[196730031404,"OLCW817PZ","Canada Weather Gear","Canada Weather Gear Women's Softshell Anorak with Faux Fur Trim Hood Cranberry/Natural / XL","Jackets","Cranberry/Natural","XL","Women's",210,105,16,38.82352941176471,621.17647058823536]
[196730031411,"OLCW817PZ","Canada Weather Gear","Canada Weather Gear Women's Softshell Anorak with Faux Fur Trim Hood Peacock/Natural / S","Jackets","Peacock/Natural","S","Women's",210,105,10,38.82352941176471,388.23529411764707]
[196730031428,"OLCW817PZ","Canada Weather Gear","Canada Weather Gear Women's Softshell Anorak with Faux Fur Trim Hood Peacock/Natural / M","Jackets","Peacock/Natural","M","Women's",210,105,23,38.82352941176471,892.94117647058829]
[196730031435,"OLCW817PZ","Canada Weather Gear","Canada Weather Gear Women's Softshell Anorak with Faux Fur Trim Hood Peacock/Natural / L","Jackets","Peacock/Natural","L","Women's",210,105,21,38.82352941176471,815.2941176470589]
[196730031442,"OLCW817PZ","Canada Weather Gear","Canada Weather Gear Women's Softshell Anorak with Faux Fur Trim Hood Peacock/Natural / XL","Jackets","Peacock/Natural","XL","Women's",210,105,5,38.82352941176471,194.11764705882354]
[196096616451,"OMRB1012PZ","Reebok","Reebok Men's Puffer Jacket Blue/Black / S","Jackets","Blue/Black","S","Men's",180,90,183,29.223529411764705,5347.9058823529413]
[196096616468,"OMRB1012PZ","Reebok","Reebok Men's Puffer Jacket Blue/Black / M","Jackets","Blue/Black","M","Men's",180,90,182,29.223529411764705,5318.6823529411768]
[196096616475,"OMRB1012PZ","Reebok","Reebok Men's Puffer Jacket Blue/Black / L","Jackets","Blue/Black","L","Men's",180,90,378,29.223529411764705,11046.494117647058]
[196096616482,"OMRB1012PZ","Reebok","Reebok Men's Puffer Jacket Blue/Black / XL","Jackets","Blue/Black","XL","Men's",180,90,392,29.223529411764705,11455.623529411765]
[196096616499,"OMRB1012PZ","Reebok","Reebok Men's Puffer Jacket Blue/Black / 2XL","Jackets","Blue/Black","2XL","Men's",180,90,189,29.223529411764705,5523.2470588235292]
[196096616512,"OMRB1012PZ","Reebok","Reebok Men's Puffer Jacket Grey Halftone Camo / S","Jackets","Grey Halftone Camo","S","Men's",180,90,324,29.223529411764705,9468.4235294117643]
[196096616529,"OMRB1012PZ","Reebok","Reebok Men's Puffer Jacket Grey Halftone Camo / M","Jackets","Grey Halftone Camo","M","Men's",180,90,210,29.223529411764705,6136.9411764705883]
[196096616536,"OMRB1012PZ","Reebok","Reebok Men's Puffer Jacket Grey Halftone Camo / L","Jackets","Grey Halftone Camo","L","Men's",180,90,465,29.223529411764705,13588.941176470587]
[196096616543,"OMRB1012PZ","Reebok","Reebok Men's Puffer Jacket Grey Halftone Camo / XL","Jackets","Grey Halftone Camo","XL","Men's",180,90,489,29.223529411764705,14290.305882352941]
[196096616550,"OMRB1012PZ","Reebok","Reebok Men's Puffer Jacket Grey Halftone Camo / 2XL","Jackets","Grey Halftone Camo","2XL","Men's",180,90,262,29.223529411764705,7656.5647058823524]
[196096736999,"OLRB483PZ","Reebok","Reebok Women's Puffer Jacket Black / S","Jackets","Black","S","Women's",145,72.5,553,27.44705882352941,15178.223529411764]
[196096737002,"OLRB483PZ","Reebok","Reebok Women's Puffer Jacket Black / M","Jackets","Black","M","Women's",145,72.5,1216,27.44705882352941,33375.623529411765]
[196096737019,"OLRB483PZ","Reebok","Reebok Women's Puffer Jacket Black / L","Jackets","Black","L","Women's",145,72.5,1206,27.44705882352941,33101.152941176471]
[196096737026,"OLRB483PZ","Reebok","Reebok Women's Puffer Jacket Black / XL","Jackets","Black","XL","Women's",145,72.5,524,27.44705882352941,14382.258823529412]
[196096736708,"OLRB483PZ","Reebok","Reebok Women's Sherpa Hood Puffer Jacket Dark Dusty Rose / S","Jackets","Dark Dusty Rose","S","Women's",165,82.5,265,26.705882352941178,7077.0588235294117]
[196096736715,"OLRB483PZ","Reebok","Reebok Women's Sherpa Hood Puffer Jacket Dark Dusty Rose / M","Jackets","Dark Dusty Rose","M","Women's",165,82.5,532,26.705882352941178,14207.529411764706]
[196096736722,"OLRB483PZ","Reebok","Reebok Women's Sherpa Hood Puffer Jacket Dark Dusty Rose / L","Jackets","Dark Dusty Rose","L","Women's",165,82.5,666,26.705882352941178,17786.117647058825]
[196096736739,"OLRB483PZ","Reebok","Reebok Women's Sherpa Hood Puffer Jacket Dark Dusty Rose / XL","Jackets","Dark Dusty Rose","XL","Women's",165,82.5,236,26.705882352941178,6302.588235294118]
[196096736791,"OLRB483PZ","Reebok","Reebok Women's Sherpa Hood Puffer Jacket Peacock / S","Jackets","Peacock","S","Women's",165,82.5,253,26.705882352941178,6756.588235294118]
[196096736807,"OLRB483PZ","Reebok","Reebok Women's Sherpa Hood Puffer Jacket Peacock / M","Jackets","Peacock","M","Women's",165,82.5,467,26.705882352941178,12471.64705882353]
[196096736814,"OLRB483PZ","Reebok","Reebok Women's Sherpa Hood Puffer Jacket Peacock / L","Jackets","Peacock","L","Women's",165,82.5,501,26.705882352941178,13379.64705882353]
[196096736821,"OLRB483PZ","Reebok","Reebok Women's Sherpa Hood Puffer Jacket Peacock / XL","Jackets","Peacock","XL","Women's",165,82.5,208,26.705882352941178,5554.8235294117649]
[193524328429,582009,"PUMA","PUMA Men's Ace Windbreaker PUMA Black/Quiet Shade / XS","Jackets","PUMA Black/Quiet Shade","XS","Men's",69,34.5,43,12.129411764705884,521.564705882353]
[193524328412,582009,"PUMA","PUMA Men's Ace Windbreaker PUMA Black/Quiet Shade / S","Jackets","PUMA Black/Quiet Shade","S","Men's",69,34.5,53,12.129411764705884,642.85882352941178]
[193524328368,582009,"PUMA","PUMA Men's Ace Windbreaker PUMA Black/Quiet Shade / XL","Jackets","PUMA Black/Quiet Shade","XL","Men's",69,34.5,62,12.129411764705884,752.0235294117648]
[193524328375,582009,"PUMA","PUMA Men's Ace Windbreaker PUMA Black/Quiet Shade / 2XL","Jackets","PUMA Black/Quiet Shade","2XL","Men's",69,34.5,108,12.129411764705884,1309.9764705882355]
[193524328382,582009,"PUMA","PUMA Men's Ace Windbreaker PUMA Black/Quiet Shade / 3XL","Jackets","PUMA Black/Quiet Shade","3XL","Men's",69,34.5,26,12.129411764705884,315.36470588235295]
[193524299422,596806,"PUMA","PUMA Men's Fairway Golf Full-Zip PUMA Black / S","Jackets","PUMA Black","S","Men's",59.99,30,101,23.117647058823529,2334.8823529411766]
[193524299415,596806,"PUMA","PUMA Men's Fairway Golf Full-Zip PUMA Black / M","Jackets","PUMA Black","M","Men's",59.99,30,443,23.117647058823529,10241.117647058823]
[193524299453,596806,"PUMA","PUMA Men's Fairway Golf Full-Zip PUMA Black / L","Jackets","PUMA Black","L","Men's",59.99,30,853,23.117647058823529,19719.352941176468]
[193524299460,596806,"PUMA","PUMA Men's Fairway Golf Full-Zip PUMA Black / XL","Jackets","PUMA Black","XL","Men's",59.99,30,430,23.117647058823529,9940.5882352941171]
[193524299477,596806,"PUMA","PUMA Men's Fairway Golf Full-Zip PUMA Black / 2XL","Jackets","PUMA Black","2XL","Men's",59.99,30,421,23.117647058823529,9732.5294117647063]
[193524299484,596806,"PUMA","PUMA Men's Fairway Golf Full-Zip PUMA Black / 3XL","Jackets","PUMA Black","3XL","Men's",59.99,30,113,23.117647058823529,2612.2941176470586]
[193524299491,596806,"PUMA","PUMA Men's Fairway Golf Full-Zip PUMA Black / 4XL","Jackets","PUMA Black","4XL","Men's",59.99,30,68,23.117647058823529,1572]
[193524299521,596806,"PUMA","PUMA Men's Fairway Golf Full-Zip Quiet Shade / S","Jackets","Quiet Shade","S","Men's",59.99,30,140,23.117647058823529,3236.4705882352941]
[193524299514,596806,"PUMA","PUMA Men's Fairway Golf Full-Zip Quiet Shade / M","Jackets","Quiet Shade","M","Men's",59.99,30,368,23.117647058823529,8507.2941176470595]
[193524299552,596806,"PUMA","PUMA Men's Fairway Golf Full-Zip Quiet Shade / L","Jackets","Quiet Shade","L","Men's",59.99,30,754,23.117647058823529,17430.705882352941]
[193524299569,596806,"PUMA","PUMA Men's Fairway Golf Full-Zip Quiet Shade / XL","Jackets","Quiet Shade","XL","Men's",59.99,30,755,23.117647058823529,17453.823529411766]
[193524299576,596806,"PUMA","PUMA Men's Fairway Golf Full-Zip Quiet Shade / 2XL","Jackets","Quiet Shade","2XL","Men's",59.99,30,358,23.117647058823529,8276.1176470588234]
[193524299583,596806,"PUMA","PUMA Men's Fairway Golf Full-Zip Quiet Shade / 3XL","Jackets","Quiet Shade","3XL","Men's",59.99,30,131,23.117647058823529,3028.4117647058824]
[193524299590,596806,"PUMA","PUMA Men's Fairway Golf Full-Zip Quiet Shade / 4XL","Jackets","Quiet Shade","4XL","Men's",59.99,30,100,23.117647058823529,2311.7647058823527]
[193524311803,597160,"PUMA","PUMA Women's Fairway Full Zip PUMA Black / M","Jackets","PUMA Black","M","Women's",65,32.5,16,13.247058823529413,211.9529411764706]
[193524311827,597160,"PUMA","PUMA Women's Fairway Full Zip PUMA Black / L","Jackets","PUMA Black","L","Women's",65,32.5,46,13.247058823529413,609.36470588235295]
[193524311834,597160,"PUMA","PUMA Women's Fairway Full Zip PUMA Black / XL","Jackets","PUMA Black","XL","Women's",65,32.5,44,13.247058823529413,582.87058823529412]
[193524311841,597160,"PUMA","PUMA Women's Fairway Full Zip PUMA Black / 2XL","Jackets","PUMA Black","2XL","Women's",65,32.5,18,13.247058823529413,238.44705882352943]
[193524311858,597160,"PUMA","PUMA Women's Fairway Full Zip PUMA Black / 3XL","Jackets","PUMA Black","3XL","Women's",65,32.5,8,13.247058823529413,105.9764705882353]
[193524311896,"597160-02","PUMA","PUMA Women's Fairway Full Zip Quiet Shade / M","Jackets","Quiet Shade","M","Women's",65,32.5,13,13.247058823529413,172.21176470588236]
[193524311926,597160,"PUMA","PUMA Women's Fairway Full Zip Quiet Shade / L","Jackets","Quiet Shade","L","Women's",65,32.5,45,13.247058823529413,596.11764705882354]
[193524311933,597160,"PUMA","PUMA Women's Fairway Full Zip Quiet Shade / XL","Jackets","Quiet Shade","XL","Women's",65,32.5,45,13.247058823529413,596.11764705882354]
[193524311940,597160,"PUMA","PUMA Women's Fairway Full Zip Quiet Shade / 2XL","Jackets","Quiet Shade","2XL","Women's",65,32.5,130,13.247058823529413,1722.1176470588236]
[193524311957,597160,"PUMA","PUMA Women's Fairway Full Zip Quiet Shade / 3XL","Jackets","Quiet Shade","3XL","Women's",65,32.5,12,13.247058823529413,158.96470588235294]

{"sheet":"Spyder","index":1,"n_rows":253,"n_cols":12,"rows_kept":253,"cut":false,"hidden":false,"merged":[]}
["UPC","PART #","Brand","Item","Category","Color","Size","Gender","MSRP","Wholesale Cost","ITEM QUANTITY","Image"]
[731990210918,"SPFFM23S-001","Spyder","Spyder Big Girl's Clara Short Puffer Jacket Black / S","Jackets","Black","S","Girl's",129,64.5,228]
[731990211236,"SPFFM23S-001","Spyder","Spyder Big Girl's Clara Short Puffer Jacket Black / M","Jackets","Black","M","Girl's",129,64.5,456]
[731990211243,"SPFFM23S-001","Spyder","Spyder Big Girl's Clara Short Puffer Jacket Black / L","Jackets","Black","L","Girl's",129,64.5,449]
[731990212738,"SPFFM23S-001","Spyder","Spyder Big Girl's Clara Short Puffer Jacket Black / XL","Jackets","Black","XL","Girl's",129,64.5,174]
[196601113338,"SPFFM32F-001","Spyder","Spyder Boy's Circuit Puffer Jacket Black / S","Jackets","Black","S","Boy's",149,74.5,243]
[196601113321,"SPFFM32F-001","Spyder","Spyder Boy's Circuit Puffer Jacket Black / M","Jackets","Black","M","Boy's",149,74.5,355]
[196601113314,"SPFFM32F-001","Spyder","Spyder Boy's Circuit Puffer Jacket Black / L","Jackets","Black","L","Boy's",149,74.5,571]
[196601113345,"SPFFM32F-001","Spyder","Spyder Boy's Circuit Puffer Jacket Black / XL","Jackets","Black","XL","Boy's",149,74.5,243]
[196601113413,"SPFFM32F-408","Spyder","Spyder Boy's Circuit Puffer Jacket Old Glory / S","Jackets","Old Glory","S","Boy's",149,74.5,232]
[196601113406,"SPFFM32F-408","Spyder","Spyder Boy's Circuit Puffer Jacket Old Glory / M","Jackets","Old Glory","M","Boy's",149,74.5,575]
[196601113390,"SPFFM32F-408","Spyder","Spyder Boy's Circuit Puffer Jacket Old Glory / L","Jackets","Old Glory","L","Boy's",149,74.5,627]
[196601113420,"SPFFM32F-408","Spyder","Spyder Boy's Circuit Puffer Jacket Old Glory / XL","Jackets","Old Glory","XL","Boy's",149,74.5,327]
[196601113451,"SPFFM32F-601","Spyder","Spyder Boy's Circuit Puffer Jacket Red / S","Jackets","Red","S","Boy's",149,74.5,228]
[196601113444,"SPFFM32F-601","Spyder","Spyder Boy's Circuit Puffer Jacket Red / M","Jackets","Red","M","Boy's",149,74.5,642]
[196601113437,"SPFFM32F-601","Spyder","Spyder Boy's Circuit Puffer Jacket Red / L","Jackets","Red","L","Boy's",149,74.5,664]
[196601113468,"SPFFM32F-601","Spyder","Spyder Boy's Circuit Puffer Jacket Red / XL","Jackets","Red","XL","Boy's",149,74.5,348]
[196601112218,"SPFFM28F-001","Spyder","Spyder Boy's Puffer Jacket Black / S","Jackets","Black","S","Boy's",149,74.5,237]
[196601112201,"SPFFM28F-001","Spyder","Spyder Boy's Puffer Jacket Black / M","Jackets","Black","M","Boy's",149,74.5,488]
[196601112096,"SPFFM28F-001","Spyder","Spyder Boy's Puffer Jacket Black / L","Jackets","Black","L","Boy's",149,74.5,528]
[196601112225,"SPFFM28F-001","Spyder","Spyder Boy's Puffer Jacket Black / XL","Jackets","Black","XL","Boy's",149,74.5,112]
[196601112638,"SPFFM28F-402","Spyder","Spyder Boy's Puffer Jacket Frontier / S","Jackets","Frontier","S","Boy's",149,74.5,244]
[196601112621,"SPFFM28F-402","Spyder","Spyder Boy's Puffer Jacket Frontier / M","Jackets","Frontier","M","Boy's",149,74.5,576]
[196601112614,"SPFFM28F-402","Spyder","Spyder Boy's Puffer Jacket Frontier / L","Jackets","Frontier","L","Boy's",149,74.5,565]
[196601112645,"SPFFM28F-402","Spyder","Spyder Boy's Puffer Jacket Frontier / XL","Jackets","Frontier","XL","Boy's",149,74.5,232]
[196601112515,"SPFFM28F-096","Spyder","Spyder Boy's Puffer Jacket Multi / S","Jackets","Multi","S","Boy's",149,74.5,146]
[196601112508,"SPFFM28F-096","Spyder","Spyder Boy's Puffer Jacket Multi / M","Jackets","Multi","M","Boy's",149,74.5,525]
[196601112393,"SPFFM28F-096","Spyder","Spyder Boy's Puffer Jacket Multi / L","Jackets","Multi","L","Boy's",149,74.5,559]
[196601112522,"SPFFM28F-096","Spyder","Spyder Boy's Puffer Jacket Multi / XL","Jackets","Multi","XL","Boy's",149,74.5,258]
[196601112713,"SPFFM28F-601","Spyder","Spyder Boy's Puffer Jacket Red / S","Jackets","Red","S","Boy's",149,74.5,237]
[196601112706,"SPFFM28F-601","Spyder","Spyder Boy's Puffer Jacket Red / M","Jackets","Red","M","Boy's",149,74.5,527]
[196601112690,"SPFFM28F-601","Spyder","Spyder Boy's Puffer Jacket Red / L","Jackets","Red","L","Boy's",149,74.5,569]
[196601112720,"SPFFM28F-601","Spyder","Spyder Boy's Puffer Jacket Red / XL","Jackets","Red","XL","Boy's",149,74.5,272]
[195958964310,"SPFFM25S-311","Spyder","Spyder Girl's Boundless Long Puffer Coat Aqua Sea / L (12/14)","Jackets","Aqua Sea","L (12/14)","Girl's",149,74.5,233]
[195958964327,"SPFFM25S-311","Spyder","Spyder Girl's Boundless Long Puffer Coat Aqua Sea / M (8/10)","Jackets","Aqua Sea","M (8/10)","Girl's",149,74.5,180]
[195958964334,"SPFFM25S-311","Spyder","Spyder Girl's Boundless Long Puffer Coat Aqua Sea / S (7)","Jackets","Aqua Sea","S (7)","Girl's",149,74.5,104]
[195958964341,"SPFFM25S-311","Spyder","Spyder Girl's Boundless Long Puffer Coat Aqua Sea / XL (16)","Jackets","Aqua Sea","XL (16)","Girl's",149,74.5,112]
[195958964495,"SPFFM25S-001","Spyder","Spyder Girl's Boundless Long Puffer Coat Black / L (12/14)","Jackets","Black","L (12/14)","Girl's",149,74.5,587]
[195958964501,"SPFFM25S-001","Spyder","Spyder Girl's Boundless Long Puffer Coat Black / M (8/10)","Jackets","Black","M (8/10)","Girl's",149,74.5,633]
[195958964518,"SPFFM25S-001","Spyder","Spyder Girl's Boundless Long Puffer Coat Black / S (7)","Jackets","Black","S (7)","Girl's",149,74.5,364]
[195958964525,"SPFFM25S-001","Spyder","Spyder Girl's Boundless Long Puffer Coat Black / XL (16)","Jackets","Black","XL (16)","Girl's",149,74.5,245]
[195958964532,"SPFFM25S-670","Spyder","Spyder Girl's Boundless Long Puffer Coat Hot Pink / L (12/14)","Jackets","Hot Pink","L (12/14)","Girl's",149,74.5,270]
[195958964549,"SPFFM25S-670","Spyder","Spyder Girl's Boundless Long Puffer Coat Hot Pink / M (8/10)","Jackets","Hot Pink","M (8/10)","Girl's",149,null,232]
[195958964556,"SPFFM25S-670","Spyder","Spyder Girl's Boundless Long Puffer Coat Hot Pink / S (7)","Jackets","Hot Pink","S (7)","Girl's",149,74.5,48]
[195958964563,"SPFFM25S-670","Spyder","Spyder Girl's Boundless Long Puffer Coat Hot Pink / XL (16)","Jackets","Hot Pink","XL (16)","Girl's",149,74.5,234]
[195958964570,"SPFFM25S-680","Spyder","Spyder Girl's Boundless Long Puffer Coat Misty Rose / L (12/14)","Jackets","Misty Rose","L (12/14)","Girl's",149,74.5,526]
[195958964587,"SPFFM25S-680","Spyder","Spyder Girl's Boundless Long Puffer Coat Misty Rose / M (8/10)","Jackets","Misty Rose","M (8/10)","Girl's",149,74.5,730]
[195958964594,"SPFFM25S-680","Spyder","Spyder Girl's Boundless Long Puffer Coat Misty Rose / S (7)","Jackets","Misty Rose","S (7)","Girl's",149,74.5,307]
[195958964600,"SPFFM25S-680","Spyder","Spyder Girl's Boundless Long Puffer Coat Misty Rose / XL (16)","Jackets","Misty Rose","XL (16)","Girl's",149,74.5,312]
[731990210192,1299048,"Spyder","Spyder Men's 1/4 Zip Outbound Sweater Jacket Grey/Black / S","Jackets","Grey/Black","S","Men's",129,64.5,1]
[731990210215,1299048,"Spyder","Spyder Men's 1/4 Zip Outbound Sweater Jacket Grey/Black / L","Jackets","Grey/Black","L","Men's",129,64.5,19]
[731990210222,1299048,"Spyder","Spyder Men's 1/4 Zip Outbound Sweater Jacket Grey/Black / XL","Jackets","Grey/Black","XL","Men's",129,64.5,97]
[731990210239,1299048,"Spyder","Spyder Men's 1/4 Zip Outbound Sweater Jacket Grey/Black / 2XL","Jackets","Grey/Black","2XL","Men's",129,64.5,1]
[196601111990,"SPFFM143-001","Spyder","Spyder Men's Curcuit Block Puffer Jacket Black / S","Jackets","Black","S","Men's",199,99.5,49]
[196601111983,"SPFFM143-001","Spyder","Spyder Men's Curcuit Block Puffer Jacket Black / M","Jackets","Black","M","Men's",199,99.5,138]
[196601111976,"SPFFM143-001","Spyder","Spyder Men's Curcuit Block Puffer Jacket Black / L","Jackets","Black","L","Men's",199,99.5,103]
[196601112102,"SPFFM143-001","Spyder","Spyder Men's Curcuit Block Puffer Jacket Black / XL","Jackets","Black","XL","Men's",199,99.5,12]
[196601112133,"SPFFM143-069","Spyder","Spyder Men's Circuit Block Puffer Jacket Polar / S","Jackets","Polar","S","Men's",199,99.5,76]
[196601112126,"SPFFM143-069","Spyder","Spyder Men's Circuit Block Puffer Jacket Polar / M","Jackets","Polar","M","Men's",199,99.5,146]
[196601112119,"SPFFM143-069","Spyder","Spyder Men's Circuit Block Puffer Jacket Polar / L","Jackets","Polar","L","Men's",199,99.5,125]
[196601112140,"SPFFM143-069","Spyder","Spyder Men's Circuit Block Puffer Jacket Polar / XL","Jackets","Polar","XL","Men's",199,99.5,59]
[196601112416,"SPFFM143-601","Spyder","Spyder Men's Circuit Block Puffer Jacket Red / S","Jackets","Red","S","Men's",199,99.5,41]
[196601112409,"SPFFM143-601","Spyder","Spyder Men's Circuit Block Puffer Jacket Red / M","Jackets","Red","M","Men's",199,99.5,81]
[196601112195,"SPFFM143-601","Spyder","Spyder Men's Circuit Block Puffer Jacket Red / L","Jackets","Red","L","Men's",199,99.5,82]
[196601112423,"SPFFM143-601","Spyder","Spyder Men's Circuit Block Puffer Jacket Red / XL","Jackets","Red","XL","Men's",199,99.5,39]
[196601084782,"SPFFD043-065","Spyder","Spyder Men's Constant Full Zip Jacket Charcoal Heather / S","Jackets","Charcoal Heather","S","Men's",129,64.5,222]
[196601084775,"SPFFD043-065","Spyder","Spyder Men's Constant Full Zip Jacket Charcoal Heather / M","Jackets","Charcoal Heather","M","Men's",129,64.5,342]
[196601084768,"SPFFD043-065","Spyder","Spyder Men's Constant Full Zip Jacket Charcoal Heather / L","Jackets","Charcoal Heather","L","Men's",129,64.5,246]
[196601084799,"SPFFD043-065","Spyder","Spyder Men's Constant Full Zip Jacket Charcoal Heather / XL","Jackets","Charcoal Heather","XL","Men's",129,64.5,19]
[196601084867,"SPFFD043-069","Spyder","Spyder Men's Constant Full Zip Jacket Polar / S","Jackets","Polar","S","Men's",129,64.5,168]
[196601084850,"SPFFD043-069","Spyder","Spyder Men's Constant Full Zip Jacket Polar / M","Jackets","Polar","M","Men's",129,64.5,263]
[196601084843,"SPFFD043-069","Spyder","Spyder Men's Constant Full Zip Jacket Polar / L","Jackets","Polar","L","Men's",129,64.5,135]
[196601084874,"SPFFD043-069","Spyder","Spyder Men's Constant Full Zip Jacket Polar / XL","Jackets","Polar","XL","Men's",129,64.5,8]
[196601083341,"SPFFD133-275","Spyder","Spyder Men's Expo Full Zip Oatmeal Heather / S","Jackets","Oatmeal Heather","S","Men's",149,74.5,408]
[196601083334,"SPFFD133-275","Spyder","Spyder Men's Expo Full Zip Oatmeal Heather / M","Jackets","Oatmeal Heather","M","Men's",149,74.5,719]
[196601083327,"SPFFD133-275","Spyder","Spyder Men's Expo Full Zip Oatmeal Heather / L","Jackets","Oatmeal Heather","L","Men's",149,74.5,613]
[196601083358,"SPFFD133-275","Spyder","Spyder Men's Expo Full Zip Oatmeal Heather / XL","Jackets","Oatmeal Heather","XL","Men's",149,74.5,100]
[196601083228,"SPFFD023-050","Spyder","Spyder Men's Mendoza Full Zip Jacket Heather Grey / S","Jackets","Heather Grey","S","Men's",99,49.5,204]
[196601083211,"SPFFD023-050","Spyder","Spyder Men's Mendoza Full Zip Jacket Heather Grey / M","Jackets","Heather Grey","M","Men's",99,null,372]
[196601083204,"SPFFD023-050","Spyder","Spyder Men's Mendoza Full Zip Jacket Heather Grey / L","Jackets","Heather Grey","L","Men's",99,49.5,329]
[196601083235,"SPFFD023-050","Spyder","Spyder Men's Mendoza Full Zip Jacket Heather Grey / XL","Jackets","Heather Grey","XL","Men's",99,49.5,95]
[196601083389,"SPFFD023-275","Spyder","Spyder Men's Mendoza Full Zip Jacket Oatmeal Heather / S","Jackets","Oatmeal Heather","S","Men's",99,49.5,195]
[196601083372,"SPFFD023-275","Spyder","Spyder Men's Mendoza Full Zip Jacket Oatmeal Heather / M","Jackets","Oatmeal Heather","M","Men's",99,49.5,448]
[196601083365,"SPFFD023-275","Spyder","Spyder Men's Mendoza Full Zip Jacket Oatmeal Heather / L","Jackets","Oatmeal Heather","L","Men's",99,49.5,383]
[196601083396,"SPFFD023-275","Spyder","Spyder Men's Mendoza Full Zip Jacket Oatmeal Heather / XL","Jackets","Oatmeal Heather","XL","Men's",99,49.5,157]
[196601083303,"SPFFD023-069","Spyder","Spyder Men's Mendoza Full Zip Jacket Polar / S","Jackets","Polar","S","Men's",99,49.5,149]
[196601083297,"SPFFD023-069","Spyder","Spyder Men's Mendoza Full Zip Jacket Polar / M","Jackets","Polar","M","Men's",99,49.5,286]
[196601083280,"SPFFD023-069","Spyder","Spyder Men's Mendoza Full Zip Jacket Polar / L","Jackets","Polar","L","Men's",99,49.5,224]
[196601083310,"SPFFD023-069","Spyder","Spyder Men's Mendoza Full Zip Jacket Polar / XL","Jackets","Polar","XL","Men's",99,49.5,21]
[196601111839,"SPFFM133-001","Spyder","Spyder Men's Nexus Puffer Jacket Black / S","Jackets","Black","S","Men's",199,99.5,155]
[196601111822,"SPFFM133-001","Spyder","Spyder Men's Nexus Puffer Jacket Black / M","Jackets","Black","M","Men's",199,99.5,304]
[196601111815,"SPFFM133-001","Spyder","Spyder Men's Nexus Puffer Jacket Black / L","Jackets","Black","L","Men's",199,99.5,298]
[196601111846,"SPFFM133-001","Spyder","Spyder Men's Nexus Puffer Jacket Black / XL","Jackets","Black","XL","Men's",199,99.5,146]
[196601111952,"SPFFM133-402","Spyder","Spyder Men's Nexus Puffer Jacket Frontier / S","Jackets","Frontier","S","Men's",199,99.5,100]
[196601111945,"SPFFM133-402","Spyder","Spyder Men's Nexus Puffer Jacket Frontier / M","Jackets","Frontier","M","Men's",199,99.5,180]
[196601111938,"SPFFM133-402","Spyder","Spyder Men's Nexus Puffer Jacket Frontier / L","Jackets","Frontier","L","Men's",199,99.5,223]
[196601111969,"SPFFM133-402","Spyder","Spyder Men's Nexus Puffer Jacket Frontier / XL","Jackets","Frontier","XL","Men's",199,99.5,65]
[196601112454,"SPFFM153-001","Spyder","Spyder Men's Print Circuit Block Puffer Jacket Black / S","Jackets","Black","S","Men's",199,99.5,322]
[196601112447,"SPFFM153-001","Spyder","Spyder Men's Print Circuit Block Puffer Jacket Black / M","Jackets","Black","M","Men's",199,99.5,611]
[196601112430,"SPFFM153-001","Spyder","Spyder Men's Print Circuit Block Puffer Jacket Black / L","Jackets","Black","L","Men's",199,99.5,599]
[196601112461,"SPFFM153-001","Spyder","Spyder Men's Print Circuit Block Puffer Jacket Black / XL","Jackets","Black","XL","Men's",199,99.5,280]
[196601085222,"SPFFD053-050","Spyder","Spyder Men's Raider 2.0 Full Zip Jacket Grey Heather Polar / S","Jackets","Grey Heather Polar","S","Men's",129,64.5,470]
[196601085215,"SPFFD053-050","Spyder","Spyder Men's Raider 2.0 Full Zip Jacket Grey Heather Polar / M","Jackets","Grey Heather Polar","M","Men's",129,64.5,899]
[196601085208,"SPFFD053-050","Spyder","Spyder Men's Raider 2.0 Full Zip Jacket Grey Heather Polar / L","Jackets","Grey Heather Polar","L","Men's",129,64.5,819]
[196601085239,"SPFFD053-050","Spyder","Spyder Men's Raider 2.0 Full Zip Jacket Grey Heather Polar / XL","Jackets","Grey Heather Polar","XL","Men's",129,64.5,335]
[196601085345,"SPFFD053-429","Spyder","Spyder Men's Raider 2.0 Full Zip Jacket Marlin Frontier / S","Jackets","Marlin Frontier","S","Men's",129,64.5,208]
[196601085338,"SPFFD053-429","Spyder","Spyder Men's Raider 2.0 Full Zip Jacket Marlin Frontier / M","Jackets","Marlin Frontier","M","Men's",129,64.5,406]
[196601085321,"SPFFD053-429","Spyder","Spyder Men's Raider 2.0 Full Zip Jacket Marlin Frontier / L","Jackets","Marlin Frontier","L","Men's",129,64.5,353]
[196601085352,"SPFFD053-429","Spyder","Spyder Men's Raider 2.0 Full Zip Jacket Marlin Frontier / XL","Jackets","Marlin Frontier","XL","Men's",129,64.5,101]
[196601085307,"SPFFD053-314","Spyder","Spyder Men's Raider 2.0 Full Zip Jacket Moss Black / S","Jackets","Moss Black","S","Men's",129,64.5,159]
[196601085291,"SPFFD053-314","Spyder","Spyder Men's Raider 2.0 Full Zip Jacket Moss Black / M","Jackets","Moss Black","M","Men's",129,64.5,303]
[196601085284,"SPFFD053-314","Spyder","Spyder Men's Raider 2.0 Full Zip Jacket Moss Black / L","Jackets","Moss Black","L","Men's",129,64.5,267]
[196601085314,"SPFFD053-314","Spyder","Spyder Men's Raider 2.0 Full Zip Jacket Moss Black / XL","Jackets","Moss Black","XL","Men's",129,64.5,86]
[196601085260,"SPFFD053-275","Spyder","Spyder Men's Raider 2.0 Full Zip Jacket Oatmeal Heather Black / S","Jackets","Oatmeal Heather Black","S","Men's",129,64.5,719]
[196601085253,"SPFFD053-275","Spyder","Spyder Men's Raider 2.0 Full Zip Jacket Oatmeal Heather Black / M","Jackets","Oatmeal Heather Black","M","Men's",129,64.5,1403]
[196601085246,"SPFFD053-275","Spyder","Spyder Men's Raider 2.0 Full Zip Jacket Oatmeal Heather Black / L","Jackets","Oatmeal Heather Black","L","Men's",129,64.5,1237]
[196601085277,"SPFFD053-275","Spyder","Spyder Men's Raider 2.0 Full Zip Jacket Oatmeal Heather Black / XL","Jackets","Oatmeal Heather Black","XL","Men's",129,64.5,634]
[196601085383,"SPFFD053-601","Spyder","Spyder Men's Raider 2.0 Full Zip Jacket Red / S","Jackets","Red","S","Men's",129,64.5,315]
[196601085376,"SPFFD053-601","Spyder","Spyder Men's Raider 2.0 Full Zip Jacket Red / M","Jackets","Red","M","Men's",129,64.5,614]
[196601085369,"SPFFD053-601","Spyder","Spyder Men's Raider 2.0 Full Zip Jacket Red / L","Jackets","Red","L","Men's",129,64.5,599]
[196601085390,"SPFFD053-601","Spyder","Spyder Men's Raider 2.0 Full Zip Jacket Red / XL","Jackets","Red","XL","Men's",129,64.5,265]
[196601083747,"SPFFD033-001","Spyder","Spyder Men's Raider Full Zip Jacket Black / S","Jackets","Black","S","Men's",129,64.5,138]
[196601083730,"SPFFD033-001","Spyder","Spyder Men's Raider Full Zip Jacket Black / M","Jackets","Black","M","Men's",129,64.5,227]
[196601083723,"SPFFD033-001","Spyder","Spyder Men's Raider Full Zip Jacket Black / L","Jackets","Black","L","Men's",129,64.5,89]
[196601083754,"SPFFD033-001","Spyder","Spyder Men's Raider Full Zip Jacket Black / XL","Jackets","Black","XL","Men's",129,64.5,36]
[196601084546,"SPFFD033-986","Spyder","Spyder Men's Raider Full Zip Jacket Black Multi / S","Jackets","Black Multi","S","Men's",129,64.5,62]
[196601084539,"SPFFD033-986","Spyder","Spyder Men's Raider Full Zip Jacket Black Multi / M","Jackets","Black Multi","M","Men's",129,64.5,73]
[196601084522,"SPFFD033-986","Spyder","Spyder Men's Raider Full Zip Jacket Black Multi / L","Jackets","Black Multi","L","Men's",129,64.5,33]
[196601084553,"SPFFD033-986","Spyder","Spyder Men's Raider Full Zip Jacket Black Multi / XL","Jackets","Black Multi","XL","Men's",129,64.5,12]
[196601083983,"SPFFD033-065","Spyder","Spyder Men's Raider Full Zip Jacket Charcoal Heather / S","Jackets","Charcoal Heather","S","Men's",129,64.5,69]
[196601083976,"SPFFD033-065","Spyder","Spyder Men's Raider Full Zip Jacket Charcoal Heather / M","Jackets","Charcoal Heather","M","Men's",129,64.5,110]
[196601083969,"SPFFD033-065","Spyder","Spyder Men's Raider Full Zip Jacket Charcoal Heather / L","Jackets","Charcoal Heather","L","Men's",129,64.5,78]
[196601083990,"SPFFD033-065","Spyder","Spyder Men's Raider Full Zip Jacket Charcoal Heather / XL","Jackets","Charcoal Heather","XL","Men's",129,64.5,38]
[196601083860,"SPFFD033-050","Spyder","Spyder Men's Raider Full Zip Jacket Heather Grey / S","Jackets","Heather Grey","S","Men's",129,64.5,210]
[196601083853,"SPFFD033-050","Spyder","Spyder Men's Raider Full Zip Jacket Heather Grey / M","Jackets","Heather Grey","M","Men's",129,64.5,372]
[196601083846,"SPFFD033-050","Spyder","Spyder Men's Raider Full Zip Jacket Heather Grey / L","Jackets","Heather Grey","L","Men's",129,64.5,326]
[196601083877,"SPFFD033-050","Spyder","Spyder Men's Raider Full Zip Jacket Heather Grey / XL","Jackets","Heather Grey","XL","Men's",129,64.5,50]
[196601083662,"SPFFD153-001","Spyder","Spyder Men's Sherpa Lightweight Jacket Black/Black/Polar / S","Jackets","Black/Black/Polar","S","Men's",169,84.5,195]
[196601083655,"SPFFD153-001","Spyder","Spyder Men's Sherpa Lightweight Jacket Black/Black/Polar / M","Jackets","Black/Black/Polar","M","Men's",169,84.5,324]
[196601083648,"SPFFD153-001","Spyder","Spyder Men's Sherpa Lightweight Jacket Black/Black/Polar / L","Jackets","Black/Black/Polar","L","Men's",169,84.5,298]
[196601083679,"SPFFD153-001","Spyder","Spyder Men's Sherpa Lightweight Jacket Black/Black/Polar / XL","Jackets","Black/Black/Polar","XL","Men's",169,84.5,56]
[196601083785,"SPFFD153-265","Spyder","Spyder Men's Sherpa Lightweight Jacket Canvas/Toasted / S","Jackets","Canvas/Toasted","S","Men's",169,84.5,105]
[196601083778,"SPFFD153-265","Spyder","Spyder Men's Sherpa Lightweight Jacket Canvas/Toasted / M","Jackets","Canvas/Toasted","M","Men's",169,84.5,205]
[196601083761,"SPFFD153-265","Spyder","Spyder Men's Sherpa Lightweight Jacket Canvas/Toasted / L","Jackets","Canvas/Toasted","L","Men's",169,84.5,180]
[196601083792,"SPFFD153-265","Spyder","Spyder Men's Sherpa Lightweight Jacket Canvas/Toasted / XL","Jackets","Canvas/Toasted","XL","Men's",169,84.5,45]
[196601113055,"SPFFM203-069","Spyder","Spyder Men's Tempo Jacket Polar / S","Jackets","Polar","S","Men's",149,74.5,321]
[196601113048,"SPFFM203-069","Spyder","Spyder Men's Tempo Jacket Polar / M","Jackets","Polar","M","Men's",149,74.5,665]
[196601113031,"SPFFM203-069","Spyder","Spyder Men's Tempo Jacket Polar / L","Jackets","Polar","L","Men's",149,74.5,588]
[196601113062,"SPFFM203-069","Spyder","Spyder Men's Tempo Jacket Polar / XL","Jackets","Polar","XL","Men's",149,74.5,208]
[196601113093,"SPFFM203-601","Spyder","Spyder Men's Tempo Jacket Red / S","Jackets","Red","S","Men's",149,74.5,577]
[196601113086,"SPFFM203-601","Spyder","Spyder Men's Tempo Jacket Red / M","Jackets","Red","M","Men's",149,74.5,1167]
[196601113079,"SPFFM203-601","Spyder","Spyder Men's Tempo Jacket Red / L","Jackets","Red","L","Men's",149,74.5,1100]
[196601113208,"SPFFM203-601","Spyder","Spyder Men's Tempo Jacket Red / XL","Jackets","Red","XL","Men's",149,74.5,506]
[196601085666,"SPFFB005-001","Spyder","Spyder Women's Bailey Sherpa Jacket Black / S","Jackets","Black","S","Women's",159,79.5,265]
[196601085659,"SPFFB005-001","Spyder","Spyder Women's Bailey Sherpa Jacket Black / M","Jackets","Black","M","Women's",159,79.5,565]
[196601085642,"SPFFB005-001","Spyder","Spyder Women's Bailey Sherpa Jacket Black / L","Jackets","Black","L","Women's",159,79.5,579]
[196601085673,"SPFFB005-001","Spyder","Spyder Women's Bailey Sherpa Jacket Black / XL","Jackets","Black","XL","Women's",159,79.5,244]
[196601085703,"SPFFB005-105","Spyder","Spyder Women's Bailey Sherpa Jacket Moonbeam / S","Jackets","Moonbeam","S","Women's",159,79.5,66]
[196601085697,"SPFFB005-105","Spyder","Spyder Women's Bailey Sherpa Jacket Moonbeam / M","Jackets","Moonbeam","M","Women's",159,79.5,132]
[196601085680,"SPFFB005-105","Spyder","Spyder Women's Bailey Sherpa Jacket Moonbeam / L","Jackets","Moonbeam","L","Women's",159,79.5,133]
[196601085710,"SPFFB005-105","Spyder","Spyder Women's Bailey Sherpa Jacket Moonbeam / XL","Jackets","Moonbeam","XL","Women's",159,79.5,66]
[196601086588,"SPFFD015-311","Spyder","Spyder Women's Cara Full Zip Jacket Aqua Sea / S","Jackets","Aqua Sea","S","Women's",129,64.5,128]
[196601086571,"SPFFD015-311","Spyder","Spyder Women's Cara Full Zip Jacket Aqua Sea / M","Jackets","Aqua Sea","M","Women's",129,64.5,300]
[196601086564,"SPFFD015-311","Spyder","Spyder Women's Cara Full Zip Jacket Aqua Sea / L","Jackets","Aqua Sea","L","Women's",129,64.5,286]
[196601086595,"SPFFD015-311","Spyder","Spyder Women's Cara Full Zip Jacket Aqua Sea / XL","Jackets","Aqua Sea","XL","Women's",129,64.5,113]
[196601086502,"SPFFD015-001","Spyder","Spyder Women's Cara Full Zip Jacket Black / S","Jackets","Black","S","Women's",129,64.5,166]
[196601086496,"SPFFD015-001","Spyder","Spyder Women's Cara Full Zip Jacket Black / M","Jackets","Black","M","Women's",129,64.5,373]
[196601086489,"SPFFD015-001","Spyder","Spyder Women's Cara Full Zip Jacket Black / L","Jackets","Black","L","Women's",129,64.5,338]
[196601086519,"SPFFD015-001","Spyder","Spyder Women's Cara Full Zip Jacket Black / XL","Jackets","Black","XL","Women's",129,64.5,82]
[196601086625,"SPFFD015-402","Spyder","Spyder Women's Cara Full Zip Jacket Frontier / S","Jackets","Frontier","S","Women's",129,64.5,306]
[196601086618,"SPFFD015-402","Spyder","Spyder Women's Cara Full Zip Jacket Frontier / M","Jackets","Frontier","M","Women's",129,64.5,719]
[196601086601,"SPFFD015-402","Spyder","Spyder Women's Cara Full Zip Jacket Frontier / L","Jackets","Frontier","L","Women's",129,64.5,676]
[196601086632,"SPFFD015-402","Spyder","Spyder Women's Cara Full Zip Jacket Frontier / XL","Jackets","Frontier","XL","Women's",129,64.5,276]
[196601086540,"SPFFD015-275","Spyder","Spyder Women's Cara Full Zip Jacket Oatmeal Heather / S","Jackets","Oatmeal Heather","S","Women's",129,64.5,189]
[196601086533,"SPFFD015-275","Spyder","Spyder Women's Cara Full Zip Jacket Oatmeal Heather / M","Jackets","Oatmeal Heather","M","Women's",129,64.5,428]
[196601086526,"SPFFD015-275","Spyder","Spyder Women's Cara Full Zip Jacket Oatmeal Heather / L","Jackets","Oatmeal Heather","L","Women's",129,64.5,455]
[196601086557,"SPFFD015-275","Spyder","Spyder Women's Cara Full Zip Jacket Oatmeal Heather / XL","Jackets","Oatmeal Heather","XL","Women's",129,64.5,206]
[196601110351,"SPFFM025-030","Spyder","Spyder Women's Clara Short Puffer Jacket Mineral / S","Jackets","Mineral","S","Women's",199,99.5,158]
[196601110344,"SPFFM025-030","Spyder","Spyder Women's Clara Short Puffer Jacket Mineral / M","Jackets","Mineral","M","Women's",199,99.5,474]
[196601110337,"SPFFM025-030","Spyder","Spyder Women's Clara Short Puffer Jacket Mineral / L","Jackets","Mineral","L","Women's",199,99.5,350]
[196601110368,"SPFFM025-030","Spyder","Spyder Women's Clara Short Puffer Jacket Mineral / XL","Jackets","Mineral","XL","Women's",199,99.5,7]
[196601110511,"SPFFM025-680","Spyder","Spyder Women's Clara Short Puffer Jacket Misty Rose / S","Jackets","Misty Rose","S","Women's",199,99.5,238]
[196601110504,"SPFFM025-680","Spyder","Spyder Women's Clara Short Puffer Jacket Misty Rose / M","Jackets","Misty Rose","M","Women's",199,99.5,595]
[196601110498,"SPFFM025-680","Spyder","Spyder Women's Clara Short Puffer Jacket Misty Rose / L","Jackets","Misty Rose","L","Women's",199,null,651]
[196601110528,"SPFFM025-680","Spyder","Spyder Women's Clara Short Puffer Jacket Misty Rose / XL","Jackets","Misty Rose","XL","Women's",199,99.5,242]
[196601110757,"SPFFM055-001","Spyder","Spyder Women's Explorer Parka Black / S","Jackets","Black","S","Women's",199,99.5,96]
[196601110740,"SPFFM055-001","Spyder","Spyder Women's Explorer Parka Black / M","Jackets","Black","M","Women's",199,99.5,192]
[196601110733,"SPFFM055-001","Spyder","Spyder Women's Explorer Parka Black / L","Jackets","Black","L","Women's",199,99.5,180]
[196601110764,"SPFFM055-001","Spyder","Spyder Women's Explorer Parka Black / XL","Jackets","Black","XL","Women's",199,99.5,89]
[196601110153,"SPFFM005-001","Spyder","Spyder Women's Full Zip Hooded Hybrid Jacket Black / S","Jackets","Black","S","Women's",179,89.5,19]
[196601110146,"SPFFM005-001","Spyder","Spyder Women's Full Zip Hooded Hybrid Jacket Black / M","Jackets","Black","M","Women's",179,89.5,40]
[196601110139,"SPFFM005-001","Spyder","Spyder Women's Full Zip Hooded Hybrid Jacket Black / L","Jackets","Black","L","Women's",179,89.5,41]
[196601110160,"SPFFM005-001","Spyder","Spyder Women's Full Zip Hooded Hybrid Jacket Black / XL","Jackets","Black","XL","Women's",179,89.5,18]
[196601086229,"SPFFD005-001","Spyder","Spyder Women's Full Zip Jacket Black / S","Jackets","Black","S","Women's",129,64.5,52]
[196601086212,"SPFFD005-001","Spyder","Spyder Women's Full Zip Jacket Black / M","Jackets","Black","M","Women's",129,64.5,104]
[196601086205,"SPFFD005-001","Spyder","Spyder Women's Full Zip Jacket Black / L","Jackets","Black","L","Women's",129,64.5,109]
[196601086236,"SPFFD005-001","Spyder","Spyder Women's Full Zip Jacket Black / XL","Jackets","Black","XL","Women's",129,64.5,63]
[196601086304,"SPFFD005-050","Spyder","Spyder Women's Full Zip Jacket Heather Grey / S","Jackets","Heather Grey","S","Women's",129,64.5,27]
[196601086298,"SPFFD005-050","Spyder","Spyder Women's Full Zip Jacket Heather Grey / M","Jackets","Heather Grey","M","Women's",129,64.5,57]
[196601086281,"SPFFD005-050","Spyder","Spyder Women's Full Zip Jacket Heather Grey / L","Jackets","Heather Grey","L","Women's",129,64.5,50]
[196601086311,"SPFFD005-050","Spyder","Spyder Women's Full Zip Jacket Heather Grey / XL","Jackets","Heather Grey","XL","Women's",129,64.5,26]
[196601085901,"SPFFB045-050","Spyder","Spyder Women's Hayer Full Zip Hoodie Heather Grey / S","Jackets","Heather Grey","S","Women's",99,49.5,121]
[196601085895,"SPFFB045-050","Spyder","Spyder Women's Hayer Full Zip Hoodie Heather Grey / M","Jackets","Heather Grey","M","Women's",99,49.5,297]
[196601085888,"SPFFB045-050","Spyder","Spyder Women's Hayer Full Zip Hoodie Heather Grey / L","Jackets","Heather Grey","L","Women's",99,49.5,304]
[196601085918,"SPFFB045-050","Spyder","Spyder Women's Hayer Full Zip Hoodie Heather Grey / XL","Jackets","Heather Grey","XL","Women's",99,49.5,80]
[196601085949,"SPFFB045-100","Spyder","Spyder Women's Hayer Full Zip Hoodie White / S","Jackets","White","S","Women's",99,49.5,11]
[196601085932,"SPFFB045-100","Spyder","Spyder Women's Hayer Full Zip Hoodie White / M","Jackets","White","M","Women's",99,49.5,350]
[196601085925,"SPFFB045-100","Spyder","Spyder Women's Hayer Full Zip Hoodie White / L","Jackets","White","L","Women's",99,49.5,388]
[196601085956,"SPFFB045-100","Spyder","Spyder Women's Hayer Full Zip Hoodie White / XL","Jackets","White","XL","Women's",99,49.5,163]
[196601110474,"SPFFM015-030","Spyder","Spyder Women's Nova Full Zip Hybrid Jacket Mineral / S","Jackets","Mineral","S","Women's",90,45,100]
[196601110467,"SPFFM015-030","Spyder","Spyder Women's Nova Full Zip Hybrid Jacket Mineral / M","Jackets","Mineral","M","Women's",90,45,200]
[196601110450,"SPFFM015-030","Spyder","Spyder Women's Nova Full Zip Hybrid Jacket Mineral / L","Jackets","Mineral","L","Women's",90,45,200]
[196601110481,"SPFFM015-030","Spyder","Spyder Women's Nova Full Zip Hybrid Jacket Mineral / XL","Jackets","Mineral","XL","Women's",90,45,100]
[196601110559,"SPFFM015-680","Spyder","Spyder Women's Nova Full Zip Hybrid Jacket Misty Rose / S","Jackets","Misty Rose","S","Women's",90,45,80]
[196601110542,"SPFFM015-680","Spyder","Spyder Women's Nova Full Zip Hybrid Jacket Misty Rose / M","Jackets","Misty Rose","M","Women's",90,45,136]
[196601110535,"SPFFM015-680","Spyder","Spyder Women's Nova Full Zip Hybrid Jacket Misty Rose / L","Jackets","Misty Rose","L","Women's",90,45,123]
[196601110566,"SPFFM015-680","Spyder","Spyder Women's Nova Full Zip Hybrid Jacket Misty Rose / XL","Jackets","Misty Rose","XL","Women's",90,45,68]
[196601086663,"SPFFD165-001","Spyder","Spyder Women's Stella Jacket Black / S","Jackets","Black","S","Women's",169,84.5,210]
[196601086656,"SPFFD165-001","Spyder","Spyder Women's Stella Jacket Black / M","Jackets","Black","M","Women's",169,84.5,441]
[196601086649,"SPFFD165-001","Spyder","Spyder Women's Stella Jacket Black / L","Jackets","Black","L","Women's",169,84.5,417]
[196601086670,"SPFFD165-001","Spyder","Spyder Women's Stella Jacket Black / XL","Jackets","Black","XL","Women's",169,84.5,175]
[196601086700,"SPFFD165-065","Spyder","Spyder Women's Stella Jacket Charcoal Heather / S","Jackets","Charcoal Heather","S","Women's",169,84.5,215]
[196601086694,"SPFFD165-065","Spyder","Spyder Women's Stella Jacket Charcoal Heather / M","Jackets","Charcoal Heather","M","Women's",169,84.5,379]
[196601086687,"SPFFD165-065","Spyder","Spyder Women's Stella Jacket Charcoal Heather / L","Jackets","Charcoal Heather","L","Women's",169,84.5,440]
[196601086717,"SPFFD165-065","Spyder","Spyder Women's Stella Jacket Charcoal Heather / XL","Jackets","Charcoal Heather","XL","Women's",169,84.5,190]
[196601110870,"SPFFM075-001","Spyder","Spyder Women's Super Puff Jacket Black / S","Jackets","Black","S","Women's",199,99.5,33]
[196601110863,"SPFFM075-001","Spyder","Spyder Women's Super Puff Jacket Black / M","Jackets","Black","M","Women's",199,99.5,88]
[196601110856,"SPFFM075-001","Spyder","Spyder Women's Super Puff Jacket Black / L","Jackets","Black","L","Women's",199,99.5,96]
[196601110887,"SPFFM075-001","Spyder","Spyder Women's Super Puff Jacket Black / XL","Jackets","Black","XL","Women's",199,99.5,18]
[196601110917,"SPFFM075-105","Spyder","Spyder Women's Super Puff Jacket Moonbeam / S","Jackets","Moonbeam","S","Women's",199,99.5,18]
[196601110900,"SPFFM075-105","Spyder","Spyder Women's Super Puff Jacket Moonbeam / M","Jackets","Moonbeam","M","Women's",199,99.5,64]
[196601110894,"SPFFM075-105","Spyder","Spyder Women's Super Puff Jacket Moonbeam / L","Jackets","Moonbeam","L","Women's",199,99.5,82]
[196601110924,"SPFFM075-105","Spyder","Spyder Women's Super Puff Jacket Moonbeam / XL","Jackets","Moonbeam","XL","Women's",199,99.5,30]
[196601110955,"SPFFM075-665","Spyder","Spyder Women's Super Puff Jacket Rose Wine / S","Jackets","Rose Wine","S","Women's",199,99.5,121]
[196601110948,"SPFFM075-665","Spyder","Spyder Women's Super Puff Jacket Rose Wine / M","Jackets","Rose Wine","M","Women's",199,null,262]
[196601110931,"SPFFM075-665","Spyder","Spyder Women's Super Puff Jacket Rose Wine / L","Jackets","Rose Wine","L","Women's",199,99.5,273]
[196601110962,"SPFFM075-665","Spyder","Spyder Women's Super Puff Jacket Rose Wine / XL","Jackets","Rose Wine","XL","Women's",199,99.5,118]
[192636200456,205402,"Spyder","Spyder Women's Syrround Down Jacket Black / XS","Jackets","Black","XS","Women's",249,124.5,60]
[192636200463,205402,"Spyder","Spyder Women's Syrround Down Jacket Black / S","Jackets","Black","S","Women's",249,124.5,168]
[192636200470,205402,"Spyder","Spyder Women's Syrround Down Jacket Black / M","Jackets","Black","M","Women's",249,124.5,120]
[192636200470,205402,"Spyder","Spyder Women's Syrround Down Jacket Black / M","Jackets","Black","M","Women's",249,124.5,120]
[192636200609,205402,"Spyder","Spyder Women's Syrround Down Jacket Blue Ice / XS","Jackets","Blue Ice","XS","Women's",249,124.5,19]
[192636200616,205402,"Spyder","Spyder Women's Syrround Down Jacket Blue Ice / S","Jackets","Blue Ice","S","Women's",249,124.5,55]
[192636200623,205402,"Spyder","Spyder Women's Syrround Down Jacket Blue Ice / M","Jackets","Blue Ice","M","Women's",249,124.5,47]
[192636200630,205402,"Spyder","Spyder Women's Syrround Down Jacket Blue Ice / L","Jackets","Blue Ice","L","Women's",249,124.5,5]
[196601085789,"SPFFB035-035","Spyder","Spyder Women's Velour Jacket Dark Cloud / S","Jackets","Dark Cloud","S","Women's",149,74.5,45]
[196601085772,"SPFFB035-035","Spyder","Spyder Women's Velour Jacket Dark Cloud / M","Jackets","Dark Cloud","M","Women's",149,74.5,95]
[196601085765,"SPFFB035-035","Spyder","Spyder Women's Velour Jacket Dark Cloud / L","Jackets","Dark Cloud","L","Women's",149,74.5,96]
[196601085796,"SPFFB035-035","Spyder","Spyder Women's Velour Jacket Dark Cloud / XL","Jackets","Dark Cloud","XL","Women's",149,74.5,45]
[196601085826,"SPFFB035-105","Spyder","Spyder Women's Velour Jacket Moonbeam / S","Jackets","Moonbeam","S","Women's",149,74.5,47]
[196601085819,"SPFFB035-105","Spyder","Spyder Women's Velour Jacket Moonbeam / M","Jackets","Moonbeam","M","Women's",149,74.5,97]
[196601085802,"SPFFB035-105","Spyder","Spyder Women's Velour Jacket Moonbeam / L","Jackets","Moonbeam","L","Women's",149,74.5,94]
[196601085833,"SPFFB035-105","Spyder","Spyder Women's Velour Jacket Moonbeam / XL","Jackets","Moonbeam","XL","Women's",149,74.5,48]

{"sheet":"Marmot","index":2,"n_rows":61,"n_cols":12,"rows_kept":61,"cut":false,"hidden":false,"merged":[]}
["UPC","PART #","Brand","Item","Category","Color","Size","Gender","MSRP","Wholesale Cost","ITEM QUANTITY","Image"]
[889169585692,41520,"Marmot","Marmot Men's Eco PreCip Anorak Arctic Navy/NORI / S","Jackets","Arctic Navy/NORI","S","Men's",90,45,72]
[889169585708,41520,"Marmot","Marmot Men's Eco PreCip Anorak Arctic Navy/NORI / M","Jackets","Arctic Navy/NORI","M","Men's",90,45,6]
[889169585715,41520,"Marmot","Marmot Men's Eco PreCip Anorak Arctic Navy/NORI / L","Jackets","Arctic Navy/NORI","L","Men's",90,45,7]
[889169585722,41520,"Marmot","Marmot Men's Eco PreCip Anorak Arctic Navy/NORI / XL","Jackets","Arctic Navy/NORI","XL","Men's",90,45,12]
[889169585739,41520,"Marmot","Marmot Men's Eco PreCip Anorak Arctic Navy/NORI / 2XL","Jackets","Arctic Navy/NORI","2XL","Men's",90,45,42]
[889169585746,41520,"Marmot","Marmot Men's Eco PreCip Anorak Royal Night/Sleet / S","Jackets","Royal Night/Sleet","S","Men's",90,45,59]
[889169585753,41520,"Marmot","Marmot Men's Eco PreCip Anorak Royal Night/Sleet / M","Jackets","Royal Night/Sleet","M","Men's",90,45,35]
[889169585760,41520,"Marmot","Marmot Men's Eco PreCip Anorak Royal Night/Sleet / L","Jackets","Royal Night/Sleet","L","Men's",90,45,62]
[889169585777,41520,"Marmot","Marmot Men's Eco PreCip Anorak Royal Night/Sleet / XL","Jackets","Royal Night/Sleet","XL","Men's",90,45,11]
[889169585784,41520,"Marmot","Marmot Men's Eco PreCip Anorak Royal Night/Sleet / 2XL","Jackets","Royal Night/Sleet","2XL","Men's",90,45,28]
[785562160149,98160,"Marmot","Marmot Men's Gravity Jacket Black / S","Jackets","Black","S","Men's",150,75,13]
[785562160156,98160,"Marmot","Marmot Men's Gravity Jacket Black / M","Jackets","Black","M","Men's",150,75,8]
[785562160163,98160,"Marmot","Marmot Men's Gravity Jacket Black / L","Jackets","Black","L","Men's",150,75,56]
[785562160170,98160,"Marmot","Marmot Men's Gravity Jacket Black / XL","Jackets","Black","XL","Men's",150,75,82]
[785562160187,98160,"Marmot","Marmot Men's Gravity Jacket Black / 2XL","Jackets","Black","2XL","Men's",150,75,2]
[195115089948,98160,"Marmot","Marmot Men's Gravity Jacket Cinder / XL","Jackets","Cinder","XL","Men's",150,75,48]
[785562223219,98160,"Marmot","Marmot Men's Gravity Jacket Cinder/Dark Gran / S","Jackets","Cinder/Dark Gran","S","Men's",150,75,6]
[785562223226,98160,"Marmot","Marmot Men's Gravity Jacket Cinder/Dark Gran / M","Jackets","Cinder/Dark Gran","M","Men's",150,75,3]
[785562223233,98160,"Marmot","Marmot Men's Gravity Jacket Cinder/Dark Gran / L","Jackets","Cinder/Dark Gran","L","Men's",150,75,1]
[785562508583,80840,"Marmot","Marmot Men's Stretch Fleece Jacket Black / S","Jackets","Black","S","Men's",100,50,1]
[785562508606,80840,"Marmot","Marmot Men's Stretch Fleece Jacket Black / L","Jackets","Black","L","Men's",100,50,158]
[785562508613,80840,"Marmot","Marmot Men's Stretch Fleece Jacket Black / XL","Jackets","Black","XL","Men's",100,50,95]
[785562508620,80840,"Marmot","Marmot Men's Stretch Fleece Jacket Black / 2XL","Jackets","Black","2XL","Men's",100,50,22]
[785562508736,80840,"Marmot","Marmot Men's Stretch Fleece Jacket Team Red / S","Jackets","Team Red","S","Men's",100,50,3]
[785562508750,80840,"Marmot","Marmot Men's Stretch Fleece Jacket Team Red / L","Jackets","Team Red","L","Men's",100,50,102]
[785562508767,80840,"Marmot","Marmot Men's Stretch Fleece Jacket Team Red / XL","Jackets","Team Red","XL","Men's",100,50,44]
[785562508774,80840,"Marmot","Marmot Men's Stretch Fleece Jacket Team Red / 2XL","Jackets","Team Red","2XL","Men's",100,50,42]
[785562413405,77970,"Marmot","Marmot Women's Calen Jacket Ceylon Blue / XS","Jackets","Ceylon Blue","XS","Women's",210,105,10]
[785562413412,77970,"Marmot","Marmot Women's Calen Jacket Ceylon Blue / S","Jackets","Ceylon Blue","S","Women's",210,105,142]
[785562413429,77970,"Marmot","Marmot Women's Calen Jacket Ceylon Blue / M","Jackets","Ceylon Blue","M","Women's",210,105,185]
[785562413443,77970,"Marmot","Marmot Women's Calen Jacket Ceylon Blue / XL","Jackets","Ceylon Blue","XL","Women's",210,105,9]
[785562632738,77970,"Marmot","Marmot Women's Calen Jacket White / S","Jackets","White","S","Women's",210,105,138]
[785562632745,77970,"Marmot","Marmot Women's Calen Jacket White / M","Jackets","White","M","Women's",210,105,195]
[785562632752,77970,"Marmot","Marmot Women's Calen Jacket White / L","Jackets","White","L","Women's",210,105,96]
[785562632769,77970,"Marmot","Marmot Women's Calen Jacket White / XL","Jackets","White","XL","Women's",210,105,83]
[889169545948,85000,"Marmot","Marmot Women's Gravity Jacket Arctic Navy / XS","Jackets","Arctic Navy","XS","Women's",150,75,25]
[889169545955,85000,"Marmot","Marmot Women's Gravity Jacket Arctic Navy / S","Jackets","Arctic Navy","S","Women's",150,75,63]
[889169545962,85000,"Marmot","Marmot Women's Gravity Jacket Arctic Navy / M","Jackets","Arctic Navy","M","Women's",150,75,63]
[889169545979,85000,"Marmot","Marmot Women's Gravity Jacket Arctic Navy / L","Jackets","Arctic Navy","L","Women's",150,75,32]
[785562095694,85000,"Marmot","Marmot Women's Gravity Jacket Black / XS","Jackets","Black","XS","Women's",150,75,134]
[785562095700,85000,"Marmot","Marmot Women's Gravity Jacket Black / S","Jackets","Black","S","Women's",150,75,214]
[785562095717,85000,"Marmot","Marmot Women's Gravity Jacket Black / M","Jackets","Black","M","Women's",150,75,361]
[785562095724,85000,"Marmot","Marmot Women's Gravity Jacket Black / L","Jackets","Black","L","Women's",150,75,44]
[195115090005,85000,"Marmot","Marmot Women's Gravity Jacket Cinder / XS","Jackets","Cinder","XS","Women's",150,75,46]
[195115089986,85000,"Marmot","Marmot Women's Gravity Jacket Cinder / S","Jackets","Cinder","S","Women's",150,75,134]
[195115089979,85000,"Marmot","Marmot Women's Gravity Jacket Cinder / M","Jackets","Cinder","M","Women's",150,75,184]
[195115089962,85000,"Marmot","Marmot Women's Gravity Jacket Cinder / L","Jackets","Cinder","L","Women's",150,75,131]
[195115089993,85000,"Marmot","Marmot Women's Gravity Jacket Cinder / XL","Jackets","Cinder","XL","Women's",150,75,34]
[785562522633,85000,"Marmot","Marmot Women's Gravity Jacket Dark Atomic / XS","Jackets","Dark Atomic","XS","Women's",150,75,17]
[785562522640,85000,"Marmot","Marmot Women's Gravity Jacket Dark Atomic / S","Jackets","Dark Atomic","S","Women's",150,75,70]
[785562522657,85000,"Marmot","Marmot Women's Gravity Jacket Dark Atomic / M","Jackets","Dark Atomic","M","Women's",150,75,47]
[785562522664,85000,"Marmot","Marmot Women's Gravity Jacket Dark Atomic / L","Jackets","Dark Atomic","L","Women's",150,75,11]
[889169297441,null,"Marmot","Marmot Women's Meghan 1/2 Zip Jacket Cinder / XS","Jackets","Cinder","XS","Women's",64,32,9]
[889169297427,null,"Marmot","Marmot Women's Meghan 1/2 Zip Jacket Cinder / S","Jackets","Cinder","S","Women's",64,32,1]
[889169297410,null,"Marmot","Marmot Women's Meghan 1/2 Zip Jacket Cinder / M","Jackets","Cinder","M","Women's",64,32,9]
[889169297403,null,"Marmot","Marmot Women's Meghan 1/2 Zip Jacket Cinder / L","Jackets","Cinder","L","Women's",64,32,274]
[785562504530,98300,"Marmot","Marmot Women's Tempo Jacket Atomic Blue / XS","Jackets","Atomic Blue","XS","Women's",149,74.5,73]
[785562504547,98300,"Marmot","Marmot Women's Tempo Jacket Atomic Blue / S","Jackets","Atomic Blue","S","Women's",149,74.5,121]
[785562504554,98300,"Marmot","Marmot Women's Tempo Jacket Atomic Blue / M","Jackets","Atomic Blue","M","Women's",149,74.5,184]
[785562504561,98300,"Marmot","Marmot Women's Tempo Jacket Atomic Blue / L","Jackets","Atomic Blue","L","Women's",149,74.5,74]

{"sheet":"CWG","index":3,"n_rows":183,"n_cols":12,"rows_kept":183,"cut":false,"hidden":false,"merged":[]}
["UPC","PART #","Brand","Item","Category","Color","Size","Gender","MSRP","Wholesale Cost","ITEM QUANTITY","Image"]
[886785677152,"OMCW373PZ","Canada Weather Gear","Canada Weather Gear Men's 4-Pocket Fur Hood Parka Black / M","Jackets","Black","M","Men's",260,130,55]
[886785677169,"OMCW373PZ","Canada Weather Gear","Canada Weather Gear Men's 4-Pocket Fur Hood Parka Black / L","Jackets","Black","L","Men's",260,130,141]
[886785677176,"OMCW373PZ","Canada Weather Gear","Canada Weather Gear Men's 4-Pocket Fur Hood Parka Black / XL","Jackets","Black","XL","Men's",260,130,110]
[886785677183,"OMCW373","Canada Weather Gear","Canada Weather Gear Men's 4-Pocket Fur Hood Parka Black / 2XL","Jackets","Black","2XL","Men's",260,130,46]
[886785677190,"OMCW373PZ","Canada Weather Gear","Canada Weather Gear Men's 4-Pocket Fur Hood Parka Charcoal / M","Jackets","Charcoal","M","Men's",260,130,59]
[886785677206,"OMCW373PZ","Canada Weather Gear","Canada Weather Gear Men's 4-Pocket Fur Hood Parka Charcoal / L","Jackets","Charcoal","L","Men's",260,130,116]
[886785677213,"OMCW373PZ","Canada Weather Gear","Canada Weather Gear Men's 4-Pocket Fur Hood Parka Charcoal / XL","Jackets","Charcoal","XL","Men's",260,130,130]
[886785677220,null,"Canada Weather Gear","Canada Weather Gear Men's 4-Pocket Fur Hood Parka Charcoal / 2XL","Jackets","Charcoal","2XL","Men's",260,130,46]
[196730018665,"OMCW366PZ","Canada Weather Gear","Canada Weather Gear Men's 4-Pocket Hooded Parka Military / M","Jackets","Military","M","Men's",260,130,24]
[196730018672,"OMCW366PZ","Canada Weather Gear","Canada Weather Gear Men's 4-Pocket Hooded Parka Military / L","Jackets","Military","L","Men's",260,130,73]
[196730018689,"OMCW366PZ","Canada Weather Gear","Canada Weather Gear Men's 4-Pocket Hooded Parka Military / XL","Jackets","Military","XL","Men's",260,130,71]
[196730018696,"OMCW366","Canada Weather Gear","Canada Weather Gear Men's 4-Pocket Hooded Parka Military / 2XL","Jackets","Military","2XL","Men's",260,130,27]
[196730018702,"OMCW366PZ","Canada Weather Gear","Canada Weather Gear Men's 4-Pocket Hooded Parka Northern Night / M","Jackets","Northern Night","M","Men's",260,130,45]
[196730018719,"OMCW366PZ","Canada Weather Gear","Canada Weather Gear Men's 4-Pocket Hooded Parka Northern Night / L","Jackets","Northern Night","L","Men's",260,130,88]
[196730018726,"OMCW366PZ","Canada Weather Gear","Canada Weather Gear Men's 4-Pocket Hooded Parka Northern Night / XL","Jackets","Northern Night","XL","Men's",260,130,84]
[196730018733,"OMCW366","Canada Weather Gear","Canada Weather Gear Men's 4-Pocket Hooded Parka Northern Night / 2XL","Jackets","Northern Night","2XL","Men's",260,130,44]
[196730018740,"OMCW366PZ","Canada Weather Gear","Canada Weather Gear Men's 4-Pocket Hooded Parka Steel Grey / M","Jackets","Steel Grey","M","Men's",260,130,2]
[196730018757,"OMCW366PZ","Canada Weather Gear","Canada Weather Gear Men's 4-Pocket Hooded Parka Steel Grey / L","Jackets","Steel Grey","L","Men's",260,130,161]
[196730018764,"OMCW366PZ","Canada Weather Gear","Canada Weather Gear Men's 4-Pocket Hooded Parka Steel Grey / XL","Jackets","Steel Grey","XL","Men's",260,130,107]
[196730018771,"OMCW366","Canada Weather Gear","Canada Weather Gear Men's 4-Pocket Hooded Parka Steel Grey / 2XL","Jackets","Steel Grey","2XL","Men's",260,130,52]
[791390226001,"CWG025Y2436","Canada Weather Gear","Canada Weather Gear Men's Line Shirt Jacket Castlerock / S","Jackets","Castlerock","S","Men's",75,37.5,28]
[791390226018,"CWG025Y2436","Canada Weather Gear","Canada Weather Gear Men's Line Shirt Jacket Castlerock / M","Jackets","Castlerock","M","Men's",75,37.5,41]
[791390226025,"CWG025Y2436","Canada Weather Gear","Canada Weather Gear Men's Line Shirt Jacket Castlerock / L","Jackets","Castlerock","L","Men's",75,37.5,109]
[791390226032,"CWG025Y2436","Canada Weather Gear","Canada Weather Gear Men's Line Shirt Jacket Castlerock / XL","Jackets","Castlerock","XL","Men's",75,37.5,27]
[791390226063,"CWG025Y2436","Canada Weather Gear","Canada Weather Gear Men's Line Shirt Jacket Vanilla Ice / S","Jackets","Vanilla Ice","S","Men's",75,37.5,8]
[791390226070,"CWG025Y2436","Canada Weather Gear","Canada Weather Gear Men's Line Shirt Jacket Vanilla Ice / M","Jackets","Vanilla Ice","M","Men's",75,37.5,12]
[791390226094,"CWG025Y2436","Canada Weather Gear","Canada Weather Gear Men's Line Shirt Jacket Vanilla Ice / XL","Jackets","Vanilla Ice","XL","Men's",75,37.5,19]
[791390226100,"CWG025Y2436","Canada Weather Gear","Canada Weather Gear Men's Line Shirt Jacket Vanilla Ice / 2XL","Jackets","Vanilla Ice","2XL","Men's",75,37.5,5]
[886785698690,"OMCW378PZ","Canada Weather Gear","Canada Weather Gear Men's Mix Media Puffer Black/Black / M","Jackets","Black/Black","M","Men's",210,105,116]
[886785698706,"OMCW378PZ","Canada Weather Gear","Canada Weather Gear Men's Mix Media Puffer Black/Black / L","Jackets","Black/Black","L","Men's",210,105,227]
[886785698713,"OMCW378PZ","Canada Weather Gear","Canada Weather Gear Men's Mix Media Puffer Black/Black / XL","Jackets","Black/Black","XL","Men's",210,105,233]
[886785698720,"OMCW378","Canada Weather Gear","Canada Weather Gear Men's Mix Media Puffer Black/Black / 2XL","Jackets","Black/Black","2XL","Men's",109.99,55,109]
[886785698737,"OMCW378PZ","Canada Weather Gear","Canada Weather Gear Men's Mix Media Puffer Charcoal/Black / M","Jackets","Charcoal/Black","M","Men's",210,105,63]
[886785698744,"OMCW378PZ","Canada Weather Gear","Canada Weather Gear Men's Mix Media Puffer Charcoal/Black / L","Jackets","Charcoal/Black","L","Men's",210,105,142]
[886785698751,"OMCW378PZ","Canada Weather Gear","Canada Weather Gear Men's Mix Media Puffer Charcoal/Black / XL","Jackets","Charcoal/Black","XL","Men's",210,105,132]
[886785698768,"OMCW378","Canada Weather Gear","Canada Weather Gear Men's Mix Media Puffer Charcoal/Black / 2XL","Jackets","Charcoal/Black","2XL","Men's",210,105,67]
[196730008840,"OMCW378PZ","Canada Weather Gear","Canada Weather Gear Men's Mix Media Puffer Inferno Red/Black / M","Jackets","Inferno Red/Black","M","Men's",210,105,45]
[196730008857,"OMCW378PZ","Canada Weather Gear","Canada Weather Gear Men's Mix Media Puffer Inferno Red/Black / L","Jackets","Inferno Red/Black","L","Men's",210,105,104]
[196730008864,"OMCW378PZ","Canada Weather Gear","Canada Weather Gear Men's Mix Media Puffer Inferno Red/Black / XL","Jackets","Inferno Red/Black","XL","Men's",210,105,116]
[196730008871,"OMCW378","Canada Weather Gear","Canada Weather Gear Men's Mix Media Puffer Inferno Red/Black / 2XL","Jackets","Inferno Red/Black","2XL","Men's",109.99,55,46]
[196730008802,"OMCW378PZ","Canada Weather Gear","Canada Weather Gear Men's Mix Media Puffer Northern Night/Black / M","Jackets","Northern Night/Black","M","Men's",210,105,90]
[196730008819,"OMCW378PZ","Canada Weather Gear","Canada Weather Gear Men's Mix Media Puffer Northern Night/Black / L","Jackets","Northern Night/Black","L","Men's",210,105,181]
[196730008826,"OMCW378PZ","Canada Weather Gear","Canada Weather Gear Men's Mix Media Puffer Northern Night/Black / XL","Jackets","Northern Night/Black","XL","Men's",210,105,185]
[196730008833,"OMCW378","Canada Weather Gear","Canada Weather Gear Men's Mix Media Puffer Northern Night/Black / 2XL","Jackets","Northern Night/Black","2XL","Men's",109.99,55,91]
[886785674434,"OMCW382PZ","Canada Weather Gear","Canada Weather Gear Men's Reversible Printed Sherpa Black/Black Camo / M","Jackets","Black/Black Camo","M","Men's",260,130,61]
[886785674441,"OMCW382PZ","Canada Weather Gear","Canada Weather Gear Men's Reversible Printed Sherpa Black/Black Camo / L","Jackets","Black/Black Camo","L","Men's",260,130,157]
[886785674458,"OMCW382PZ","Canada Weather Gear","Canada Weather Gear Men's Reversible Printed Sherpa Black/Black Camo / XL","Jackets","Black/Black Camo","XL","Men's",260,130,160]
[886785674465,"OMCW382","Canada Weather Gear","Canada Weather Gear Men's Reversible Printed Sherpa Black/Black Camo / 2XL","Jackets","Black/Black Camo","2XL","Men's",260,130,48]
[886785674472,"OMCW382PZ","Canada Weather Gear","Canada Weather Gear Men's Reversible Printed Sherpa Charcoal/Black Camo / M","Jackets","Charcoal/Black Camo","M","Men's",260,130,40]
[886785674489,"OMCW382PZ","Canada Weather Gear","Canada Weather Gear Men's Reversible Printed Sherpa Charcoal/Black Camo / L","Jackets","Charcoal/Black Camo","L","Men's",260,130,136]
[886785674496,"OMCW382PZ","Canada Weather Gear","Canada Weather Gear Men's Reversible Printed Sherpa Charcoal/Black Camo / XL","Jackets","Charcoal/Black Camo","XL","Men's",260,130,112]
[886785674502,null,"Canada Weather Gear","Canada Weather Gear Men's Reversible Printed Sherpa Charcoal/Black Camo / 2XL","Jackets","Charcoal/Black Camo","2XL","Men's",260,130,46]
[791390609712,"CWG879Y754","Canada Weather Gear","Canada Weather Gear Men's Sherpa Lined Full Zip Contrast Hoodie Raven/Sulphur / S","Jackets","Raven/Sulphur","S","Men's",90,45,27]
[791390609729,"CWG879Y754","Canada Weather Gear","Canada Weather Gear Men's Sherpa Lined Full Zip Contrast Hoodie Raven/Sulphur / M","Jackets","Raven/Sulphur","M","Men's",90,45,63]
[791390610473,"CWG879Y754","Canada Weather Gear","Canada Weather Gear Men's Sherpa Lined Full Zip Contrast Hoodie Raven/Sulphur / L","Jackets","Raven/Sulphur","L","Men's",90,45,162]
[791390610480,"CWG879Y754","Canada Weather Gear","Canada Weather Gear Men's Sherpa Lined Full Zip Contrast Hoodie Raven/Sulphur / XL","Jackets","Raven/Sulphur","XL","Men's",90,45,102]
[791390610497,"CWG879Y754","Canada Weather Gear","Canada Weather Gear Men's Sherpa Lined Full Zip Contrast Hoodie Raven/Sulphur / 2XL","Jackets","Raven/Sulphur","2XL","Men's",90,45,15]
[791390609651,"CWG879Y754","Canada Weather Gear","Canada Weather Gear Men's Sherpa Lined Full Zip Contrast Hoodie Vanilla Ice/Red / S","Jackets","Vanilla Ice/Red","S","Men's",90,45,27]
[791390609668,"CWG879Y754","Canada Weather Gear","Canada Weather Gear Men's Sherpa Lined Full Zip Contrast Hoodie Vanilla Ice/Red / M","Jackets","Vanilla Ice/Red","M","Men's",90,45,61]
[791390609675,"CWG879Y754","Canada Weather Gear","Canada Weather Gear Men's Sherpa Lined Full Zip Contrast Hoodie Vanilla Ice/Red / L","Jackets","Vanilla Ice/Red","L","Men's",90,45,169]
[791390609682,"CWG879Y754","Canada Weather Gear","Canada Weather Gear Men's Sherpa Lined Full Zip Contrast Hoodie Vanilla Ice/Red / XL","Jackets","Vanilla Ice/Red","XL","Men's",90,45,94]
[791390609699,"CWG879Y754","Canada Weather Gear","Canada Weather Gear Men's Sherpa Lined Full Zip Contrast Hoodie Vanilla Ice/Red / 2XL","Jackets","Vanilla Ice/Red","2XL","Men's",90,45,26]
[196730000752,"OMCW353PZ","Canada Weather Gear","Canada Weather Gear Men's Tactical Jacket Black / M","Jackets","Black","M","Men's",210,105,3]
[196730000769,"OMCW353PZ","Canada Weather Gear","Canada Weather Gear Men's Tactical Jacket Black / L","Jackets","Black","L","Men's",210,105,57]
[196730000776,"OMCW353PZ","Canada Weather Gear","Canada Weather Gear Men's Tactical Jacket Black / XL","Jackets","Black","XL","Men's",210,105,64]
[196730000783,"OMCW353","Canada Weather Gear","Canada Weather Gear Men's Tactical Jacket Black / 2XL","Jackets","Black","2XL","Men's",210,105,12]
[196730000875,"OMCW353PZ","Canada Weather Gear","Canada Weather Gear Men's Tactical Jacket Shadow / M","Jackets","Shadow","M","Men's",210,105,30]
[196730000882,"OMCW353PZ","Canada Weather Gear","Canada Weather Gear Men's Tactical Jacket Shadow / L","Jackets","Shadow","L","Men's",210,105,66]
[196730000899,"OMCW353PZ","Canada Weather Gear","Canada Weather Gear Men's Tactical Jacket Shadow / XL","Jackets","Shadow","XL","Men's",210,105,76]
[196730000905,null,"Canada Weather Gear","Canada Weather Gear Men's Tactical Jacket Shadow / 2XL","Jackets","Shadow","2XL","Men's",210,105,22]
[196730000837,"OMCW353PZ","Canada Weather Gear","Canada Weather Gear Men's Tactical Jacket Wip Brown / M","Jackets","Wip Brown","M","Men's",210,105,32]
[196730000844,"OMCW353PZ","Canada Weather Gear","Canada Weather Gear Men's Tactical Jacket Wip Brown / L","Jackets","Wip Brown","L","Men's",210,105,77]
[196730000851,"OMCW353PZ","Canada Weather Gear","Canada Weather Gear Men's Tactical Jacket Wip Brown / XL","Jackets","Wip Brown","XL","Men's",210,105,85]
[196730000868,null,"Canada Weather Gear","Canada Weather Gear Men's Tactical Jacket Wip Brown / 2XL","Jackets","Wip Brown","2XL","Men's",210,105,41]
[791390380321,"CWGL0511Y3389","Canada Weather Gear","Canada Weather Gear Women's 1/4 Zip Aztec Printed Sherpa Black/Burgundy / S","Jackets","Black/Burgundy","S","Women's",65,32.5,72]
[791390380338,"CWGL0511Y3389","Canada Weather Gear","Canada Weather Gear Women's 1/4 Zip Aztec Printed Sherpa Black/Burgundy / M","Jackets","Black/Burgundy","M","Women's",65,32.5,210]
[791390380345,"CWGL0511Y3389","Canada Weather Gear","Canada Weather Gear Women's 1/4 Zip Aztec Printed Sherpa Black/Burgundy / L","Jackets","Black/Burgundy","L","Women's",65,32.5,160]
[791390380352,"CWGL0511Y3389","Canada Weather Gear","Canada Weather Gear Women's 1/4 Zip Aztec Printed Sherpa Black/Burgundy / XL","Jackets","Black/Burgundy","XL","Women's",65,32.5,77]
[791390379905,"CWGL0511Y3390","Canada Weather Gear","Canada Weather Gear Women's 1/4 Zip Aztec Printed Sherpa White/Black/Grey / S","Jackets","White/Black/Grey","S","Women's",65,32.5,95]
[791390380277,"CWGL0511Y3390","Canada Weather Gear","Canada Weather Gear Women's 1/4 Zip Aztec Printed Sherpa White/Black/Grey / M","Jackets","White/Black/Grey","M","Women's",65,32.5,177]
[791390380284,"CWGL0511Y3390","Canada Weather Gear","Canada Weather Gear Women's 1/4 Zip Aztec Printed Sherpa White/Black/Grey / L","Jackets","White/Black/Grey","L","Women's",65,32.5,142]
[791390380291,"CWGL0511Y3390","Canada Weather Gear","Canada Weather Gear Women's 1/4 Zip Aztec Printed Sherpa White/Black/Grey / XL","Jackets","White/Black/Grey","XL","Women's",65,32.5,92]
[791390521403,"CWGL0802Y3391","Canada Weather Gear","Canada Weather Gear Women's Aztec Printed Sherpa Shacket Black/Grey/Mauve / S","Jackets","Black/Grey/Mauve","S","Women's",65,32.5,61]
[791390521465,"CWGL0802Y3391","Canada Weather Gear","Canada Weather Gear Women's Aztec Printed Sherpa Shacket Black/Grey/Mauve / M","Jackets","Black/Grey/Mauve","M","Women's",65,32.5,140]
[791390521472,"CWGL0802Y3391","Canada Weather Gear","Canada Weather Gear Women's Aztec Printed Sherpa Shacket Black/Grey/Mauve / L","Jackets","Black/Grey/Mauve","L","Women's",65,32.5,131]
[791390521489,"CWGL0802Y3391","Canada Weather Gear","Canada Weather Gear Women's Aztec Printed Sherpa Shacket Black/Grey/Mauve / XL","Jackets","Black/Grey/Mauve","XL","Women's",65,32.5,4]
[791390521298,"CWGL0802Y3390","Canada Weather Gear","Canada Weather Gear Women's Aztec Printed Sherpa Shacket White/Black/Grey / S","Jackets","White/Black/Grey","S","Women's",65,32.5,163]
[791390521304,"CWGL0802Y3390","Canada Weather Gear","Canada Weather Gear Women's Aztec Printed Sherpa Shacket White/Black/Grey / M","Jackets","White/Black/Grey","M","Women's",65,32.5,302]
[791390521366,"CWGL0802Y3390","Canada Weather Gear","Canada Weather Gear Women's Aztec Printed Sherpa Shacket White/Black/Grey / L","Jackets","White/Black/Grey","L","Women's",65,32.5,321]
[791390521373,"CWGL0802Y3390","Canada Weather Gear","Canada Weather Gear Women's Aztec Printed Sherpa Shacket White/Black/Grey / XL","Jackets","White/Black/Grey","XL","Women's",65,32.5,163]
[791390380383,"CWGL0512Y3391","Canada Weather Gear","Canada Weather Gear Women's Full Zip Aztec Printed Sherpa Black/Grey/Mauve / S","Jackets","Black/Grey/Mauve","S","Women's",65,32.5,98]
[791390380390,"CWGL0512Y3391","Canada Weather Gear","Canada Weather Gear Women's Full Zip Aztec Printed Sherpa Black/Grey/Mauve / M","Jackets","Black/Grey/Mauve","M","Women's",65,32.5,222]
[791390380406,"CWGL0512Y3391","Canada Weather Gear","Canada Weather Gear Women's Full Zip Aztec Printed Sherpa Black/Grey/Mauve / L","Jackets","Black/Grey/Mauve","L","Women's",65,32.5,188]
[791390380413,"CWGL0512Y3391","Canada Weather Gear","Canada Weather Gear Women's Full Zip Aztec Printed Sherpa Black/Grey/Mauve / XL","Jackets","Black/Grey/Mauve","XL","Women's",65,32.5,64]
[791390213421,"CWG098Y2409","Canada Weather Gear","Canada Weather Gear Women's Full Zip Printed Sherpa Jacket BL Pink/White B / S","Jackets","BL Pink/White B","S","Women's",65,32.5,91]
[791390213438,"CWG098Y2409","Canada Weather Gear","Canada Weather Gear Women's Full Zip Printed Sherpa Jacket BL Pink/White B / M","Jackets","BL Pink/White B","M","Women's",65,32.5,166]
[791390213445,"CWG098Y2409","Canada Weather Gear","Canada Weather Gear Women's Full Zip Printed Sherpa Jacket BL Pink/White B / L","Jackets","BL Pink/White B","L","Women's",65,32.5,176]
[791390213452,"CWG098Y2409","Canada Weather Gear","Canada Weather Gear Women's Full Zip Printed Sherpa Jacket BL Pink/White B / XL","Jackets","BL Pink/White B","XL","Women's",65,32.5,14]
[791390213308,"CWG098Y2407","Canada Weather Gear","Canada Weather Gear Women's Full Zip Printed Sherpa Jacket Black Grey/Cheetah / S","Jackets","Black Grey/Cheetah","S","Women's",65,32.5,20]
[791390213315,"CWG098Y2407","Canada Weather Gear","Canada Weather Gear Women's Full Zip Printed Sherpa Jacket Black Grey/Cheetah / M","Jackets","Black Grey/Cheetah","M","Women's",65,32.5,46]
[791390213322,"CWG098Y2407","Canada Weather Gear","Canada Weather Gear Women's Full Zip Printed Sherpa Jacket Black Grey/Cheetah / L","Jackets","Black Grey/Cheetah","L","Women's",65,32.5,39]
[791390213339,"CWG098Y2407","Canada Weather Gear","Canada Weather Gear Women's Full Zip Printed Sherpa Jacket Black Grey/Cheetah / XL","Jackets","Black Grey/Cheetah","XL","Women's",65,32.5,15]
[791390213360,"CWG098Y2408","Canada Weather Gear","Canada Weather Gear Women's Full Zip Printed Sherpa Jacket Black/Grey Charcoal / S","Jackets","Black/Grey Charcoal","S","Women's",65,32.5,62]
[791390213377,"CWG098Y2408","Canada Weather Gear","Canada Weather Gear Women's Full Zip Printed Sherpa Jacket Black/Grey Charcoal / M","Jackets","Black/Grey Charcoal","M","Women's",65,32.5,126]
[791390213384,"CWG098Y2408","Canada Weather Gear","Canada Weather Gear Women's Full Zip Printed Sherpa Jacket Black/Grey Charcoal / L","Jackets","Black/Grey Charcoal","L","Women's",65,32.5,118]
[791390213391,"CWG098Y2408","Canada Weather Gear","Canada Weather Gear Women's Full Zip Printed Sherpa Jacket Black/Grey Charcoal / XL","Jackets","Black/Grey Charcoal","XL","Women's",65,32.5,64]
[791390213483,"CWG098Y2409","Canada Weather Gear","Canada Weather Gear Women's Full Zip Printed Sherpa Jacket Gray/White Buffalo Plaid / S","Jackets","Gray/White Buffalo Plaid","S","Women's",65,32.5,21]
[791390213490,"CWG098Y2409","Canada Weather Gear","Canada Weather Gear Women's Full Zip Printed Sherpa Jacket Gray/White Buffalo Plaid / M","Jackets","Gray/White Buffalo Plaid","M","Women's",65,32.5,39]
[791390213506,"CWG098Y2409","Canada Weather Gear","Canada Weather Gear Women's Full Zip Printed Sherpa Jacket Gray/White Buffalo Plaid / L","Jackets","Gray/White Buffalo Plaid","L","Women's",65,32.5,23]
[791390213513,"CWG098Y2409","Canada Weather Gear","Canada Weather Gear Women's Full Zip Printed Sherpa Jacket Gray/White Buffalo Plaid / XL","Jackets","Gray/White Buffalo Plaid","XL","Women's",65,32.5,11]
[791390213247,"CWG098Y2406","Canada Weather Gear","Canada Weather Gear Women's Full Zip Printed Sherpa Jacket Rust/White Star / S","Jackets","Rust/White Star","S","Women's",65,32.5,90]
[791390213254,"CWG098Y2406","Canada Weather Gear","Canada Weather Gear Women's Full Zip Printed Sherpa Jacket Rust/White Star / M","Jackets","Rust/White Star","M","Women's",65,32.5,225]
[791390213261,"CWG098Y2406","Canada Weather Gear","Canada Weather Gear Women's Full Zip Printed Sherpa Jacket Rust/White Star / L","Jackets","Rust/White Star","L","Women's",65,32.5,197]
[791390213278,"CWG098Y2406","Canada Weather Gear","Canada Weather Gear Women's Full Zip Printed Sherpa Jacket Rust/White Star / XL","Jackets","Rust/White Star","XL","Women's",65,32.5,52]
[886785703059,null,"Canada Weather Gear","Canada Weather Gear Women's Long Puffer Black / S","Jackets","Black","S","Women's",255,127.5,10]
[886785703066,null,"Canada Weather Gear","Canada Weather Gear Women's Long Puffer Black / M","Jackets","Black","M","Women's",255,127.5,11]
[886785703073,null,"Canada Weather Gear","Canada Weather Gear Women's Long Puffer Black / L","Jackets","Black","L","Women's",255,127.5,17]
[886785703080,null,"Canada Weather Gear","Canada Weather Gear Women's Long Puffer Black / XL","Jackets","Black","XL","Women's",255,127.5,7]
[886785703097,"OLCW846PZ","Canada Weather Gear","Canada Weather Gear Women's Long Puffer Cranberry/Natural / S","Jackets","Cranberry/Natural","S","Women's",255,127.5,9]
[886785703103,"OLCW846PZ","Canada Weather Gear","Canada Weather Gear Women's Long Puffer Cranberry/Natural / M","Jackets","Cranberry/Natural","M","Women's",255,127.5,47]
[886785703110,"OLCW846PZ","Canada Weather Gear","Canada Weather Gear Women's Long Puffer Cranberry/Natural / L","Jackets","Cranberry/Natural","L","Women's",255,127.5,42]
[886785703127,"OLCW846PZ","Canada Weather Gear","Canada Weather Gear Women's Long Puffer Cranberry/Natural / XL","Jackets","Cranberry/Natural","XL","Women's",255,127.5,20]
[886785703134,"OLCW846PZ","Canada Weather Gear","Canada Weather Gear Women's Long Puffer Sand/Natural / S","Jackets","Sand/Natural","S","Women's",255,127.5,21]
[886785703141,"OLCW846PZ","Canada Weather Gear","Canada Weather Gear Women's Long Puffer Sand/Natural / M","Jackets","Sand/Natural","M","Women's",255,127.5,45]
[886785703158,"OLCW846PZ","Canada Weather Gear","Canada Weather Gear Women's Long Puffer Sand/Natural / L","Jackets","Sand/Natural","L","Women's",255,127.5,42]
[886785703165,"OLCW846PZ","Canada Weather Gear","Canada Weather Gear Women's Long Puffer Sand/Natural / XL","Jackets","Sand/Natural","XL","Women's",255,127.5,22]
[196730047382,"OLCW824PZ","Canada Weather Gear","Canada Weather Gear Women's Long Puffer with Faux Fur and Sherpa Lined Hood Blackberry/Natural / S","Jackets","Blackberry/Natural","S","Women's",245,122.5,28]
[196730047399,"OLCW824PZ","Canada Weather Gear","Canada Weather Gear Women's Long Puffer with Faux Fur and Sherpa Lined Hood Blackberry/Natural / M","Jackets","Blackberry/Natural","M","Women's",245,122.5,53]
[196730047405,"OLCW824PZ","Canada Weather Gear","Canada Weather Gear Women's Long Puffer with Faux Fur and Sherpa Lined Hood Blackberry/Natural / L","Jackets","Blackberry/Natural","L","Women's",245,122.5,55]
[196730047412,"OLCW824PZ","Canada Weather Gear","Canada Weather Gear Women's Long Puffer with Faux Fur and Sherpa Lined Hood Blackberry/Natural / XL","Jackets","Blackberry/Natural","XL","Women's",245,122.5,13]
[196730047306,"OLCW824PZ","Canada Weather Gear","Canada Weather Gear Women's Long Puffer with Faux Fur and Sherpa Lined Hood Pink Haze/Natural / S","Jackets","Pink Haze/Natural","S","Women's",245,122.5,28]
[196730047313,"OLCW824PZ","Canada Weather Gear","Canada Weather Gear Women's Long Puffer with Faux Fur and Sherpa Lined Hood Pink Haze/Natural / M","Jackets","Pink Haze/Natural","M","Women's",245,122.5,54]
[196730047320,"OLCW824PZ","Canada Weather Gear","Canada Weather Gear Women's Long Puffer with Faux Fur and Sherpa Lined Hood Pink Haze/Natural / L","Jackets","Pink Haze/Natural","L","Women's",245,122.5,45]
[196730047337,"OLCW824PZ","Canada Weather Gear","Canada Weather Gear Women's Long Puffer with Faux Fur and Sherpa Lined Hood Pink Haze/Natural / XL","Jackets","Pink Haze/Natural","XL","Women's",245,122.5,8]
[196730047344,"OLCW824PZ","Canada Weather Gear","Canada Weather Gear Women's Long Puffer with Faux Fur and Sherpa Lined Hood Red/Natural / S","Jackets","Red/Natural","S","Women's",245,122.5,28]
[196730047351,"OLCW824PZ","Canada Weather Gear","Canada Weather Gear Women's Long Puffer with Faux Fur and Sherpa Lined Hood Red/Natural / M","Jackets","Red/Natural","M","Women's",245,122.5,54]
[196730047368,"OLCW824PZ","Canada Weather Gear","Canada Weather Gear Women's Long Puffer with Faux Fur and Sherpa Lined Hood Red/Natural / L","Jackets","Red/Natural","L","Women's",245,122.5,54]
[196730047375,"OLCW824PZ","Canada Weather Gear","Canada Weather Gear Women's Long Puffer with Faux Fur and Sherpa Lined Hood Red/Natural / XL","Jackets","Red/Natural","XL","Women's",245,122.5,16]
[196730047467,"OLCW824PZ","Canada Weather Gear","Canada Weather Gear Women's Long Puffer with Faux Fur and Sherpa Lined Hood White/Natural / S","Jackets","White/Natural","S","Women's",245,122.5,8]
[196730047474,"OLCW824PZ","Canada Weather Gear","Canada Weather Gear Women's Long Puffer with Faux Fur and Sherpa Lined Hood White/Natural / M","Jackets","White/Natural","M","Women's",245,122.5,38]
[196730047481,"OLCW824PZ","Canada Weather Gear","Canada Weather Gear Women's Long Puffer with Faux Fur and Sherpa Lined Hood White/Natural / L","Jackets","White/Natural","L","Women's",245,122.5,42]
[196730047498,"OLCW824PZ","Canada Weather Gear","Canada Weather Gear Women's Long Puffer with Faux Fur and Sherpa Lined Hood White/Natural / XL","Jackets","White/Natural","XL","Women's",245,122.5,15]
[886785685614,"OLCW843PZ","Canada Weather Gear","Canada Weather Gear Women's 2 in 1 System Long Puffer Black / S","Jackets","Black","S","Women's",245,122.5,19]
[886785685621,"OLCW843PZ","Canada Weather Gear","Canada Weather Gear Women's 2 in 1 System Long Puffer Black / M","Jackets","Black","M","Women's",245,122.5,33]
[886785685638,"OLCW843PZ","Canada Weather Gear","Canada Weather Gear Women's 2 in 1 System Long Puffer Black / L","Jackets","Black","L","Women's",245,122.5,30]
[886785685645,"OLCW843PZ","Canada Weather Gear","Canada Weather Gear Women's 2 in 1 System Long Puffer Black / XL","Jackets","Black","XL","Women's",245,122.5,3]
[886785685652,"OLCW843PZ","Canada Weather Gear","Canada Weather Gear Women's 2 in 1 System Long Puffer Blackberry Wine / S","Jackets","Blackberry Wine","S","Women's",245,122.5,22]
[886785685669,"OLCW843PZ","Canada Weather Gear","Canada Weather Gear Women's 2 in 1 System Long Puffer Blackberry Wine / M","Jackets","Blackberry Wine","M","Women's",245,122.5,42]
[886785685676,"OLCW843PZ","Canada Weather Gear","Canada Weather Gear Women's 2 in 1 System Long Puffer Blackberry Wine / L","Jackets","Blackberry Wine","L","Women's",245,122.5,42]
[886785685683,"OLCW843PZ","Canada Weather Gear","Canada Weather Gear Women's 2 in 1 System Long Puffer Blackberry Wine / XL","Jackets","Blackberry Wine","XL","Women's",245,122.5,17]
[196730075866,"OLCW780PZ","Canada Weather Gear","Canada Weather Gear Women's Long Puffer with Faux Fur Trim Hood Dusty Rose / S","Jackets","Dusty Rose","S","Women's",245,122.5,9]
[196730075873,"OLCW780PZ","Canada Weather Gear","Canada Weather Gear Women's Long Puffer with Faux Fur Trim Hood Dusty Rose / M","Jackets","Dusty Rose","M","Women's",245,122.5,43]
[196730075880,"OLCW780PZ","Canada Weather Gear","Canada Weather Gear Women's Long Puffer with Faux Fur Trim Hood Dusty Rose / L","Jackets","Dusty Rose","L","Women's",245,122.5,44]
[196730075897,"OLCW780PZ","Canada Weather Gear","Canada Weather Gear Women's Long Puffer with Faux Fur Trim Hood Dusty Rose / XL","Jackets","Dusty Rose","XL","Women's",245,122.5,11]
[196730075828,"OLCW780PZ","Canada Weather Gear","Canada Weather Gear Women's Long Puffer with Faux Fur Trim Hood Pecan / S","Jackets","Pecan","S","Women's",245,122.5,21]
[196730075835,"OLCW780PZ","Canada Weather Gear","Canada Weather Gear Women's Long Puffer with Faux Fur Trim Hood Pecan / M","Jackets","Pecan","M","Women's",245,122.5,41]
[196730075842,"OLCW780PZ","Canada Weather Gear","Canada Weather Gear Women's Long Puffer with Faux Fur Trim Hood Pecan / L","Jackets","Pecan","L","Women's",245,122.5,44]
[196730075859,"OLCW780PZ","Canada Weather Gear","Canada Weather Gear Women's Long Puffer with Faux Fur Trim Hood Pecan / XL","Jackets","Pecan","XL","Women's",245,122.5,14]
[196730075781,"OLCW780PZ","Canada Weather Gear","Canada Weather Gear Women's Long Puffer with Faux Fur Trim Hood Teal Ocean / S","Jackets","Teal Ocean","S","Women's",245,122.5,17]
[196730075798,"OLCW780PZ","Canada Weather Gear","Canada Weather Gear Women's Long Puffer with Faux Fur Trim Hood Teal Ocean / M","Jackets","Teal Ocean","M","Women's",245,122.5,41]
[196730075804,"OLCW780PZ","Canada Weather Gear","Canada Weather Gear Women's Long Puffer with Faux Fur Trim Hood Teal Ocean / L","Jackets","Teal Ocean","L","Women's",245,122.5,40]
[196730075811,"OLCW780PZ","Canada Weather Gear","Canada Weather Gear Women's Long Puffer with Faux Fur Trim Hood Teal Ocean / XL","Jackets","Teal Ocean","XL","Women's",245,122.5,14]
[196730083007,"OLCW743PZ","Canada Weather Gear","Canada Weather Gear Women's Parka with Faux Fur Trim Hooded Black / S","Jackets","Black","S","Women's",300,150,12]
[196730083014,"OLCW743PZ","Canada Weather Gear","Canada Weather Gear Women's Parka with Faux Fur Trim Hooded Black / M","Jackets","Black","M","Women's",300,150,18]
[196730083021,"OLCW743PZ","Canada Weather Gear","Canada Weather Gear Women's Parka with Faux Fur Trim Hooded Black / L","Jackets","Black","L","Women's",300,150,19]
[196730083038,"OLCW743PZ","Canada Weather Gear","Canada Weather Gear Women's Parka with Faux Fur Trim Hooded Black / XL","Jackets","Black","XL","Women's",300,150,11]
[196730083083,"OLCW743PZ","Canada Weather Gear","Canada Weather Gear Women's Parka with Faux Fur Trim Hooded Pink Haze / S","Jackets","Pink Haze","S","Women's",300,150,10]
[196730083090,"OLCW743PZ","Canada Weather Gear","Canada Weather Gear Women's Parka with Faux Fur Trim Hooded Pink Haze / M","Jackets","Pink Haze","M","Women's",300,150,23]
[196730083106,"OLCW743PZ","Canada Weather Gear","Canada Weather Gear Women's Parka with Faux Fur Trim Hooded Pink Haze / L","Jackets","Pink Haze","L","Women's",300,150,23]
[196730083113,"OLCW743PZ","Canada Weather Gear","Canada Weather Gear Women's Parka with Faux Fur Trim Hooded Pink Haze / XL","Jackets","Pink Haze","XL","Women's",300,150,11]
[196730083045,"OLCW743PZ","Canada Weather Gear","Canada Weather Gear Women's Parka with Faux Fur Trim Hooded White / S","Jackets","White","S","Women's",300,150,23]
[196730083052,"OLCW743PZ","Canada Weather Gear","Canada Weather Gear Women's Parka with Faux Fur Trim Hooded White / M","Jackets","White","M","Women's",300,150,24]
[196730083069,"OLCW743PZ","Canada Weather Gear","Canada Weather Gear Women's Parka with Faux Fur Trim Hooded White / L","Jackets","White","L","Women's",300,150,48]
[196730083076,"OLCW743PZ","Canada Weather Gear","Canada Weather Gear Women's Parka with Faux Fur Trim Hooded White / XL","Jackets","White","XL","Women's",300,150,12]
[196730031374,"OLCW817PZ","Canada Weather Gear","Canada Weather Gear Women's Softshell Anorak with Faux Fur Trim Hood Cranberry/Natural / S","Jackets","Cranberry/Natural","S","Women's",210,105,8]
[196730031381,"OLCW817PZ","Canada Weather Gear","Canada Weather Gear Women's Softshell Anorak with Faux Fur Trim Hood Cranberry/Natural / M","Jackets","Cranberry/Natural","M","Women's",210,105,21]
[196730031398,"OLCW817PZ","Canada Weather Gear","Canada Weather Gear Women's Softshell Anorak with Faux Fur Trim Hood Cranberry/Natural / L","Jackets","Cranberry/Natural","L","Women's",210,105,19]
[196730031404,"OLCW817PZ","Canada Weather Gear","Canada Weather Gear Women's Softshell Anorak with Faux Fur Trim Hood Cranberry/Natural / XL","Jackets","Cranberry/Natural","XL","Women's",210,105,16]
[196730031411,"OLCW817PZ","Canada Weather Gear","Canada Weather Gear Women's Softshell Anorak with Faux Fur Trim Hood Peacock/Natural / S","Jackets","Peacock/Natural","S","Women's",210,105,10]
[196730031428,"OLCW817PZ","Canada Weather Gear","Canada Weather Gear Women's Softshell Anorak with Faux Fur Trim Hood Peacock/Natural / M","Jackets","Peacock/Natural","M","Women's",210,105,23]
[196730031435,"OLCW817PZ","Canada Weather Gear","Canada Weather Gear Women's Softshell Anorak with Faux Fur Trim Hood Peacock/Natural / L","Jackets","Peacock/Natural","L","Women's",210,105,21]
[196730031442,"OLCW817PZ","Canada Weather Gear","Canada Weather Gear Women's Softshell Anorak with Faux Fur Trim Hood Peacock/Natural / XL","Jackets","Peacock/Natural","XL","Women's",210,105,5]

{"sheet":"Reebok","index":4,"n_rows":23,"n_cols":12,"rows_kept":23,"cut":false,"hidden":false,"merged":[]}
["UPC","PART #","Brand","Item","Category","Color","Size","Gender","MSRP","Wholesale Cost","ITEM QUANTITY","Image"]
[196096616451,"OMRB1012PZ","Reebok","Reebok Men's Puffer Jacket Blue/Black / S","Jackets","Blue/Black","S","Men's",180,90,183]
[196096616468,"OMRB1012PZ","Reebok","Reebok Men's Puffer Jacket Blue/Black / M","Jackets","Blue/Black","M","Men's",180,90,182]
[196096616475,"OMRB1012PZ","Reebok","Reebok Men's Puffer Jacket Blue/Black / L","Jackets","Blue/Black","L","Men's",180,90,378]
[196096616482,"OMRB1012PZ","Reebok","Reebok Men's Puffer Jacket Blue/Black / XL","Jackets","Blue/Black","XL","Men's",180,90,392]
[196096616499,"OMRB1012PZ","Reebok","Reebok Men's Puffer Jacket Blue/Black / 2XL","Jackets","Blue/Black","2XL","Men's",180,90,189]
[196096616512,"OMRB1012PZ","Reebok","Reebok Men's Puffer Jacket Grey Halftone Camo / S","Jackets","Grey Halftone Camo","S","Men's",180,90,324]
[196096616529,"OMRB1012PZ","Reebok","Reebok Men's Puffer Jacket Grey Halftone Camo / M","Jackets","Grey Halftone Camo","M","Men's",180,90,210]
[196096616536,"OMRB1012PZ","Reebok","Reebok Men's Puffer Jacket Grey Halftone Camo / L","Jackets","Grey Halftone Camo","L","Men's",180,90,465]
[196096616543,"OMRB1012PZ","Reebok","Reebok Men's Puffer Jacket Grey Halftone Camo / XL","Jackets","Grey Halftone Camo","XL","Men's",180,90,489]
[196096616550,"OMRB1012PZ","Reebok","Reebok Men's Puffer Jacket Grey Halftone Camo / 2XL","Jackets","Grey Halftone Camo","2XL","Men's",180,90,262]
[196096736999,"OLRB483PZ","Reebok","Reebok Women's Puffer Jacket Black / S","Jackets","Black","S","Women's",145,72.5,553]
[196096737002,"OLRB483PZ","Reebok","Reebok Women's Puffer Jacket Black / M","Jackets","Black","M","Women's",145,72.5,1216]
[196096737019,"OLRB483PZ","Reebok","Reebok Women's Puffer Jacket Black / L","Jackets","Black","L","Women's",145,72.5,1206]
[196096737026,"OLRB483PZ","Reebok","Reebok Women's Puffer Jacket Black / XL","Jackets","Black","XL","Women's",145,72.5,524]
[196096736708,"OLRB483PZ","Reebok","Reebok Women's Sherpa Hood Puffer Jacket Dark Dusty Rose / S","Jackets","Dark Dusty Rose","S","Women's",165,82.5,265]
[196096736715,"OLRB483PZ","Reebok","Reebok Women's Sherpa Hood Puffer Jacket Dark Dusty Rose / M","Jackets","Dark Dusty Rose","M","Women's",165,82.5,532]
[196096736722,"OLRB483PZ","Reebok","Reebok Women's Sherpa Hood Puffer Jacket Dark Dusty Rose / L","Jackets","Dark Dusty Rose","L","Women's",165,82.5,666]
[196096736739,"OLRB483PZ","Reebok","Reebok Women's Sherpa Hood Puffer Jacket Dark Dusty Rose / XL","Jackets","Dark Dusty Rose","XL","Women's",165,82.5,236]
[196096736791,"OLRB483PZ","Reebok","Reebok Women's Sherpa Hood Puffer Jacket Peacock / S","Jackets","Peacock","S","Women's",165,82.5,253]
[196096736807,"OLRB483PZ","Reebok","Reebok Women's Sherpa Hood Puffer Jacket Peacock / M","Jackets","Peacock","M","Women's",165,82.5,467]
[196096736814,"OLRB483PZ","Reebok","Reebok Women's Sherpa Hood Puffer Jacket Peacock / L","Jackets","Peacock","L","Women's",165,82.5,501]
[196096736821,"OLRB483PZ","Reebok","Reebok Women's Sherpa Hood Puffer Jacket Peacock / XL","Jackets","Peacock","XL","Women's",165,82.5,208]

{"sheet":"Puma","index":5,"n_rows":30,"n_cols":12,"rows_kept":30,"cut":false,"hidden":false,"merged":[]}
["UPC","PART #","Brand","Item","Category","Color","Size","Gender","MSRP","Wholesale Cost","ITEM QUANTITY","Image"]
[193524328429,582009,"PUMA","PUMA Men's Ace Windbreaker PUMA Black/Quiet Shade / XS","Jackets","PUMA Black/Quiet Shade","XS","Men's",69,34.5,43]
[193524328412,582009,"PUMA","PUMA Men's Ace Windbreaker PUMA Black/Quiet Shade / S","Jackets","PUMA Black/Quiet Shade","S","Men's",69,34.5,53]
[193524328368,582009,"PUMA","PUMA Men's Ace Windbreaker PUMA Black/Quiet Shade / XL","Jackets","PUMA Black/Quiet Shade","XL","Men's",69,34.5,62]
[193524328375,582009,"PUMA","PUMA Men's Ace Windbreaker PUMA Black/Quiet Shade / 2XL","Jackets","PUMA Black/Quiet Shade","2XL","Men's",69,34.5,108]
[193524328382,582009,"PUMA","PUMA Men's Ace Windbreaker PUMA Black/Quiet Shade / 3XL","Jackets","PUMA Black/Quiet Shade","3XL","Men's",69,34.5,26]
[193524299422,596806,"PUMA","PUMA Men's Fairway Golf Full-Zip PUMA Black / S","Jackets","PUMA Black","S","Men's",59.99,30,101]
[193524299415,596806,"PUMA","PUMA Men's Fairway Golf Full-Zip PUMA Black / M","Jackets","PUMA Black","M","Men's",59.99,30,443]
[193524299453,596806,"PUMA","PUMA Men's Fairway Golf Full-Zip PUMA Black / L","Jackets","PUMA Black","L","Men's",59.99,30,853]
[193524299460,596806,"PUMA","PUMA Men's Fairway Golf Full-Zip PUMA Black / XL","Jackets","PUMA Black","XL","Men's",59.99,30,430]
[193524299477,596806,"PUMA","PUMA Men's Fairway Golf Full-Zip PUMA Black / 2XL","Jackets","PUMA Black","2XL","Men's",59.99,30,421]
[193524299484,596806,"PUMA","PUMA Men's Fairway Golf Full-Zip PUMA Black / 3XL","Jackets","PUMA Black","3XL","Men's",59.99,30,113]
[193524299491,596806,"PUMA","PUMA Men's Fairway Golf Full-Zip PUMA Black / 4XL","Jackets","PUMA Black","4XL","Men's",59.99,30,68]
[193524299521,596806,"PUMA","PUMA Men's Fairway Golf Full-Zip Quiet Shade / S","Jackets","Quiet Shade","S","Men's",59.99,30,140]
[193524299514,596806,"PUMA","PUMA Men's Fairway Golf Full-Zip Quiet Shade / M","Jackets","Quiet Shade","M","Men's",59.99,30,368]
[193524299552,596806,"PUMA","PUMA Men's Fairway Golf Full-Zip Quiet Shade / L","Jackets","Quiet Shade","L","Men's",59.99,30,754]
[193524299569,596806,"PUMA","PUMA Men's Fairway Golf Full-Zip Quiet Shade / XL","Jackets","Quiet Shade","XL","Men's",59.99,30,755]
[193524299576,596806,"PUMA","PUMA Men's Fairway Golf Full-Zip Quiet Shade / 2XL","Jackets","Quiet Shade","2XL","Men's",59.99,30,358]
[193524299583,596806,"PUMA","PUMA Men's Fairway Golf Full-Zip Quiet Shade / 3XL","Jackets","Quiet Shade","3XL","Men's",59.99,30,131]
[193524299590,596806,"PUMA","PUMA Men's Fairway Golf Full-Zip Quiet Shade / 4XL","Jackets","Quiet Shade","4XL","Men's",59.99,30,100]
[193524311803,597160,"PUMA","PUMA Women's Fairway Full Zip PUMA Black / M","Jackets","PUMA Black","M","Women's",65,32.5,16]
[193524311827,597160,"PUMA","PUMA Women's Fairway Full Zip PUMA Black / L","Jackets","PUMA Black","L","Women's",65,32.5,46]
[193524311834,597160,"PUMA","PUMA Women's Fairway Full Zip PUMA Black / XL","Jackets","PUMA Black","XL","Women's",65,32.5,44]
[193524311841,597160,"PUMA","PUMA Women's Fairway Full Zip PUMA Black / 2XL","Jackets","PUMA Black","2XL","Women's",65,32.5,18]
[193524311858,597160,"PUMA","PUMA Women's Fairway Full Zip PUMA Black / 3XL","Jackets","PUMA Black","3XL","Women's",65,32.5,8]
[193524311896,"597160-02","PUMA","PUMA Women's Fairway Full Zip Quiet Shade / M","Jackets","Quiet Shade","M","Women's",65,32.5,13]
[193524311926,597160,"PUMA","PUMA Women's Fairway Full Zip Quiet Shade / L","Jackets","Quiet Shade","L","Women's",65,32.5,45]
[193524311933,597160,"PUMA","PUMA Women's Fairway Full Zip Quiet Shade / XL","Jackets","Quiet Shade","XL","Women's",65,32.5,45]
[193524311940,597160,"PUMA","PUMA Women's Fairway Full Zip Quiet Shade / 2XL","Jackets","Quiet Shade","2XL","Women's",65,32.5,130]
[193524311957,597160,"PUMA","PUMA Women's Fairway Full Zip Quiet Shade / 3XL","Jackets","Quiet Shade","3XL","Women's",65,32.5,12]